{"text_format":"2","workbook":"xlsx","n_sheets":15,"sheets":["Open","Senior","Adult","Youth","Derby","High Stakes","Futurity","12 & Under","Future Champs","BFA 2D Payout","2D Payout","3D Payout","4D Payout BBR","5D Payout BBR","DON'T TOUCH"],"not_rendered":{"charts":0,"images":0,"macros":0,"external_links":0,"defined_names":6,"comments":0,"pivot_tables":0},"unopened":[],"bounds":{"document_bytes":16777216,"sheet_cells":100000,"run_cost":"one","rows_first":2000,"rows_last":500,"rows_between":2000,"halvings":0,"cell_chars":16384,"cell_head_chars":4096},"cells_cut":0,"cells_raw":0,"read":"whole","date_system":"1900"}

{"sheet":"Open","index":0,"n_rows":503,"n_cols":18,"rows_kept":503,"cut":false,"hidden":false,"merged":[[1,0,1,13],[0,0,0,13],[13,15,13,16],[15,15,15,16],[16,15,16,16],[2,15,2,16],[9,15,9,16],[10,15,10,16],[12,15,12,16]]}
[]
["Cube It 2021 Best Cube In Business"]
["FUT","DER","Age Inc","HS","Y/co","Youth","Draw","Rider Name","Horse Name","Pen","Time","Final Time","Placing","Money Earned",null,"D Placing",null,"Split"]
[null,null,"A","X",null,null,128,"Mindy Holloway","Heavens Got Credit",null,15.706,null,"1D 1st",974,null,"1D"]
[{"$nulls":6},142,"Danyelle Campbell","Scoop",null,15.864000000000001,null,"1D 2nd",797,null,"2D",{"$f":"SUM(Q4+0.5)","v":0.5},0.5]
[null,"X",{"$nulls":4},28,"Maddy Tucker","CE Fire Down Below",null,15.867000000000001,null,"1D 3rd",590,null,"3D",{"$f":"SUM(Q4+1)","v":1},0.5]
[{"$nulls":6},35,"Ashley Schafer","Boons French Angel",null,15.91,null,"1D 4th",384,null,"4D",{"$f":"SUM(Q4+1.5)","v":1.5},0.5]
[{"$nulls":6},141,"Ryan Reynolds","One Slick Darlin",null,15.922000000000001,null,"1D 5th",207,null,"5D",{"$f":"SUM(Q4+2)","v":2},0.5]
[null,null,"A","X",null,null,138,"Autumn Woodruff","Raw Firepower",null,15.978999999999999]
[null,null,"S",null,null,null,87,"Lisa Wernli","Flashs Fine Effort",null,15.993,{"$nulls":4},"# Entered"]
[{"$nulls":6},194,"Haley Hughes","Margarita Red Rita",null,15.997,{"$nulls":4},{"$f":"COUNTA(H4:H503)","v":201}]
[{"$nulls":4},"X","X",187,"Bayleigh Choate","Imachocojinglejangle",null,16]
[{"$nulls":6},51,"Hailey Kinsel","Thunder Stones",null,16.032,{"$nulls":4},"# Ran"]
[{"$nulls":6},157,"Riley Fountain","Royal Dame Ta Fame",null,16.036000000000001,{"$nulls":4},{"$f":"COUNTA(K4:K503)","v":201}]
[null,null,"S",null,null,null,91,"Becky Dillard","Wow Shes Hot",null,16.048999999999999]
[null,"X",{"$nulls":4},70,"Lacy Billingsley","Pv Watchmeneighneigh",null,16.059999999999999,{"$nulls":4},"# Left"]
["X",{"$nulls":5},25,"Kelsey Treharne","AintGotNothinOnMe",null,16.082999999999998,{"$nulls":4},{"$f":"$P$11-$P$14","v":0}]
["X",{"$nulls":5},52,"Kelly Mancinelli","Justa Dash Of Eddie",null,16.085999999999999]
[{"$nulls":6},2,"Kelsey Treharne","Fast Like Heaven",null,16.103999999999999]
[null,"X",{"$nulls":4},13,"Lauren Merica","Gogo Romeo",null,16.138000000000002]
[{"$nulls":6},20,"Kathy Fields","Regarding Numbers",null,16.14]
[{"$nulls":6},18,"Jennifer Burgess","IfiwasUIdwannaBeMe 2",null,16.140999999999998]
[{"$nulls":6},170,"Natalie Bland","Bayou A cold One",null,16.148]
[{"$nulls":6},176,"Lane Hadley","Steel",null,16.18]
["X",{"$nulls":5},11,"Billie Ann Harmon","Boots Too Quick",null,16.189]
[{"$nulls":4},"X","X",183,"Lucas Sad","Fate",null,16.190999999999999]
["X",{"$nulls":5},44,"Kelsey Treharne","TR Lying Badger",null,16.216000000000001,null,"2D 1st",812]
[null,null,"A",null,null,null,67,"Jennifer Cullen","HLC Pretty Lil Sugar",null,16.218,null,"2D 2nd",664]
[null,"X",{"$nulls":4},85,"Hailey Kinsel","Viva La Corona",null,16.219000000000001,null,"2D 3rd",492]
[{"$nulls":6},16,"Hailey Kinsel","Corona Share Of Fame",null,16.222000000000001,null,"2D 4th",320]
[null,null,"A",null,null,null,24,"Kylee Scribner","Badger A Conchadrift",null,16.234999999999999,null,"2D 5th",172]
[{"$nulls":6},162,"Jax Johnson","Kiss Me Bill Compton",null,16.239999999999998]
[null,null,"A",null,null,null,153,"Kali Carpenter","I Do 123",null,16.271999999999998]
[{"$nulls":6},53,"Cheyenne Harris","One Blazin Fire",null,16.274000000000001]
["X",{"$nulls":5},161,"Ryann Pedone","Great Under Pressure",null,16.280999999999999]
[null,null,"S",null,null,null,171,"Donna Tippen","Check Me Out Guys",null,16.295999999999999]
[{"$nulls":6},208,"Natalie Bland","Sage",null,16.303000000000001]
[{"$nulls":6},148,"Christina Dusendang","For Fame and Bullion",null,16.329000000000001]
[{"$nulls":6},88,"Kelly Mancinelli","EoTresMentiras",null,16.332999999999998]
[{"$nulls":6},62,"Kelsey Treharne","Charming French Guy",null,16.338000000000001]
[{"$nulls":6},83,"Kelsey Treharne","Liquid Courage 72",null,16.347000000000001]
[{"$nulls":6},204,"Brooke Hickey","Zeke",null,16.370999999999999]
[null,"X","A",null,null,null,30,"Jennifer Cullen","Chasin Annies Fame",null,16.373000000000001]
[null,null,"S",null,null,null,139,"Gena Franklin","SS StreakyMe",null,16.373999999999999]
["X",{"$nulls":5},132,"Ryann Pedone","Pressured By Destiny",null,16.46]
[{"$nulls":6},9,"Samantha Hanna","Dashing By You",null,16.478000000000002]
[null,"X","S",null,null,null,33,"Kathy Rush","JL Twisted Roc",null,16.478000000000002]
[null,null,"S",null,null,null,123,"Lisa Wernli","Babe On The Run",null,16.478999999999999]
[null,null,"S",null,null,null,113,"Lynn Saunders","Chumly",null,16.497]
[{"$nulls":6},76,"Tori Volk","CN Holy Cow",null,16.518000000000001]
[{"$nulls":6},107,"Mandi Cleveland","Little Bit Of Load",null,16.518999999999998]
[{"$nulls":6},130,"Jax Johnson","LR Design To Win",null,16.524000000000001]
[null,"X",{"$nulls":4},6,"Ryann Pedone","Dash Ta Perfection",null,16.527999999999999]
[{"$nulls":6},118,"Chelsea Young","Bogies French Hen",null,16.553000000000001]
[{"$nulls":6},135,"Sierra Scott","Memo",null,16.568999999999999]
[{"$nulls":6},77,"Kylena Hager ","Bar B Firewatersteel",null,16.574999999999999]
[null,null,"A",null,null,null,131,"Madison Smith","Catty Kitty",null,16.579999999999998]
[{"$nulls":6},94,"Josianne St-Cry","Down The Wire",null,16.581]
[{"$nulls":6},97,"Ashley Schafer","Famous First Flight",null,16.596]
[{"$nulls":6},49,"Brooke Sully","Ez Shake Em",null,16.600000000000001]
["X",null,null,null,"X","X",206,"Bayleigh Choate","TJR Stinson Blue",null,16.602]
["X",null,"A",null,null,null,81,"Jamie Wilson","French Cinnamon",null,16.62]
[{"$nulls":6},147,"Lacey Harmon","Mended Heart",null,16.623000000000001]
[{"$nulls":6},193,"Jax Johnson","Kingdoms Royal Flush",null,16.628]
["X",{"$nulls":5},4,"Lexi Peaden","Zoned In",null,16.64]
[{"$nulls":6},27,"Lacy Billingsley","PV Sippin On Fire",null,16.655999999999999]
[{"$nulls":6},46,"Lisa Jo Velliquette","Namgis D 44",null,16.658999999999999]
[null,null,"S",null,null,null,96,"Jodi Stovall","Miss French Drifter",null,16.672999999999998]
[{"$nulls":6},137,"Georgia Perkins","Prada",null,16.681000000000001]
[null,null,"S",null,null,null,22,"Dee Dee Jordan","Fame Flingin Rebel",null,16.684000000000001]
[{"$nulls":6},1,"Kyra Boling","Shesa Heaven Sent",null,16.698]
[{"$nulls":6},5,"Josianne St-Cry","B",null,16.702000000000002]
[{"$nulls":6},78,"Michayla Schmitt","KN Fabulous On Tap",null,16.71,null,"3D 1st",710]
[null,null,"S",null,null,null,101,"Pat Oates","Holy Fire N Money",null,16.718,null,"3D 2nd",581]
[{"$nulls":6},7,"Casey Hammons","BH Trip Ta Fame",null,16.727,null,"3D 3rd",430]
[null,null,"A",null,null,null,179,"Olivia Robinson","Im Fine Your Mine",null,16.736999999999998,null,"3D 4th",280]
[{"$nulls":6},127,"Ashley Schafer","Famous Storm Chaser",null,16.741,null,"3D 5th tie",76]
[null,null,"A",null,null,null,151,"Caitlyn Schievink","KN Mojito Over Rocks",null,16.741,null,"3D 5th tie",76]
[null,null,"A",null,null,null,89,"Mindy Holloway","First Rappin Judge",null,16.742999999999999]
[{"$nulls":4},"X","X",134,"Marli Donegan","Just The Way You Are",null,16.751999999999999]
[{"$nulls":4},"X","X",144,"Delaney Denham","Lil Man",null,16.754000000000001]
[{"$nulls":6},125,"Lacey Harmon","Red Ryan Red Ryon",null,16.765999999999998]
[null,"X",null,null,"X","X",55,"Cienna Jacobsen","Straight Up Smooth",null,16.776]
[{"$nulls":6},43,"Kylena Hager ","Stolis Tipsy Gypsy",null,16.815000000000001]
[{"$nulls":6},71,"Raney Nelson","Stonee Bug Leo",null,16.838000000000001]
[{"$nulls":6},133,"Abby Fields","Dashin In My Bugatti",null,16.856999999999999]
[{"$nulls":6},99,"Sara Reed",null,null,16.861000000000001]
[null,null,"A",null,null,null,211,"Marka Genz","Shakem Fantabulos",null,16.875]
["X",null,"A",null,null,null,181,"Corbin Pinyan","SF No Speed Limit",null,16.902999999999999]
[{"$nulls":6},186,"Ashley Schafer","Heads Up Gorgeous",null,16.905000000000001]
[null,null,"A",null,null,null,80,"Maddie Dewberry","Flights Quick Chick",null,16.940999999999999]
[{"$nulls":6},105,"Aeriel Eggers","SN Apollo",null,16.956]
[{"$nulls":6},15,"Kelly Mancinelli","Nicks Twister",null,16.974]
[null,null,null,"X",null,null,93,"Kaitlin Schuck","Dejons Fame",null,16.992999999999999]
[{"$nulls":6},56,"Jennifer Burgess","Streakin Dynamo",null,17.001999999999999]
[{"$nulls":6},74,"Roberta Chott","Guys Hot Frost",null,17.001999999999999]
[null,null,"A",null,null,null,155,"Hailey Britton","Roany",null,17.010000000000002]
[null,null,"S",null,null,null,146,"Dawn Fryar","Special Bid of Frost",null,17.050999999999998]
[null,null,"S",null,null,null,164,"Martha Smith","Can I Get A Hallelujah",null,17.068999999999999]
[{"$nulls":6},116,"Ella Barch","Drop Dead Red",null,17.07]
[{"$nulls":6},172,"Emily Necaise","Black",null,17.07]
[{"$nulls":6},112,"Patty Ralls","Double Down Stinson",null,17.082000000000001]
[{"$nulls":6},207,"Corbin Pinyan",null,null,17.100000000000001]
[null,null,"A",null,null,null,109,"Jenna Beck","Smokem Doc Frenchman",null,17.12]
[{"$nulls":4},"X","X",102,"Madeleine Moll","GearEm Up Nic",null,17.123999999999999]
[{"$nulls":6},177,"Brooke Hickey","Victor",null,17.148]
[{"$nulls":6},26,"Camelia Jenkins","Trigger",null,17.164999999999999]
[null,null,"A",null,null,null,166,"Haley Hughes","American Makever",null,17.18]
[{"$nulls":6},129,"Allison Humphrey","Tom Streakin Brady",null,17.222999999999999,null,"4D 1st",487]
[{"$nulls":6},31,"Liz Gundersen","Spinnin Cookies",null,17.228999999999999,null,"4D 2nd",399]
[{"$nulls":6},10,"Kylena Hager ","Excuse My French",null,17.245999999999999,null,"4D 3rd",295]
[{"$nulls":6},188,"Riley Fountain","Dixee Land Deelite",null,17.248000000000001,"X","4D 4th",192]
["X",{"$nulls":5},100,"Ryann Pedone","Rivons Mr America",null,17.306999999999999,null,"4D 5th",103]
[{"$nulls":4},"X","X",180,"Rylee Singleton","Impulse",null,17.315000000000001]
[null,null,"A",null,null,null,120,"Jessica Mullens","Doc Eyed Fame",null,17.323]
[{"$nulls":5},"X",156,"Madie Bond","Frosted In Dreams",null,17.327999999999999]
[{"$nulls":6},178,"Tammy Hickey","Rosa",null,17.332000000000001]
["X",{"$nulls":5},8,"Kyle Etchart","Hez Got A Caboose",null,17.344000000000001]
[{"$nulls":6},150,"Amber Brown","Brownie",null,17.373000000000001]
[{"$nulls":6},90,"Madison Smith","Coronas Best",null,17.417000000000002]
[{"$nulls":6},106,"Chelan Pimentel","Guys Minnie Jet",null,17.422000000000001]
[null,null,"S",null,null,null,126,"Martha Smith","My Epic Moment",null,17.466999999999999]
["X",{"$nulls":5},174,"Danyelle Campbell","Cappy",null,17.475999999999999]
[null,null,"S",null,null,null,48,"Jo Kirby","Shez Fast For Cash",null,17.495000000000001]
[{"$nulls":6},169,"Nicole Bronsan","Jingle Bob Chex",null,17.495999999999999]
[{"$nulls":6},58,"Debra Cooper",null,null,17.507999999999999]
[null,null,"S",null,null,null,41,"Carole Lynn Newsome","Pistol",null,17.510999999999999]
[{"$nulls":6},111,"Nicole Stageman","Me Texann Firewater",null,17.510999999999999]
[{"$nulls":6},199,"Corbin Pinyan",null,null,17.552]
[{"$nulls":6},42,"Tana LeBree","Mississippi Slick",null,17.559999999999999]
[{"$nulls":6},50,"Kyle Etchart","Panfis Corona",null,17.573]
[{"$nulls":4},"X","X",160,"Bayleigh Choate","Smashed and Famous",null,17.640999999999998]
[{"$nulls":6},184,"Lisa DeGeare","Cutters Golden Mist",null,17.673999999999999]
[{"$nulls":6},19,"Nicole Martin","Royal Dunit",null,17.683]
[{"$nulls":6},154,"Ashley Schafer","Guys Buzzed On Fame",null,17.687999999999999]
[null,null,"S",null,null,null,72,"Simone Elmore","Mitey Moon Dash",null,17.797999999999998,null,"5D 1st",325]
[null,null,"A",null,null,null,165,"Corbin Pinyan","FS Burrs Many Clouds",null,17.806999999999999,null,"5D 2nd",266]
[{"$nulls":6},185,"Kaylee Kadow","RH Sugar Shack",null,17.853999999999999,null,"5D 3rd",197]
[{"$nulls":6},149,"Heather Mensen","Chosen To Be Reckless",null,17.866,null,"5D 4th",128]
[null,null,"S",null,null,null,39,"Judy McReynolds","Genuine Honey",null,17.895,null,"5D 5th",69]
[{"$nulls":6},210,"Corbin Pinyan","Joe",null,17.908999999999999]
[null,null,"S",null,null,null,196,"Gretchen Goedeken","Spots In My Dream",null,18.042999999999999]
[{"$nulls":6},173,"Kelsey Ornelas","Boom Boom",null,18.05]
[{"$nulls":6},29,"Karen Rego","Juno Im The Best",null,18.087]
[{"$nulls":6},45,"Lakota Stucky","Atonement",null,18.088000000000001]
[{"$nulls":4},"X","X",61,"Stormi Branch","Pretty Theory",null,18.097000000000001]
[{"$nulls":6},159,"Lee Ann Guilkey","Blazin Gator",null,18.259]
[{"$nulls":6},182,"Amber Rutledge",null,null,18.285]
[{"$nulls":6},95,"Brittany Brown","Chip Zip Investment",null,18.347000000000001]
[{"$nulls":6},167,"Sierra Scott","Boogie",null,18.38]
[{"$nulls":6},136,"Kelsey Ornelas","Handsome",null,18.459]
[{"$nulls":6},163,"Jaidyn Ornelas","Jessadasher",null,"broken"]
[{"$nulls":6},40,"Pascale Sylvain","Pff Streakin Miracle",null,"nt"]
[{"$nulls":6},64,"Cassidy Wahlert","Big Classic Indian",null,"nt"]
["X",{"$nulls":5},66,"Maddy Tucker","Dame Ta Fame",null,"nt"]
[{"$nulls":6},75,"Colt Tew",null,null,"nt"]
[{"$nulls":4},"X","X",143,"Aspen Adams","Georgia",null,"nt"]
[{"$nulls":6},209,"Jaidyn Ornelas","Peter Wabbit",null,"nt 16.928"]
[null,null,"A",null,null,null,115,"Whitney Godinez","Bent On Firewater",null,"nt15.849"]
[null,"X",{"$nulls":4},69,"Ryann Pedone","Famous Frost",null,"nt15.874"]
[null,null,"A",null,null,null,117,"Jamie Wilson","A Streak Of Phame",null,"nt15.927"]
[null,null,"S","X",null,null,59,"Dee Dee Jordan","Firen For Jack",null,"nt16.140"]
["X",{"$nulls":5},119,"Dani Buhler","YouAintSeenFamousYet",null,"nt16.171"]
[null,null,"S",null,null,null,34,"Cindy Wheeler","SK I'll MakeUFamous",null,"nt16.299"]
[{"$nulls":6},86,"Dani Buhler","Flashy French Kirk",null,"nt16.307"]
[{"$nulls":6},68,"Ashley Schafer","Famous Cash Can",null,"nt16.313"]
[null,null,"S",null,null,null,92,"Jolene Jones","Peppys Streakof Fame",null,"nt16.417"]
[null,"X","S",null,null,null,121,"Martha Jordan","MV Fury Of The Fame",null,"nt16.443"]
[{"$nulls":6},79,"Ella Barch","Rebels Cash Cartel",null,"nt16.493"]
[null,"X",{"$nulls":4},47,"Sarah B Phillips","Seis French Kisses",null,"nt16.528"]
[{"$nulls":6},23,"Katie Perkins","Sweet Carmella Moon",null,"nt16.560"]
[{"$nulls":6},3,"Ashley Schafer","French Streakintwist",null,"nt16.582"]
[{"$nulls":6},21,"Hannah Hertel","LenasDashtavictory",null,"nt16.636"]
["X",{"$nulls":5},124,"Benjamin Beall","LadiesLoveSmoothGuys",null,"nt16.749"]
["X",{"$nulls":5},103,"Renee Douglas","Tickit Ta Fame",null,"nt16.758"]
["X",{"$nulls":5},32,"Josianne St-Cry","Vodka On The Rocks",null,"nt16.776"]
["X",null,"A",null,null,null,82,"Whitney Godinez","Hello Darling",null,"nt16.815"]
[{"$nulls":6},110,"Michayla Schmitt","VF Blooming Stinson",null,"nt16.837"]
[{"$nulls":6},175,"Katie Zuidema","Misty K",null,"nt16.978"]
[{"$nulls":6},168,"Lacey Harmon","Fireball Fling",null,"nt16.979"]
[{"$nulls":6},63,"Chloe Little","Stormy",null,"nt17.011"]
[{"$nulls":6},65,"Riley Chown","Hez Simply Fabulous",null,"nt17.079"]
[{"$nulls":4},"X","X",98,"Stormi Branch","Class Honoree",null,"nt17.203"]
[{"$nulls":6},60,"Jaidyn Ornelas","Awards First",null,"nt17.267"]
[null,null,"A",null,null,null,198,"Timberly Erickson","Fine Whatever",null,"nt17.359"]
[{"$nulls":6},152,"Ashlyn Williams","Sweet Day To Fly",null,"nt17.377"]
[{"$nulls":6},57,"Nicole Martin","Lana Smokes Oh Cay",null,"nt17.396"]
[{"$nulls":6},189,"Alisha Todd","LG El Javalin",null,"nt17.580"]
[{"$nulls":6},104,"Haley Alvarez","Donny Q",null,"nt17.609"]
[{"$nulls":4},"X","X",17,"Kaylee Lehrmann","KL Dashing Shine",null,"nt17.850"]
[{"$nulls":6},37,"Shelby Crooks","SA Docs Dual Ruby",null,"nt17.873"]
[{"$nulls":6},73,"Heather Glover","Peps Diamond Hickory",null,"nt18.098"]
[{"$nulls":6},14,"Jessica Mohr","KN Chattin Bout Fame",null,"nt18.103"]
[null,null,"A",null,null,null,122,"Maddie Dewberry","CowgirlsNPolitics",null,"nt18.417"]
[{"$nulls":6},108,"Kacey Faust","Wily Makin Moonshine",null,"nt18.639"]
["X",{"$nulls":5},38,"Ryann Pedone","Mister Treis",null,"nt18.713"]
[{"$nulls":6},145,"Mandi Cleveland","Rare Corona Gone",null,"nt19.354"]
[{"$nulls":6},158,"Ashley Adams","Darnell",null,"nt19.635"]
[{"$nulls":6},191,"Nicole Bronsan","Lynx Hollywood Cat",null,"nt19.977"]
[{"$nulls":6},197,"Emily Necaise","Rayne",null,"nt20.273"]
[{"$nulls":6},36,"Jenna Napier","Frenchmans Dually",null,"nt20.434"]
["X",null,"A",null,null,null,12,"Kaylyn Smith","Bet She Can Fly",null,"scratch"]
[{"$nulls":6},114,"Bill Barber","TYKE",null,"scratch"]
[null,null,"A",null,null,null,140,"Haley Hughes","Red Vanilla",null,"scratch"]
[{"$nulls":6},54]
[{"$nulls":6},84]
[{"$nulls":6},190]
[{"$nulls":6},192]
[{"$nulls":6},195]
[{"$nulls":6},200]
[{"$nulls":6},201]
[{"$nulls":6},202]
[{"$nulls":6},203]
[{"$nulls":6},205]
[{"$nulls":6},212]
[{"$nulls":6},213]
[{"$nulls":6},214]
[{"$nulls":6},215]
[{"$nulls":6},216]
[{"$nulls":6},217]
[{"$nulls":6},218]
[{"$nulls":6},219]
[{"$nulls":6},220]
[{"$nulls":6},221]
[{"$nulls":6},222]
[{"$nulls":6},223]
[{"$nulls":6},224]
[{"$nulls":6},225]
[{"$nulls":6},226]
[{"$nulls":6},227]
[{"$nulls":6},228]
[{"$nulls":6},229]
[{"$nulls":6},230]
[{"$nulls":6},231]
[{"$nulls":6},232]
[{"$nulls":6},233]
[{"$nulls":6},234]
[{"$nulls":6},235]
[{"$nulls":6},236]
[{"$nulls":6},237]
[{"$nulls":6},238]
[{"$nulls":6},239]
[{"$nulls":6},240]
[{"$nulls":6},241]
[{"$nulls":6},242]
[{"$nulls":6},243]
[{"$nulls":6},244]
[{"$nulls":6},245]
[{"$nulls":6},246]
[{"$nulls":6},247]
[{"$nulls":6},248]
[{"$nulls":6},249]
[{"$nulls":6},250]
[{"$nulls":6},251]
[{"$nulls":6},252]
[{"$nulls":6},253]
[{"$nulls":6},254]
[{"$nulls":6},255]
[{"$nulls":6},256]
[{"$nulls":6},257]
[{"$nulls":6},258]
[{"$nulls":6},259]
[{"$nulls":6},260]
[{"$nulls":6},261]
[{"$nulls":6},262]
[{"$nulls":6},263]
[{"$nulls":6},264]
[{"$nulls":6},265]
[{"$nulls":6},266]
[{"$nulls":6},267]
[{"$nulls":6},268]
[{"$nulls":6},269]
[{"$nulls":6},270]
[{"$nulls":6},271]
[{"$nulls":6},272]
[{"$nulls":6},273]
[{"$nulls":6},274]
[{"$nulls":6},275]
[{"$nulls":6},276]
[{"$nulls":6},277]
[{"$nulls":6},278]
[{"$nulls":6},279]
[{"$nulls":6},280]
[{"$nulls":6},281]
[{"$nulls":6},282]
[{"$nulls":6},283]
[{"$nulls":6},284]
[{"$nulls":6},285]
[{"$nulls":6},286]
[{"$nulls":6},287]
[{"$nulls":6},288]
[{"$nulls":6},289]
[{"$nulls":6},290]
[{"$nulls":6},291]
[{"$nulls":6},292]
[{"$nulls":6},293]
[{"$nulls":6},294]
[{"$nulls":6},295]
[{"$nulls":6},296]
[{"$nulls":6},297]
[{"$nulls":6},298]
[{"$nulls":6},299]
[{"$nulls":6},300]
[{"$nulls":6},301]
[{"$nulls":6},302]
[{"$nulls":6},303]
[{"$nulls":6},304]
[{"$nulls":6},305]
[{"$nulls":6},306]
[{"$nulls":6},307]
[{"$nulls":6},308]
[{"$nulls":6},309]
[{"$nulls":6},310]
[{"$nulls":6},311]
[{"$nulls":6},312]
[{"$nulls":6},313]
[{"$nulls":6},314]
[{"$nulls":6},315]
[{"$nulls":6},316]
[{"$nulls":6},317]
[{"$nulls":6},318]
[{"$nulls":6},319]
[{"$nulls":6},320]
[{"$nulls":6},321]
[{"$nulls":6},322]
[{"$nulls":6},323]
[{"$nulls":6},324]
[{"$nulls":6},325]
[{"$nulls":6},326]
[{"$nulls":6},327]
[{"$nulls":6},328]
[{"$nulls":6},329]
[{"$nulls":6},330]
[{"$nulls":6},331]
[{"$nulls":6},332]
[{"$nulls":6},333]
[{"$nulls":6},334]
[{"$nulls":6},335]
[{"$nulls":6},336]
[{"$nulls":6},337]
[{"$nulls":6},338]
[{"$nulls":6},339]
[{"$nulls":6},340]
[{"$nulls":6},341]
[{"$nulls":6},342]
[{"$nulls":6},343]
[{"$nulls":6},344]
[{"$nulls":6},345]
[{"$nulls":6},346]
[{"$nulls":6},347]
[{"$nulls":6},348]
[{"$nulls":6},349]
[{"$nulls":6},350]
[{"$nulls":6},351]
[{"$nulls":6},352]
[{"$nulls":6},353]
[{"$nulls":6},354]
[{"$nulls":6},355]
[{"$nulls":6},356]
[{"$nulls":6},357]
[{"$nulls":6},358]
[{"$nulls":6},359]
[{"$nulls":6},360]
[{"$nulls":6},361]
[{"$nulls":6},362]
[{"$nulls":6},363]
[{"$nulls":6},364]
[{"$nulls":6},365]
[{"$nulls":6},366]
[{"$nulls":6},367]
[{"$nulls":6},368]
[{"$nulls":6},369]
[{"$nulls":6},370]
[{"$nulls":6},371]
[{"$nulls":6},372]
[{"$nulls":6},373]
[{"$nulls":6},374]
[{"$nulls":6},375]
[{"$nulls":6},376]
[{"$nulls":6},377]
[{"$nulls":6},378]
[{"$nulls":6},379]
[{"$nulls":6},380]
[{"$nulls":6},381]
[{"$nulls":6},382]
[{"$nulls":6},383]
[{"$nulls":6},384]
[{"$nulls":6},385]
[{"$nulls":6},386]
[{"$nulls":6},387]
[{"$nulls":6},388]
[{"$nulls":6},389]
[{"$nulls":6},390]
[{"$nulls":6},391]
[{"$nulls":6},392]
[{"$nulls":6},393]
[{"$nulls":6},394]
[{"$nulls":6},395]
[{"$nulls":6},396]
[{"$nulls":6},397]
[{"$nulls":6},398]
[{"$nulls":6},399]
[{"$nulls":6},400]
[{"$nulls":6},401]
[{"$nulls":6},402]
[{"$nulls":6},403]
[{"$nulls":6},404]
[{"$nulls":6},405]
[{"$nulls":6},406]
[{"$nulls":6},407]
[{"$nulls":6},408]
[{"$nulls":6},409]
[{"$nulls":6},410]
[{"$nulls":6},411]
[{"$nulls":6},412]
[{"$nulls":6},413]
[{"$nulls":6},414]
[{"$nulls":6},415]
[{"$nulls":6},416]
[{"$nulls":6},417]
[{"$nulls":6},418]
[{"$nulls":6},419]
[{"$nulls":6},420]
[{"$nulls":6},421]
[{"$nulls":6},422]
[{"$nulls":6},423]
[{"$nulls":6},424]
[{"$nulls":6},425]
[{"$nulls":6},426]
[{"$nulls":6},427]
[{"$nulls":6},428]
[{"$nulls":6},429]
[{"$nulls":6},430]
[{"$nulls":6},431]
[{"$nulls":6},432]
[{"$nulls":6},433]
[{"$nulls":6},434]
[{"$nulls":6},435]
[{"$nulls":6},436]
[{"$nulls":6},437]
[{"$nulls":6},438]
[{"$nulls":6},439]
[{"$nulls":6},440]
[{"$nulls":6},441]
[{"$nulls":6},442]
[{"$nulls":6},443]
[{"$nulls":6},444]
[{"$nulls":6},445]
[{"$nulls":6},446]
[{"$nulls":6},447]
[{"$nulls":6},448]
[{"$nulls":6},449]
[{"$nulls":6},450]
[{"$nulls":6},451]
[{"$nulls":6},452]
[{"$nulls":6},453]
[{"$nulls":6},454]
[{"$nulls":6},455]
[{"$nulls":6},456]
[{"$nulls":6},457]
[{"$nulls":6},458]
[{"$nulls":6},459]
[{"$nulls":6},460]
[{"$nulls":6},461]
[{"$nulls":6},462]
[{"$nulls":6},463]
[{"$nulls":6},464]
[{"$nulls":6},465]
[{"$nulls":6},466]
[{"$nulls":6},467]
[{"$nulls":6},468]
[{"$nulls":6},469]
[{"$nulls":6},470]
[{"$nulls":6},471]
[{"$nulls":6},472]
[{"$nulls":6},473,{"$nulls":4},{"$f":"IF(OR(J476=5,J476=10, J476=15, J476=\"BP\",J476=\"SCR\"),\"NT\",K476)","v":0}]
[{"$nulls":6},474,{"$nulls":4},{"$f":"IF(OR(J477=5,J477=10, J477=15, J477=\"BP\",J477=\"SCR\"),\"NT\",K477)","v":0}]
[{"$nulls":6},475,{"$nulls":4},{"$f":"IF(OR(J478=5,J478=10, J478=15, J478=\"BP\",J478=\"SCR\"),\"NT\",K478)","v":0}]
[{"$nulls":6},476,{"$nulls":4},{"$f":"IF(OR(J479=5,J479=10, J479=15, J479=\"BP\",J479=\"SCR\"),\"NT\",K479)","v":0}]
[{"$nulls":6},477,{"$nulls":4},{"$f":"IF(OR(J480=5,J480=10, J480=15, J480=\"BP\",J480=\"SCR\"),\"NT\",K480)","v":0}]
[{"$nulls":6},478,{"$nulls":4},{"$f":"IF(OR(J481=5,J481=10, J481=15, J481=\"BP\",J481=\"SCR\"),\"NT\",K481)","v":0}]
[{"$nulls":6},479,{"$nulls":4},{"$f":"IF(OR(J482=5,J482=10, J482=15, J482=\"BP\",J482=\"SCR\"),\"NT\",K482)","v":0}]
[{"$nulls":6},480,{"$nulls":4},{"$f":"IF(OR(J483=5,J483=10, J483=15, J483=\"BP\",J483=\"SCR\"),\"NT\",K483)","v":0}]
[{"$nulls":6},481,{"$nulls":4},{"$f":"IF(OR(J484=5,J484=10, J484=15, J484=\"BP\",J484=\"SCR\"),\"NT\",K484)","v":0}]
[{"$nulls":6},482,{"$nulls":4},{"$f":"IF(OR(J485=5,J485=10, J485=15, J485=\"BP\",J485=\"SCR\"),\"NT\",K485)","v":0}]
[{"$nulls":6},483,{"$nulls":4},{"$f":"IF(OR(J486=5,J486=10, J486=15, J486=\"BP\",J486=\"SCR\"),\"NT\",K486)","v":0}]
[{"$nulls":6},484,{"$nulls":4},{"$f":"IF(OR(J487=5,J487=10, J487=15, J487=\"BP\",J487=\"SCR\"),\"NT\",K487)","v":0}]
[{"$nulls":6},485,{"$nulls":4},{"$f":"IF(OR(J488=5,J488=10, J488=15, J488=\"BP\",J488=\"SCR\"),\"NT\",K488)","v":0}]
[{"$nulls":6},486,{"$nulls":4},{"$f":"IF(OR(J489=5,J489=10, J489=15, J489=\"BP\",J489=\"SCR\"),\"NT\",K489)","v":0}]
[{"$nulls":6},487,{"$nulls":4},{"$f":"IF(OR(J490=5,J490=10, J490=15, J490=\"BP\",J490=\"SCR\"),\"NT\",K490)","v":0}]
[{"$nulls":6},488,{"$nulls":4},{"$f":"IF(OR(J491=5,J491=10, J491=15, J491=\"BP\",J491=\"SCR\"),\"NT\",K491)","v":0}]
[{"$nulls":6},489,{"$nulls":4},{"$f":"IF(OR(J492=5,J492=10, J492=15, J492=\"BP\",J492=\"SCR\"),\"NT\",K492)","v":0}]
[{"$nulls":6},490,{"$nulls":4},{"$f":"IF(OR(J493=5,J493=10, J493=15, J493=\"BP\",J493=\"SCR\"),\"NT\",K493)","v":0}]
[{"$nulls":6},491,{"$nulls":4},{"$f":"IF(OR(J494=5,J494=10, J494=15, J494=\"BP\",J494=\"SCR\"),\"NT\",K494)","v":0}]
[{"$nulls":6},492,{"$nulls":4},{"$f":"IF(OR(J495=5,J495=10, J495=15, J495=\"BP\",J495=\"SCR\"),\"NT\",K495)","v":0}]
[{"$nulls":6},493,{"$nulls":4},{"$f":"IF(OR(J496=5,J496=10, J496=15, J496=\"BP\",J496=\"SCR\"),\"NT\",K496)","v":0}]
[{"$nulls":6},494,{"$nulls":4},{"$f":"IF(OR(J497=5,J497=10, J497=15, J497=\"BP\",J497=\"SCR\"),\"NT\",K497)","v":0}]
[{"$nulls":6},495,{"$nulls":4},{"$f":"IF(OR(J498=5,J498=10, J498=15, J498=\"BP\",J498=\"SCR\"),\"NT\",K498)","v":0}]
[{"$nulls":6},496,{"$nulls":4},{"$f":"IF(OR(J499=5,J499=10, J499=15, J499=\"BP\",J499=\"SCR\"),\"NT\",K499)","v":0}]
[{"$nulls":6},497,{"$nulls":4},{"$f":"IF(OR(J500=5,J500=10, J500=15, J500=\"BP\",J500=\"SCR\"),\"NT\",K500)","v":0}]
[{"$nulls":6},498,{"$nulls":4},{"$f":"IF(OR(J501=5,J501=10, J501=15, J501=\"BP\",J501=\"SCR\"),\"NT\",K501)","v":0}]
[{"$nulls":6},499,{"$nulls":4},{"$f":"IF(OR(J502=5,J502=10, J502=15, J502=\"BP\",J502=\"SCR\"),\"NT\",K502)","v":0}]
[{"$nulls":6},500,{"$nulls":4},{"$f":"IF(OR(J503=5,J503=10, J503=15, J503=\"BP\",J503=\"SCR\"),\"NT\",K503)","v":0}]

{"sheet":"Senior","index":1,"n_rows":301,"n_cols":10,"rows_kept":301,"cut":false,"hidden":false,"merged":[]}
["Futurity","Der","Senior","BBR","Draw","Rider Name","Horse Name","Time","Placing","Money Earned"]
[{"$nulls":4},1,"Lisa Wernli","Flashs Fine Effort",15.993,"1D 1st",92]
[{"$nulls":4},2,"Becky Dillard","Wow Shes Hot",16.048999999999999,"1D 2nd",62]
[{"$nulls":4},3,"Donna Tippen","Check Me Out Guys",16.295999999999999]
[{"$nulls":4},4,"Gena Franklin","SS StreakyMe",16.373999999999999]
[{"$nulls":4},5,"Kathy Rush","JL Twisted Roc",16.478000000000002]
[{"$nulls":4},6,"Lisa Wernli","Babe On The Run",16.478999999999999]
[{"$nulls":4},7,"Lynn Saunders","Chumly",16.497,"2D 1st",79]
[{"$nulls":4},8,"Jodi Stovall","Miss French Drifter",16.672999999999998,"2D 2nd",53]
[{"$nulls":4},9,"Dee Dee Jordan","Fame Flingin Rebel",16.684000000000001]
[{"$nulls":4},10,"Pat Oates","Holy Fire N Money",16.718]
[{"$nulls":4},11,"Dawn Fryar","Special Bid of Frost",17.050999999999998,"3D 1st",53]
[{"$nulls":4},12,"Martha Smith","Can I Get A Hallelujah",17.068999999999999,"3D 2nd",35]
[{"$nulls":4},13,"Martha Smith","My Epic Moment",17.466999999999999]
[{"$nulls":4},14,"Jo Kirby","Shez Fast For Cash",17.495000000000001,"4D 1st",40]
[{"$nulls":4},15,"Carole Lynn Newsome","Pistol",17.510999999999999,"4D 2nd",26]
[{"$nulls":4},16,"Simone Elmore","Mitey Moon Dash",17.797999999999998]
[{"$nulls":4},17,"Judy McReynolds","Genuine Honey",17.895]
[{"$nulls":4},18,"Gretchen Goedeken","Spots In My Dream",18.042999999999999]
[{"$nulls":4},19,"Dee Dee Jordan","Firen For Jack","nt16.140"]
[{"$nulls":4},20,"Cindy Wheeler","SK I'll MakeUFamous","nt16.299"]
[{"$nulls":4},21,"Jolene Jones","Peppys Streakof Fame","nt16.417"]
[{"$nulls":4},22,"Martha Jordan","MV Fury Of The Fame","nt16.443"]
[{"$nulls":4},23]
[{"$nulls":4},25]
[{"$nulls":4},26]
[{"$nulls":4},27]
[{"$nulls":4},28]
[{"$nulls":4},29]
[{"$nulls":4},30]
[{"$nulls":4},31]
[{"$nulls":4},32]
[{"$nulls":4},24]
[{"$nulls":4},33]
[{"$nulls":4},34]
[{"$nulls":4},35]
[{"$nulls":4},36]
[{"$nulls":4},37]
[{"$nulls":4},38]
[{"$nulls":4},39]
[{"$nulls":4},40]
[{"$nulls":4},41]
[{"$nulls":4},42]
[{"$nulls":4},43]
[{"$nulls":4},44]
[{"$nulls":4},45]
[{"$nulls":4},46]
[{"$nulls":4},47]
[{"$nulls":4},48]
[{"$nulls":4},49]
[{"$nulls":4},50]
[{"$nulls":4},51]
[{"$nulls":4},52]
[{"$nulls":4},53]
[{"$nulls":4},54]
[{"$nulls":4},55]
[{"$nulls":4},56]
[{"$nulls":4},57]
[{"$nulls":4},58]
[{"$nulls":4},59]
[{"$nulls":4},60]
[{"$nulls":4},61]
[{"$nulls":4},62]
[{"$nulls":4},63]
[{"$nulls":4},64]
[{"$nulls":4},65]
[{"$nulls":4},66]
[{"$nulls":4},67]
[{"$nulls":4},68]
[{"$nulls":4},69]
[{"$nulls":4},70]
[{"$nulls":4},71]
[{"$nulls":4},72]
[{"$nulls":4},73]
[{"$nulls":4},74]
[{"$nulls":4},75]
[{"$nulls":4},76]
[{"$nulls":4},77]
[{"$nulls":4},78]
[{"$nulls":4},79]
[{"$nulls":4},80]
[{"$nulls":4},81]
[{"$nulls":4},82]
[{"$nulls":4},83]
[{"$nulls":4},84]
[{"$nulls":4},85]
[{"$nulls":4},86]
[{"$nulls":4},87]
[{"$nulls":4},88]
[{"$nulls":4},89]
[{"$nulls":4},90]
[{"$nulls":4},91]
[{"$nulls":4},92]
[{"$nulls":4},93]
[{"$nulls":4},94]
[{"$nulls":4},95]
[{"$nulls":4},96]
[{"$nulls":4},97]
[{"$nulls":4},98]
[{"$nulls":4},99]
[{"$nulls":4},100]
[{"$nulls":4},101]
[{"$nulls":4},102]
[{"$nulls":4},103]
[{"$nulls":4},104]
[{"$nulls":4},105]
[{"$nulls":4},106]
[{"$nulls":4},107]
[{"$nulls":4},108]
[{"$nulls":4},109]
[{"$nulls":4},110]
[{"$nulls":4},111]
[{"$nulls":4},112]
[{"$nulls":4},113]
[{"$nulls":4},114]
[{"$nulls":4},115]
[{"$nulls":4},116]
[{"$nulls":4},117]
[{"$nulls":4},118]
[{"$nulls":4},119]
[{"$nulls":4},120]
[{"$nulls":4},121]
[{"$nulls":4},122]
[{"$nulls":4},123]
[{"$nulls":4},124]
[{"$nulls":4},125]
[{"$nulls":4},126]
[{"$nulls":4},127]
[{"$nulls":4},128]
[{"$nulls":4},129]
[{"$nulls":4},130]
[{"$nulls":4},131]
[{"$nulls":4},132]
[{"$nulls":4},133]
[{"$nulls":4},134]
[{"$nulls":4},135]
[{"$nulls":4},136]
[{"$nulls":4},137]
[{"$nulls":4},138]
[{"$nulls":4},139]
[{"$nulls":4},140]
[{"$nulls":4},141]
[{"$nulls":4},142]
[{"$nulls":4},143]
[{"$nulls":4},144]
[{"$nulls":4},145]
[{"$nulls":4},146]
[{"$nulls":4},147]
[{"$nulls":4},148]
[{"$nulls":4},149]
[{"$nulls":4},150]
[{"$nulls":4},151]
[{"$nulls":4},152]
[{"$nulls":4},153]
[{"$nulls":4},154]
[{"$nulls":4},155]
[{"$nulls":4},156]
[{"$nulls":4},157]
[{"$nulls":4},158]
[{"$nulls":4},159]
[{"$nulls":4},160]
[{"$nulls":4},161]
[{"$nulls":4},162]
[{"$nulls":4},163]
[{"$nulls":4},164]
[{"$nulls":4},165]
[{"$nulls":4},166]
[{"$nulls":4},167]
[{"$nulls":4},168]
[{"$nulls":4},169]
[{"$nulls":4},170]
[{"$nulls":4},171]
[{"$nulls":4},172]
[{"$nulls":4},173]
[{"$nulls":4},174]
[{"$nulls":4},175]
[{"$nulls":4},176]
[{"$nulls":4},177]
[{"$nulls":4},178]
[{"$nulls":4},179]
[{"$nulls":4},180]
[{"$nulls":4},181]
[{"$nulls":4},182]
[{"$nulls":4},183]
[{"$nulls":4},184]
[{"$nulls":4},185]
[{"$nulls":4},186]
[{"$nulls":4},187]
[{"$nulls":4},188]
[{"$nulls":4},189]
[{"$nulls":4},190]
[{"$nulls":4},191]
[{"$nulls":4},192]
[{"$nulls":4},193]
[{"$nulls":4},194]
[{"$nulls":4},195]
[{"$nulls":4},196]
[{"$nulls":4},197]
[{"$nulls":4},198]
[{"$nulls":4},199]
[{"$nulls":4},200]
[{"$nulls":4},201]
[{"$nulls":4},202]
[{"$nulls":4},203]
[{"$nulls":4},204]
[{"$nulls":4},205]
[{"$nulls":4},206]
[{"$nulls":4},207]
[{"$nulls":4},208]
[{"$nulls":4},209]
[{"$nulls":4},210]
[{"$nulls":4},211]
[{"$nulls":4},212]
[{"$nulls":4},213]
[{"$nulls":4},214]
[{"$nulls":4},215]
[{"$nulls":4},216]
[{"$nulls":4},217]
[{"$nulls":4},218]
[{"$nulls":4},219]
[{"$nulls":4},220]
[{"$nulls":4},221]
[{"$nulls":4},222]
[{"$nulls":4},223]
[{"$nulls":4},224]
[{"$nulls":4},225]
[{"$nulls":4},226]
[{"$nulls":4},227]
[{"$nulls":4},228]
[{"$nulls":4},229]
[{"$nulls":4},230]
[{"$nulls":4},231]
[{"$nulls":4},232]
[{"$nulls":4},233]
[{"$nulls":4},234]
[{"$nulls":4},235]
[{"$nulls":4},236]
[{"$nulls":4},237]
[{"$nulls":4},238]
[{"$nulls":4},239]
[{"$nulls":4},240]
[{"$nulls":4},241]
[{"$nulls":4},242]
[{"$nulls":4},243]
[{"$nulls":4},244]
[{"$nulls":4},245]
[{"$nulls":4},246]
[{"$nulls":4},247]
[{"$nulls":4},248]
[{"$nulls":4},249]
[{"$nulls":4},250]
[{"$nulls":4},251]
[{"$nulls":4},252]
[{"$nulls":4},253]
[{"$nulls":4},254]
[{"$nulls":4},255]
[{"$nulls":4},256]
[{"$nulls":4},257]
[{"$nulls":4},258]
[{"$nulls":4},259]
[{"$nulls":4},260]
[{"$nulls":4},261]
[{"$nulls":4},262]
[{"$nulls":4},263]
[{"$nulls":4},264]
[{"$nulls":4},265]
[{"$nulls":4},266]
[{"$nulls":4},267]
[{"$nulls":4},268]
[{"$nulls":4},269]
[{"$nulls":4},270]
[{"$nulls":4},271]
[{"$nulls":4},272]
[{"$nulls":4},273]
[{"$nulls":4},274]
[{"$nulls":4},275]
[{"$nulls":4},276]
[{"$nulls":4},277]
[{"$nulls":4},278]
[{"$nulls":4},279]
[{"$nulls":4},280]
[{"$nulls":4},281]
[{"$nulls":4},282]
[{"$nulls":4},283]
[{"$nulls":4},284]
[{"$nulls":4},285]
[{"$nulls":4},286]
[{"$nulls":4},287]
[{"$nulls":4},288]
[{"$nulls":4},289]
[{"$nulls":4},290]
[{"$nulls":4},291]
[{"$nulls":4},292]
[{"$nulls":4},293]
[{"$nulls":4},294]
[{"$nulls":4},295]
[{"$nulls":4},296]
[{"$nulls":4},297]
[{"$nulls":4},298]
[{"$nulls":4},299]
[{"$nulls":4},300]

{"sheet":"Adult","index":2,"n_rows":301,"n_cols":10,"rows_kept":301,"cut":false,"hidden":false,"merged":[]}
["Futurity","Der","Adult","BBR","Draw","Rider Name","Horse Name","Time","Placing","Money Earned"]
[{"$nulls":4},1,"Mindy Holloway","Heavens Got Credit",15.706,"1D 1st",101]
[{"$nulls":4},2,"Autumn Woodruff","Raw Firepower",15.978999999999999,"1D 2nd",67]
[{"$nulls":4},3,"Jennifer Cullen","HLC Pretty Lil Sugar",16.218,"2D 1st",86]
[{"$nulls":4},4,"Kylee Scribner","Badger A Conchadrift",16.234999999999999,"2D 2nd",58]
[{"$nulls":4},5,"Kali Carpenter","I Do 123",16.271999999999998]
[{"$nulls":4},6,"Jennifer Cullen","Chasin Annies Fame",16.373000000000001]
[{"$nulls":4},7,"Madison Smith","Catty Kitty",16.579999999999998]
[{"$nulls":4},8,"Jamie Wilson","French Cinnamon",16.62]
[{"$nulls":4},9,"Olivia Robinson","Im Fine Your Mine",16.736999999999998,"3D 1st",58]
[{"$nulls":4},10,"Caitlyn Schievink","KN Mojito Over Rocks",16.741,"3D 2nd",38]
[{"$nulls":4},11,"Mindy Holloway","First Rappin Judge",16.742999999999999]
[{"$nulls":4},12,"Corbin Pinyan","SF No Speed Limit",16.902999999999999]
[{"$nulls":4},13,"Maddie Dewberry","Flights Quick Chick",16.940999999999999]
[{"$nulls":4},14,"Hailey Britton","Roany",17.010000000000002]
[{"$nulls":4},15,"Jenna Beck","Smokem Doc Frenchman",17.12]
[{"$nulls":4},16,"Haley Hughes","American Makever",17.18]
[{"$nulls":4},17,"Jessica Mullens","Doc Eyed Fame",17.323,"4D 1st",43]
[{"$nulls":4},18,"Corbin Pinyan","FS Burrs Many Clouds",17.806999999999999,"4D 2nd",29]
[{"$nulls":4},19,"Whitney Godinez","Bent On Firewater","nt15.849"]
[{"$nulls":4},20,"Jamie Wilson","A Streak Of Phame","nt15.927"]
[{"$nulls":4},21,"Whitney Godinez","Hello Darling","nt16.815"]
[{"$nulls":4},22,"Marka Genz","Shakem Fantabulos","nt16.928"]
[{"$nulls":4},23,"Timberly Erickson","Fine Whatever","nt17.359"]
[{"$nulls":4},24,"Maddie Dewberry","CowgirlsNPolitics","nt18.417"]
[{"$nulls":4},25]
[{"$nulls":4},26]
[{"$nulls":4},27]
[{"$nulls":4},28]
[{"$nulls":4},29]
[{"$nulls":4},30]
[{"$nulls":4},31]
[{"$nulls":4},32]
[{"$nulls":4},33]
[{"$nulls":4},34]
[{"$nulls":4},35]
[{"$nulls":4},36]
[{"$nulls":4},37]
[{"$nulls":4},38]
[{"$nulls":4},39]
[{"$nulls":4},40]
[{"$nulls":4},41]
[{"$nulls":4},42]
[{"$nulls":4},43]
[{"$nulls":4},44]
[{"$nulls":4},45]
[{"$nulls":4},46]
[{"$nulls":4},47]
[{"$nulls":4},48]
[{"$nulls":4},49]
[{"$nulls":4},50]
[{"$nulls":4},51]
[{"$nulls":4},52]
[{"$nulls":4},53]
[{"$nulls":4},54]
[{"$nulls":4},55]
[{"$nulls":4},56]
[{"$nulls":4},57]
[{"$nulls":4},58]
[{"$nulls":4},59]
[{"$nulls":4},60]
[{"$nulls":4},61]
[{"$nulls":4},62]
[{"$nulls":4},63]
[{"$nulls":4},64]
[{"$nulls":4},65]
[{"$nulls":4},66]
[{"$nulls":4},67]
[{"$nulls":4},68]
[{"$nulls":4},69]
[{"$nulls":4},70]
[{"$nulls":4},71]
[{"$nulls":4},72]
[{"$nulls":4},73]
[{"$nulls":4},74]
[{"$nulls":4},75]
[{"$nulls":4},76]
[{"$nulls":4},77]
[{"$nulls":4},78]
[{"$nulls":4},79]
[{"$nulls":4},80]
[{"$nulls":4},81]
[{"$nulls":4},82]
[{"$nulls":4},83]
[{"$nulls":4},84]
[{"$nulls":4},85]
[{"$nulls":4},86]
[{"$nulls":4},87]
[{"$nulls":4},88]
[{"$nulls":4},89]
[{"$nulls":4},90]
[{"$nulls":4},91]
[{"$nulls":4},92]
[{"$nulls":4},93]
[{"$nulls":4},94]
[{"$nulls":4},95]
[{"$nulls":4},96]
[{"$nulls":4},97]
[{"$nulls":4},98]
[{"$nulls":4},99]
[{"$nulls":4},100]
[{"$nulls":4},101]
[{"$nulls":4},102]
[{"$nulls":4},103]
[{"$nulls":4},104]
[{"$nulls":4},105]
[{"$nulls":4},106]
[{"$nulls":4},107]
[{"$nulls":4},108]
[{"$nulls":4},109]
[{"$nulls":4},110]
[{"$nulls":4},111]
[{"$nulls":4},112]
[{"$nulls":4},113]
[{"$nulls":4},114]
[{"$nulls":4},115]
[{"$nulls":4},116]
[{"$nulls":4},117]
[{"$nulls":4},118]
[{"$nulls":4},119]
[{"$nulls":4},120]
[{"$nulls":4},121]
[{"$nulls":4},122]
[{"$nulls":4},123]
[{"$nulls":4},124]
[{"$nulls":4},125]
[{"$nulls":4},126]
[{"$nulls":4},127]
[{"$nulls":4},128]
[{"$nulls":4},129]
[{"$nulls":4},130]
[{"$nulls":4},131]
[{"$nulls":4},132]
[{"$nulls":4},133]
[{"$nulls":4},134]
[{"$nulls":4},135]
[{"$nulls":4},136]
[{"$nulls":4},137]
[{"$nulls":4},138]
[{"$nulls":4},139]
[{"$nulls":4},140]
[{"$nulls":4},141]
[{"$nulls":4},142]
[{"$nulls":4},143]
[{"$nulls":4},144]
[{"$nulls":4},145]
[{"$nulls":4},146]
[{"$nulls":4},147]
[{"$nulls":4},148]
[{"$nulls":4},149]
[{"$nulls":4},150]
[{"$nulls":4},151]
[{"$nulls":4},152]
[{"$nulls":4},153]
[{"$nulls":4},154]
[{"$nulls":4},155]
[{"$nulls":4},156]
[{"$nulls":4},157]
[{"$nulls":4},158]
[{"$nulls":4},159]
[{"$nulls":4},160]
[{"$nulls":4},161]
[{"$nulls":4},162]
[{"$nulls":4},163]
[{"$nulls":4},164]
[{"$nulls":4},165]
[{"$nulls":4},166]
[{"$nulls":4},167]
[{"$nulls":4},168]
[{"$nulls":4},169]
[{"$nulls":4},170]
[{"$nulls":4},171]
[{"$nulls":4},172]
[{"$nulls":4},173]
[{"$nulls":4},174]
[{"$nulls":4},175]
[{"$nulls":4},176]
[{"$nulls":4},177]
[{"$nulls":4},178]
[{"$nulls":4},179]
[{"$nulls":4},180]
[{"$nulls":4},181]
[{"$nulls":4},182]
[{"$nulls":4},183]
[{"$nulls":4},184]
[{"$nulls":4},185]
[{"$nulls":4},186]
[{"$nulls":4},187]
[{"$nulls":4},188]
[{"$nulls":4},189]
[{"$nulls":4},190]
[{"$nulls":4},191]
[{"$nulls":4},192]
[{"$nulls":4},193]
[{"$nulls":4},194]
[{"$nulls":4},195]
[{"$nulls":4},196]
[{"$nulls":4},197]
[{"$nulls":4},198]
[{"$nulls":4},199]
[{"$nulls":4},200]
[{"$nulls":4},201]
[{"$nulls":4},202]
[{"$nulls":4},203]
[{"$nulls":4},204]
[{"$nulls":4},205]
[{"$nulls":4},206]
[{"$nulls":4},207]
[{"$nulls":4},208]
[{"$nulls":4},209]
[{"$nulls":4},210]
[{"$nulls":4},211]
[{"$nulls":4},212]
[{"$nulls":4},213]
[{"$nulls":4},214]
[{"$nulls":4},215]
[{"$nulls":4},216]
[{"$nulls":4},217]
[{"$nulls":4},218]
[{"$nulls":4},219]
[{"$nulls":4},220]
[{"$nulls":4},221]
[{"$nulls":4},222]
[{"$nulls":4},223]
[{"$nulls":4},224]
[{"$nulls":4},225]
[{"$nulls":4},226]
[{"$nulls":4},227]
[{"$nulls":4},228]
[{"$nulls":4},229]
[{"$nulls":4},230]
[{"$nulls":4},231]
[{"$nulls":4},232]
[{"$nulls":4},233]
[{"$nulls":4},234]
[{"$nulls":4},235]
[{"$nulls":4},236]
[{"$nulls":4},237]
[{"$nulls":4},238]
[{"$nulls":4},239]
[{"$nulls":4},240]
[{"$nulls":4},241]
[{"$nulls":4},242]
[{"$nulls":4},243]
[{"$nulls":4},244]
[{"$nulls":4},245]
[{"$nulls":4},246]
[{"$nulls":4},247]
[{"$nulls":4},248]
[{"$nulls":4},249]
[{"$nulls":4},250]
[{"$nulls":4},251]
[{"$nulls":4},252]
[{"$nulls":4},253]
[{"$nulls":4},254]
[{"$nulls":4},255]
[{"$nulls":4},256]
[{"$nulls":4},257]
[{"$nulls":4},258]
[{"$nulls":4},259]
[{"$nulls":4},260]
[{"$nulls":4},261]
[{"$nulls":4},262]
[{"$nulls":4},263]
[{"$nulls":4},264]
[{"$nulls":4},265]
[{"$nulls":4},266]
[{"$nulls":4},267]
[{"$nulls":4},268]
[{"$nulls":4},269]
[{"$nulls":4},270]
[{"$nulls":4},271]
[{"$nulls":4},272]
[{"$nulls":4},273]
[{"$nulls":4},274]
[{"$nulls":4},275]
[{"$nulls":4},276]
[{"$nulls":4},277]
[{"$nulls":4},278]
[{"$nulls":4},279]
[{"$nulls":4},280]
[{"$nulls":4},281]
[{"$nulls":4},282]
[{"$nulls":4},283]
[{"$nulls":4},284]
[{"$nulls":4},285]
[{"$nulls":4},286]
[{"$nulls":4},287]
[{"$nulls":4},288]
[{"$nulls":4},289]
[{"$nulls":4},290]
[{"$nulls":4},291]
[{"$nulls":4},292]
[{"$nulls":4},293]
[{"$nulls":4},294]
[{"$nulls":4},295]
[{"$nulls":4},296]
[{"$nulls":4},297]
[{"$nulls":4},298]
[{"$nulls":4},299]
[{"$nulls":4},300]

{"sheet":"Youth","index":3,"n_rows":301,"n_cols":10,"rows_kept":301,"cut":false,"hidden":false,"merged":[]}
["Futurity","Der","Youth","BBR","Draw","Rider Name","Horse Name","Time","Placing","Money Earned"]
[{"$nulls":4},1,"Bayleigh Choate","Imachocojinglejangle",16,"1D 1st",137]
[{"$nulls":4},2,"Lucas Sad","Fate",16.190999999999999]
[{"$nulls":4},3,"Bayleigh Choate","TJR Stinson Blue",16.602,"2D 1st",118]
[{"$nulls":4},4,"Marli Donegan","Just The Way You Are",16.751999999999999]
[{"$nulls":4},5,"Delaney Denham","Lil Man",16.754000000000001]
[{"$nulls":4},6,"Cienna Jacobsen","Straight Up Smooth",16.776]
[{"$nulls":4},7,"Madeleine Moll","GearEm Up Nic",17.123999999999999,"3D 1st",78]
[{"$nulls":4},8,"Rylee Singleton","Impulse",17.315000000000001]
[{"$nulls":4},9,"Madie Bond","Frosted In Dreams",17.327999999999999]
[{"$nulls":4},10,"Bayleigh Choate","Smashed and Famous",17.640999999999998,"4D 1st",59]
[{"$nulls":4},11,"Stormi Branch","Pretty Theory",18.097000000000001]
[{"$nulls":4},12,"Aspen Adams","Georgia","nt"]
[{"$nulls":4},13,"Stormi Branch","Class Honoree","nt17.203"]
[{"$nulls":4},14,"Kaylee Lehrmann","KL Dashing Shine","nt17.850"]
[{"$nulls":4},15]
[{"$nulls":4},16]
[{"$nulls":4},17]
[{"$nulls":4},18]
[{"$nulls":4},19]
[{"$nulls":4},20]
[{"$nulls":4},21]
[{"$nulls":4},22]
[{"$nulls":4},23]
[{"$nulls":4},24]
[{"$nulls":4},25]
[{"$nulls":4},26]
[{"$nulls":4},27]
[{"$nulls":4},28]
[{"$nulls":4},29]
[{"$nulls":4},30]
[{"$nulls":4},31]
[{"$nulls":4},32]
[{"$nulls":4},33]
[{"$nulls":4},34]
[{"$nulls":4},35]
[{"$nulls":4},36]
[{"$nulls":4},37]
[{"$nulls":4},38]
[{"$nulls":4},39]
[{"$nulls":4},40]
[{"$nulls":4},41]
[{"$nulls":4},42]
[{"$nulls":4},43]
[{"$nulls":4},44]
[{"$nulls":4},45]
[{"$nulls":4},46]
[{"$nulls":4},47]
[{"$nulls":4},48]
[{"$nulls":4},49]
[{"$nulls":4},50]
[{"$nulls":4},51]
[{"$nulls":4},52]
[{"$nulls":4},53]
[{"$nulls":4},54]
[{"$nulls":4},55]
[{"$nulls":4},56]
[{"$nulls":4},57]
[{"$nulls":4},58]
[{"$nulls":4},59]
[{"$nulls":4},60]
[{"$nulls":4},61]
[{"$nulls":4},62]
[{"$nulls":4},63]
[{"$nulls":4},64]
[{"$nulls":4},65]
[{"$nulls":4},66]
[{"$nulls":4},67]
[{"$nulls":4},68]
[{"$nulls":4},69]
[{"$nulls":4},70]
[{"$nulls":4},71]
[{"$nulls":4},72]
[{"$nulls":4},73]
[{"$nulls":4},74]
[{"$nulls":4},75]
[{"$nulls":4},76]
[{"$nulls":4},77]
[{"$nulls":4},78]
[{"$nulls":4},79]
[{"$nulls":4},80]
[{"$nulls":4},81]
[{"$nulls":4},82]
[{"$nulls":4},83]
[{"$nulls":4},84]
[{"$nulls":4},85]
[{"$nulls":4},86]
[{"$nulls":4},87]
[{"$nulls":4},88]
[{"$nulls":4},89]
[{"$nulls":4},90]
[{"$nulls":4},91]
[{"$nulls":4},92]
[{"$nulls":4},93]
[{"$nulls":4},94]
[{"$nulls":4},95]
[{"$nulls":4},96]
[{"$nulls":4},97]
[{"$nulls":4},98]
[{"$nulls":4},99]
[{"$nulls":4},100]
[{"$nulls":4},101]
[{"$nulls":4},102]
[{"$nulls":4},103]
[{"$nulls":4},104]
[{"$nulls":4},105]
[{"$nulls":4},106]
[{"$nulls":4},107]
[{"$nulls":4},108]
[{"$nulls":4},109]
[{"$nulls":4},110]
[{"$nulls":4},111]
[{"$nulls":4},112]
[{"$nulls":4},113]
[{"$nulls":4},114]
[{"$nulls":4},115]
[{"$nulls":4},116]
[{"$nulls":4},117]
[{"$nulls":4},118]
[{"$nulls":4},119]
[{"$nulls":4},120]
[{"$nulls":4},121]
[{"$nulls":4},122]
[{"$nulls":4},123]
[{"$nulls":4},124]
[{"$nulls":4},125]
[{"$nulls":4},126]
[{"$nulls":4},127]
[{"$nulls":4},128]
[{"$nulls":4},129]
[{"$nulls":4},130]
[{"$nulls":4},131]
[{"$nulls":4},132]
[{"$nulls":4},133]
[{"$nulls":4},134]
[{"$nulls":4},135]
[{"$nulls":4},136]
[{"$nulls":4},137]
[{"$nulls":4},138]
[{"$nulls":4},139]
[{"$nulls":4},140]
[{"$nulls":4},141]
[{"$nulls":4},142]
[{"$nulls":4},143]
[{"$nulls":4},144]
[{"$nulls":4},145]
[{"$nulls":4},146]
[{"$nulls":4},147]
[{"$nulls":4},148]
[{"$nulls":4},149]
[{"$nulls":4},150]
[{"$nulls":4},151]
[{"$nulls":4},152]
[{"$nulls":4},153]
[{"$nulls":4},154]
[{"$nulls":4},155]
[{"$nulls":4},156]
[{"$nulls":4},157]
[{"$nulls":4},158]
[{"$nulls":4},159]
[{"$nulls":4},160]
[{"$nulls":4},161]
[{"$nulls":4},162]
[{"$nulls":4},163]
[{"$nulls":4},164]
[{"$nulls":4},165]
[{"$nulls":4},166]
[{"$nulls":4},167]
[{"$nulls":4},168]
[{"$nulls":4},169]
[{"$nulls":4},170]
[{"$nulls":4},171]
[{"$nulls":4},172]
[{"$nulls":4},173]
[{"$nulls":4},174]
[{"$nulls":4},175]
[{"$nulls":4},176]
[{"$nulls":4},177]
[{"$nulls":4},178]
[{"$nulls":4},179]
[{"$nulls":4},180]
[{"$nulls":4},181]
[{"$nulls":4},182]
[{"$nulls":4},183]
[{"$nulls":4},184]
[{"$nulls":4},185]
[{"$nulls":4},186]
[{"$nulls":4},187]
[{"$nulls":4},188]
[{"$nulls":4},189]
[{"$nulls":4},190]
[{"$nulls":4},191]
[{"$nulls":4},192]
[{"$nulls":4},193]
[{"$nulls":4},194]
[{"$nulls":4},195]
[{"$nulls":4},196]
[{"$nulls":4},197]
[{"$nulls":4},198]
[{"$nulls":4},199]
[{"$nulls":4},200]
[{"$nulls":4},201]
[{"$nulls":4},202]
[{"$nulls":4},203]
[{"$nulls":4},204]
[{"$nulls":4},205]
[{"$nulls":4},206]
[{"$nulls":4},207]
[{"$nulls":4},208]
[{"$nulls":4},209]
[{"$nulls":4},210]
[{"$nulls":4},211]
[{"$nulls":4},212]
[{"$nulls":4},213]
[{"$nulls":4},214]
[{"$nulls":4},215]
[{"$nulls":4},216]
[{"$nulls":4},217]
[{"$nulls":4},218]
[{"$nulls":4},219]
[{"$nulls":4},220]
[{"$nulls":4},221]
[{"$nulls":4},222]
[{"$nulls":4},223]
[{"$nulls":4},224]
[{"$nulls":4},225]
[{"$nulls":4},226]
[{"$nulls":4},227]
[{"$nulls":4},228]
[{"$nulls":4},229]
[{"$nulls":4},230]
[{"$nulls":4},231]
[{"$nulls":4},232]
[{"$nulls":4},233]
[{"$nulls":4},234]
[{"$nulls":4},235]
[{"$nulls":4},236]
[{"$nulls":4},237]
[{"$nulls":4},238]
[{"$nulls":4},239]
[{"$nulls":4},240]
[{"$nulls":4},241]
[{"$nulls":4},242]
[{"$nulls":4},243]
[{"$nulls":4},244]
[{"$nulls":4},245]
[{"$nulls":4},246]
[{"$nulls":4},247]
[{"$nulls":4},248]
[{"$nulls":4},249]
[{"$nulls":4},250]
[{"$nulls":4},251]
[{"$nulls":4},252]
[{"$nulls":4},253]
[{"$nulls":4},254]
[{"$nulls":4},255]
[{"$nulls":4},256]
[{"$nulls":4},257]
[{"$nulls":4},258]
[{"$nulls":4},259]
[{"$nulls":4},260]
[{"$nulls":4},261]
[{"$nulls":4},262]
[{"$nulls":4},263]
[{"$nulls":4},264]
[{"$nulls":4},265]
[{"$nulls":4},266]
[{"$nulls":4},267]
[{"$nulls":4},268]
[{"$nulls":4},269]
[{"$nulls":4},270]
[{"$nulls":4},271]
[{"$nulls":4},272]
[{"$nulls":4},273]
[{"$nulls":4},274]
[{"$nulls":4},275]
[{"$nulls":4},276]
[{"$nulls":4},277]
[{"$nulls":4},278]
[{"$nulls":4},279]
[{"$nulls":4},280]
[{"$nulls":4},281]
[{"$nulls":4},282]
[{"$nulls":4},283]
[{"$nulls":4},284]
[{"$nulls":4},285]
[{"$nulls":4},286]
[{"$nulls":4},287]
[{"$nulls":4},288]
[{"$nulls":4},289]
[{"$nulls":4},290]
[{"$nulls":4},291]
[{"$nulls":4},292]
[{"$nulls":4},293]
[{"$nulls":4},294]
[{"$nulls":4},295]
[{"$nulls":4},296]
[{"$nulls":4},297]
[{"$nulls":4},298]
[{"$nulls":4},299]
[{"$nulls":4},300]

{"sheet":"Derby","index":4,"n_rows":299,"n_cols":10,"rows_kept":299,"cut":false,"hidden":false,"merged":[]}
["Futurity","Derby","Age Inct.","BBR","Draw","Rider Name","Horse Name","Time","Placing","Money Earned"]
[{"$nulls":4},1,"Maddy Tucker","CE Fire Down Below",15.867000000000001,"1st",264]
[{"$nulls":4},2,"Lacy Billingsley","Pv Watchmeneighneigh",16.059999999999999,"2nd",176]
[{"$nulls":4},3,"Lauren Merica","Gogo Romeo",16.138000000000002]
[{"$nulls":4},4,"Hailey Kinsel","Viva La Corona",16.219000000000001]
[{"$nulls":4},5,"Jennifer Cullen","Chasin Annies Fame",16.373000000000001]
[{"$nulls":4},6,"Kathy Rush","JL Twisted Roc",16.478000000000002]
[{"$nulls":4},7,"Ryann Pedone","Dash Ta Perfection",16.527999999999999]
[{"$nulls":4},8,"Cienna Jacobsen","Straight Up Smooth",16.776]
[{"$nulls":4},9,"Ryann Pedone","Famous Frost","nt15.874"]
[{"$nulls":4},10,"Martha Jordan","MV Fury Of The Fame","nt16.443"]
[{"$nulls":4},11,"Sarah B Phillips","Seis French Kisses","nt16.528"]
[{"$nulls":4},12]
[{"$nulls":4},13]
[{"$nulls":4},14]
[{"$nulls":4},15]
[{"$nulls":4},16]
[{"$nulls":4},17]
[{"$nulls":4},18]
[{"$nulls":4},19]
[{"$nulls":4},20]
[{"$nulls":4},23]
[{"$nulls":4},24]
[{"$nulls":4},25]
[{"$nulls":4},26]
[{"$nulls":4},27]
[{"$nulls":4},28]
[{"$nulls":4},29]
[{"$nulls":4},30]
[{"$nulls":4},31]
[{"$nulls":4},32]
[{"$nulls":4},33]
[{"$nulls":4},34]
[{"$nulls":4},35]
[{"$nulls":4},36]
[{"$nulls":4},37]
[{"$nulls":4},38]
[{"$nulls":4},39]
[{"$nulls":4},40]
[{"$nulls":4},41]
[{"$nulls":4},42]
[{"$nulls":4},43]
[{"$nulls":4},44]
[{"$nulls":4},45]
[{"$nulls":4},46]
[{"$nulls":4},47]
[{"$nulls":4},48]
[{"$nulls":4},49]
[{"$nulls":4},50]
[{"$nulls":4},51]
[{"$nulls":4},52]
[{"$nulls":4},53]
[{"$nulls":4},54]
[{"$nulls":4},55]
[{"$nulls":4},56]
[{"$nulls":4},57]
[{"$nulls":4},58]
[{"$nulls":4},59]
[{"$nulls":4},60]
[{"$nulls":4},61]
[{"$nulls":4},62]
[{"$nulls":4},63]
[{"$nulls":4},64]
[{"$nulls":4},65]
[{"$nulls":4},66]
[{"$nulls":4},67]
[{"$nulls":4},68]
[{"$nulls":4},69]
[{"$nulls":4},70]
[{"$nulls":4},71]
[{"$nulls":4},72]
[{"$nulls":4},73]
[{"$nulls":4},74]
[{"$nulls":4},75]
[{"$nulls":4},76]
[{"$nulls":4},77]
[{"$nulls":4},78]
[{"$nulls":4},79]
[{"$nulls":4},80]
[{"$nulls":4},81]
[{"$nulls":4},82]
[{"$nulls":4},83]
[{"$nulls":4},84]
[{"$nulls":4},85]
[{"$nulls":4},86]
[{"$nulls":4},87]
[{"$nulls":4},88]
[{"$nulls":4},89]
[{"$nulls":4},90]
[{"$nulls":4},91]
[{"$nulls":4},92]
[{"$nulls":4},93]
[{"$nulls":4},94]
[{"$nulls":4},95]
[{"$nulls":4},96]
[{"$nulls":4},97]
[{"$nulls":4},98]
[{"$nulls":4},99]
[{"$nulls":4},100]
[{"$nulls":4},101]
[{"$nulls":4},102]
[{"$nulls":4},103]
[{"$nulls":4},104]
[{"$nulls":4},105]
[{"$nulls":4},106]
[{"$nulls":4},107]
[{"$nulls":4},108]
[{"$nulls":4},109]
[{"$nulls":4},110]
[{"$nulls":4},111]
[{"$nulls":4},112]
[{"$nulls":4},113]
[{"$nulls":4},114]
[{"$nulls":4},115]
[{"$nulls":4},116]
[{"$nulls":4},117]
[{"$nulls":4},118]
[{"$nulls":4},119]
[{"$nulls":4},120]
[{"$nulls":4},121]
[{"$nulls":4},122]
[{"$nulls":4},123]
[{"$nulls":4},124]
[{"$nulls":4},125]
[{"$nulls":4},126]
[{"$nulls":4},127]
[{"$nulls":4},128]
[{"$nulls":4},129]
[{"$nulls":4},130]
[{"$nulls":4},131]
[{"$nulls":4},132]
[{"$nulls":4},133]
[{"$nulls":4},134]
[{"$nulls":4},135]
[{"$nulls":4},136]
[{"$nulls":4},137]
[{"$nulls":4},138]
[{"$nulls":4},139]
[{"$nulls":4},140]
[{"$nulls":4},141]
[{"$nulls":4},142]
[{"$nulls":4},143]
[{"$nulls":4},144]
[{"$nulls":4},145]
[{"$nulls":4},146]
[{"$nulls":4},147]
[{"$nulls":4},148]
[{"$nulls":4},149]
[{"$nulls":4},150]
[{"$nulls":4},151]
[{"$nulls":4},152]
[{"$nulls":4},153]
[{"$nulls":4},154]
[{"$nulls":4},155]
[{"$nulls":4},156]
[{"$nulls":4},157]
[{"$nulls":4},158]
[{"$nulls":4},159]
[{"$nulls":4},160]
[{"$nulls":4},161]
[{"$nulls":4},162]
[{"$nulls":4},163]
[{"$nulls":4},164]
[{"$nulls":4},165]
[{"$nulls":4},166]
[{"$nulls":4},167]
[{"$nulls":4},168]
[{"$nulls":4},169]
[{"$nulls":4},170]
[{"$nulls":4},171]
[{"$nulls":4},172]
[{"$nulls":4},173]
[{"$nulls":4},174]
[{"$nulls":4},175]
[{"$nulls":4},176]
[{"$nulls":4},177]
[{"$nulls":4},178]
[{"$nulls":4},179]
[{"$nulls":4},180]
[{"$nulls":4},181]
[{"$nulls":4},182]
[{"$nulls":4},183]
[{"$nulls":4},184]
[{"$nulls":4},185]
[{"$nulls":4},186]
[{"$nulls":4},187]
[{"$nulls":4},188]
[{"$nulls":4},189]
[{"$nulls":4},190]
[{"$nulls":4},191]
[{"$nulls":4},192]
[{"$nulls":4},193]
[{"$nulls":4},194]
[{"$nulls":4},195]
[{"$nulls":4},196]
[{"$nulls":4},197]
[{"$nulls":4},198]
[{"$nulls":4},199]
[{"$nulls":4},200]
[{"$nulls":4},201]
[{"$nulls":4},202]
[{"$nulls":4},203]
[{"$nulls":4},204]
[{"$nulls":4},205]
[{"$nulls":4},206]
[{"$nulls":4},207]
[{"$nulls":4},208]
[{"$nulls":4},209]
[{"$nulls":4},210]
[{"$nulls":4},211]
[{"$nulls":4},212]
[{"$nulls":4},213]
[{"$nulls":4},214]
[{"$nulls":4},215]
[{"$nulls":4},216]
[{"$nulls":4},217]
[{"$nulls":4},218]
[{"$nulls":4},219]
[{"$nulls":4},220]
[{"$nulls":4},221]
[{"$nulls":4},222]
[{"$nulls":4},223]
[{"$nulls":4},224]
[{"$nulls":4},225]
[{"$nulls":4},226]
[{"$nulls":4},227]
[{"$nulls":4},228]
[{"$nulls":4},229]
[{"$nulls":4},230]
[{"$nulls":4},231]
[{"$nulls":4},232]
[{"$nulls":4},233]
[{"$nulls":4},234]
[{"$nulls":4},235]
[{"$nulls":4},236]
[{"$nulls":4},237]
[{"$nulls":4},238]
[{"$nulls":4},239]
[{"$nulls":4},240]
[{"$nulls":4},241]
[{"$nulls":4},242]
[{"$nulls":4},243]
[{"$nulls":4},244]
[{"$nulls":4},245]
[{"$nulls":4},246]
[{"$nulls":4},247]
[{"$nulls":4},248]
[{"$nulls":4},249]
[{"$nulls":4},250]
[{"$nulls":4},251]
[{"$nulls":4},252]
[{"$nulls":4},253]
[{"$nulls":4},254]
[{"$nulls":4},255]
[{"$nulls":4},256]
[{"$nulls":4},257]
[{"$nulls":4},258]
[{"$nulls":4},259]
[{"$nulls":4},260]
[{"$nulls":4},261]
[{"$nulls":4},262]
[{"$nulls":4},263]
[{"$nulls":4},264]
[{"$nulls":4},265]
[{"$nulls":4},266]
[{"$nulls":4},267]
[{"$nulls":4},268]
[{"$nulls":4},269]
[{"$nulls":4},270]
[{"$nulls":4},271]
[{"$nulls":4},272]
[{"$nulls":4},273]
[{"$nulls":4},274]
[{"$nulls":4},275]
[{"$nulls":4},276]
[{"$nulls":4},277]
[{"$nulls":4},278]
[{"$nulls":4},279]
[{"$nulls":4},280]
[{"$nulls":4},281]
[{"$nulls":4},282]
[{"$nulls":4},283]
[{"$nulls":4},284]
[{"$nulls":4},285]
[{"$nulls":4},286]
[{"$nulls":4},287]
[{"$nulls":4},288]
[{"$nulls":4},289]
[{"$nulls":4},290]
[{"$nulls":4},291]
[{"$nulls":4},292]
[{"$nulls":4},293]
[{"$nulls":4},294]
[{"$nulls":4},295]
[{"$nulls":4},296]
[{"$nulls":4},297]
[{"$nulls":4},298]
[{"$nulls":4},299]
[{"$nulls":4},300]

{"sheet":"High Stakes","index":5,"n_rows":301,"n_cols":10,"rows_kept":301,"cut":false,"hidden":false,"merged":[]}
["HS","Der","Age Inct.","BBR","Draw","Rider Name","Horse Name","Time","Placing","Money Earned"]
[{"$nulls":4},1,"Mindy Holloway","Heavens Got Credit",15.706,"1st",320]
[{"$nulls":4},2,"Autumn Woodruff","Raw Firepower",15.978999999999999]
[{"$nulls":4},3,"Kaitlin Schuck","Dejons Fame",16.992999999999999]
[{"$nulls":4},4,"Dee Dee Jordan","Firen For Jack","nt16.140"]
[{"$nulls":4},5]
[{"$nulls":4},6]
[{"$nulls":4},7]
[{"$nulls":4},8]
[{"$nulls":4},9]
[{"$nulls":4},10]
[{"$nulls":4},11]
[{"$nulls":4},12]
[{"$nulls":4},13]
[{"$nulls":4},14]
[{"$nulls":4},15]
[{"$nulls":4},16]
[{"$nulls":4},17]
[{"$nulls":4},18]
[{"$nulls":4},19]
[{"$nulls":4},20]
[{"$nulls":4},21]
[{"$nulls":4},22]
[{"$nulls":4},23]
[{"$nulls":4},24]
[{"$nulls":4},25]
[{"$nulls":4},26]
[{"$nulls":4},27]
[{"$nulls":4},28]
[{"$nulls":4},29]
[{"$nulls":4},30]
[{"$nulls":4},31]
[{"$nulls":4},32]
[{"$nulls":4},33]
[{"$nulls":4},34]
[{"$nulls":4},35]
[{"$nulls":4},36]
[{"$nulls":4},37]
[{"$nulls":4},38]
[{"$nulls":4},39]
[{"$nulls":4},40]
[{"$nulls":4},41]
[{"$nulls":4},42]
[{"$nulls":4},43]
[{"$nulls":4},44]
[{"$nulls":4},45]
[{"$nulls":4},46]
[{"$nulls":4},47]
[{"$nulls":4},48]
[{"$nulls":4},49]
[{"$nulls":4},50]
[{"$nulls":4},51]
[{"$nulls":4},52]
[{"$nulls":4},53]
[{"$nulls":4},54]
[{"$nulls":4},55]
[{"$nulls":4},56]
[{"$nulls":4},57]
[{"$nulls":4},58]
[{"$nulls":4},59]
[{"$nulls":4},60]
[{"$nulls":4},61]
[{"$nulls":4},62]
[{"$nulls":4},63]
[{"$nulls":4},64]
[{"$nulls":4},65]
[{"$nulls":4},66]
[{"$nulls":4},67]
[{"$nulls":4},68]
[{"$nulls":4},69]
[{"$nulls":4},70]
[{"$nulls":4},71]
[{"$nulls":4},72]
[{"$nulls":4},73]
[{"$nulls":4},74]
[{"$nulls":4},75]
[{"$nulls":4},76]
[{"$nulls":4},77]
[{"$nulls":4},78]
[{"$nulls":4},79]
[{"$nulls":4},80]
[{"$nulls":4},81]
[{"$nulls":4},82]
[{"$nulls":4},83]
[{"$nulls":4},84]
[{"$nulls":4},85]
[{"$nulls":4},86]
[{"$nulls":4},87]
[{"$nulls":4},88]
[{"$nulls":4},89]
[{"$nulls":4},90]
[{"$nulls":4},91]
[{"$nulls":4},92]
[{"$nulls":4},93]
[{"$nulls":4},94]
[{"$nulls":4},95]
[{"$nulls":4},96]
[{"$nulls":4},97]
[{"$nulls":4},98]
[{"$nulls":4},99]
[{"$nulls":4},100]
[{"$nulls":4},101]
[{"$nulls":4},102]
[{"$nulls":4},103]
[{"$nulls":4},104]
[{"$nulls":4},105]
[{"$nulls":4},106]
[{"$nulls":4},107]
[{"$nulls":4},108]
[{"$nulls":4},109]
[{"$nulls":4},110]
[{"$nulls":4},111]
[{"$nulls":4},112]
[{"$nulls":4},113]
[{"$nulls":4},114]
[{"$nulls":4},115]
[{"$nulls":4},116]
[{"$nulls":4},117]
[{"$nulls":4},118]
[{"$nulls":4},119]
[{"$nulls":4},120]
[{"$nulls":4},121]
[{"$nulls":4},122]
[{"$nulls":4},123]
[{"$nulls":4},124]
[{"$nulls":4},125]
[{"$nulls":4},126]
[{"$nulls":4},127]
[{"$nulls":4},128]
[{"$nulls":4},129]
[{"$nulls":4},130]
[{"$nulls":4},131]
[{"$nulls":4},132]
[{"$nulls":4},133]
[{"$nulls":4},134]
[{"$nulls":4},135]
[{"$nulls":4},136]
[{"$nulls":4},137]
[{"$nulls":4},138]
[{"$nulls":4},139]
[{"$nulls":4},140]
[{"$nulls":4},141]
[{"$nulls":4},142]
[{"$nulls":4},143]
[{"$nulls":4},144]
[{"$nulls":4},145]
[{"$nulls":4},146]
[{"$nulls":4},147]
[{"$nulls":4},148]
[{"$nulls":4},149]
[{"$nulls":4},150]
[{"$nulls":4},151]
[{"$nulls":4},152]
[{"$nulls":4},153]
[{"$nulls":4},154]
[{"$nulls":4},155]
[{"$nulls":4},156]
[{"$nulls":4},157]
[{"$nulls":4},158]
[{"$nulls":4},159]
[{"$nulls":4},160]
[{"$nulls":4},161]
[{"$nulls":4},162]
[{"$nulls":4},163]
[{"$nulls":4},164]
[{"$nulls":4},165]
[{"$nulls":4},166]
[{"$nulls":4},167]
[{"$nulls":4},168]
[{"$nulls":4},169]
[{"$nulls":4},170]
[{"$nulls":4},171]
[{"$nulls":4},172]
[{"$nulls":4},173]
[{"$nulls":4},174]
[{"$nulls":4},175]
[{"$nulls":4},176]
[{"$nulls":4},177]
[{"$nulls":4},178]
[{"$nulls":4},179]
[{"$nulls":4},180]
[{"$nulls":4},181]
[{"$nulls":4},182]
[{"$nulls":4},183]
[{"$nulls":4},184]
[{"$nulls":4},185]
[{"$nulls":4},186]
[{"$nulls":4},187]
[{"$nulls":4},188]
[{"$nulls":4},189]
[{"$nulls":4},190]
[{"$nulls":4},191]
[{"$nulls":4},192]
[{"$nulls":4},193]
[{"$nulls":4},194]
[{"$nulls":4},195]
[{"$nulls":4},196]
[{"$nulls":4},197]
[{"$nulls":4},198]
[{"$nulls":4},199]
[{"$nulls":4},200]
[{"$nulls":4},201]
[{"$nulls":4},202]
[{"$nulls":4},203]
[{"$nulls":4},204]
[{"$nulls":4},205]
[{"$nulls":4},206]
[{"$nulls":4},207]
[{"$nulls":4},208]
[{"$nulls":4},209]
[{"$nulls":4},210]
[{"$nulls":4},211]
[{"$nulls":4},212]
[{"$nulls":4},213]
[{"$nulls":4},214]
[{"$nulls":4},215]
[{"$nulls":4},216]
[{"$nulls":4},217]
[{"$nulls":4},218]
[{"$nulls":4},219]
[{"$nulls":4},220]
[{"$nulls":4},221]
[{"$nulls":4},222]
[{"$nulls":4},223]
[{"$nulls":4},224]
[{"$nulls":4},225]
[{"$nulls":4},226]
[{"$nulls":4},227]
[{"$nulls":4},228]
[{"$nulls":4},229]
[{"$nulls":4},230]
[{"$nulls":4},231]
[{"$nulls":4},232]
[{"$nulls":4},233]
[{"$nulls":4},234]
[{"$nulls":4},235]
[{"$nulls":4},236]
[{"$nulls":4},237]
[{"$nulls":4},238]
[{"$nulls":4},239]
[{"$nulls":4},240]
[{"$nulls":4},241]
[{"$nulls":4},242]
[{"$nulls":4},243]
[{"$nulls":4},244]
[{"$nulls":4},245]
[{"$nulls":4},246]
[{"$nulls":4},247]
[{"$nulls":4},248]
[{"$nulls":4},249]
[{"$nulls":4},250]
[{"$nulls":4},251]
[{"$nulls":4},252]
[{"$nulls":4},253]
[{"$nulls":4},254]
[{"$nulls":4},255]
[{"$nulls":4},256]
[{"$nulls":4},257]
[{"$nulls":4},258]
[{"$nulls":4},259]
[{"$nulls":4},260]
[{"$nulls":4},261]
[{"$nulls":4},262]
[{"$nulls":4},263]
[{"$nulls":4},264]
[{"$nulls":4},265]
[{"$nulls":4},266]
[{"$nulls":4},267]
[{"$nulls":4},268]
[{"$nulls":4},269]
[{"$nulls":4},270]
[{"$nulls":4},271]
[{"$nulls":4},272]
[{"$nulls":4},273]
[{"$nulls":4},274]
[{"$nulls":4},275]
[{"$nulls":4},276]
[{"$nulls":4},277]
[{"$nulls":4},278]
[{"$nulls":4},279]
[{"$nulls":4},280]
[{"$nulls":4},281]
[{"$nulls":4},282]
[{"$nulls":4},283]
[{"$nulls":4},284]
[{"$nulls":4},285]
[{"$nulls":4},286]
[{"$nulls":4},287]
[{"$nulls":4},288]
[{"$nulls":4},289]
[{"$nulls":4},290]
[{"$nulls":4},291]
[{"$nulls":4},292]
[{"$nulls":4},293]
[{"$nulls":4},294]
[{"$nulls":4},295]
[{"$nulls":4},296]
[{"$nulls":4},297]
[{"$nulls":4},298]
[{"$nulls":4},299]
[{"$nulls":4},300]

{"sheet":"Futurity","index":6,"n_rows":301,"n_cols":10,"rows_kept":301,"cut":false,"hidden":false,"merged":[]}
["Futurity","Der","Age Inct.","BBR","Draw","Rider Name","Horse Name","Time","Placing","Money Earned"]
[{"$nulls":4},1,"Kelsey Treharne","AintGotNothinOnMe",16.082999999999998,"1D 1st",336]
[{"$nulls":4},2,"Kelly Mancinelli","Justa Dash Of Eddie",16.085999999999999,"1D 2nd",224]
[{"$nulls":4},3,"Billie Ann Harmon","Boots Too Quick",16.189]
[{"$nulls":4},4,"Kelsey Treharne","TR Lying Badger",16.216000000000001]
[{"$nulls":4},5,"Ryann Pedone","Great Under Pressure",16.280999999999999]
[{"$nulls":4},6,"Ryann Pedone","Pressured By Destiny",16.46]
[{"$nulls":4},7,"Bayleigh Choate","TJR Stinson Blue",16.602,"2D 1st",144]
[{"$nulls":4},8,"Jamie Wilson","French Cinnamon",16.62,"2D 2nd",96]
[{"$nulls":4},9,"Lexi Peaden","Zoned In",16.64]
[{"$nulls":4},10,"Corbin Pinyan","SF No Speed Limit",16.902999999999999]
[{"$nulls":4},11,"Ryann Pedone","Rivons Mr America",17.306999999999999]
[{"$nulls":4},12,"Kyle Etchart","Hez Got A Caboose",17.344000000000001]
[{"$nulls":4},13,"Danyelle Campbell","Cappy",17.475999999999999]
[{"$nulls":4},14,"Maddy Tucker","Dame Ta Fame","nt"]
[{"$nulls":4},15,"Dani Buhler","YouAintSeenFamousYet","nt16.171"]
[{"$nulls":4},16,"Benjamin Beall","LadiesLoveSmoothGuys","nt16.749"]
[{"$nulls":4},17,"Renee Douglas","Tickit Ta Fame","nt16.758"]
[{"$nulls":4},18,"Josianne St-Cry","Vodka On The Rocks","nt16.776"]
[{"$nulls":4},19,"Whitney Godinez","Hello Darling","nt16.815"]
[{"$nulls":4},20,"Ryann Pedone","Mister Treis","nt18.713"]
[{"$nulls":4},21]
[{"$nulls":4},22]
[{"$nulls":4},23]
[{"$nulls":4},24]
[{"$nulls":4},25]
[{"$nulls":4},26]
[{"$nulls":4},27]
[{"$nulls":4},28]
[{"$nulls":4},29]
[{"$nulls":4},30]
[{"$nulls":4},31]
[{"$nulls":4},32]
[{"$nulls":4},33]
[{"$nulls":4},34]
[{"$nulls":4},35]
[{"$nulls":4},36]
[{"$nulls":4},37]
[{"$nulls":4},38]
[{"$nulls":4},39]
[{"$nulls":4},40]
[{"$nulls":4},41]
[{"$nulls":4},42]
[{"$nulls":4},43]
[{"$nulls":4},44]
[{"$nulls":4},45]
[{"$nulls":4},46]
[{"$nulls":4},47]
[{"$nulls":4},48]
[{"$nulls":4},49]
[{"$nulls":4},50]
[{"$nulls":4},51]
[{"$nulls":4},52]
[{"$nulls":4},53]
[{"$nulls":4},54]
[{"$nulls":4},55]
[{"$nulls":4},56]
[{"$nulls":4},57]
[{"$nulls":4},58]
[{"$nulls":4},59]
[{"$nulls":4},60]
[{"$nulls":4},61]
[{"$nulls":4},62]
[{"$nulls":4},63]
[{"$nulls":4},64]
[{"$nulls":4},65]
[{"$nulls":4},66]
[{"$nulls":4},67]
[{"$nulls":4},68]
[{"$nulls":4},69]
[{"$nulls":4},70]
[{"$nulls":4},71]
[{"$nulls":4},72]
[{"$nulls":4},73]
[{"$nulls":4},74]
[{"$nulls":4},75]
[{"$nulls":4},76]
[{"$nulls":4},77]
[{"$nulls":4},78]
[{"$nulls":4},79]
[{"$nulls":4},80]
[{"$nulls":4},81]
[{"$nulls":4},82]
[{"$nulls":4},83]
[{"$nulls":4},84]
[{"$nulls":4},85]
[{"$nulls":4},86]
[{"$nulls":4},87]
[{"$nulls":4},88]
[{"$nulls":4},89]
[{"$nulls":4},90]
[{"$nulls":4},91]
[{"$nulls":4},92]
[{"$nulls":4},93]
[{"$nulls":4},94]
[{"$nulls":4},95]
[{"$nulls":4},96]
[{"$nulls":4},97]
[{"$nulls":4},98]
[{"$nulls":4},99]
[{"$nulls":4},100]
[{"$nulls":4},101]
[{"$nulls":4},102]
[{"$nulls":4},103]
[{"$nulls":4},104]
[{"$nulls":4},105]
[{"$nulls":4},106]
[{"$nulls":4},107]
[{"$nulls":4},108]
[{"$nulls":4},109]
[{"$nulls":4},110]
[{"$nulls":4},111]
[{"$nulls":4},112]
[{"$nulls":4},113]
[{"$nulls":4},114]
[{"$nulls":4},115]
[{"$nulls":4},116]
[{"$nulls":4},117]
[{"$nulls":4},118]
[{"$nulls":4},119]
[{"$nulls":4},120]
[{"$nulls":4},121]
[{"$nulls":4},122]
[{"$nulls":4},123]
[{"$nulls":4},124]
[{"$nulls":4},125]
[{"$nulls":4},126]
[{"$nulls":4},127]
[{"$nulls":4},128]
[{"$nulls":4},129]
[{"$nulls":4},130]
[{"$nulls":4},131]
[{"$nulls":4},132]
[{"$nulls":4},133]
[{"$nulls":4},134]
[{"$nulls":4},135]
[{"$nulls":4},136]
[{"$nulls":4},137]
[{"$nulls":4},138]
[{"$nulls":4},139]
[{"$nulls":4},140]
[{"$nulls":4},141]
[{"$nulls":4},142]
[{"$nulls":4},143]
[{"$nulls":4},144]
[{"$nulls":4},145]
[{"$nulls":4},146]
[{"$nulls":4},147]
[{"$nulls":4},148]
[{"$nulls":4},149]
[{"$nulls":4},150]
[{"$nulls":4},151]
[{"$nulls":4},152]
[{"$nulls":4},153]
[{"$nulls":4},154]
[{"$nulls":4},155]
[{"$nulls":4},156]
[{"$nulls":4},157]
[{"$nulls":4},158]
[{"$nulls":4},159]
[{"$nulls":4},160]
[{"$nulls":4},161]
[{"$nulls":4},162]
[{"$nulls":4},163]
[{"$nulls":4},164]
[{"$nulls":4},165]
[{"$nulls":4},166]
[{"$nulls":4},167]
[{"$nulls":4},168]
[{"$nulls":4},169]
[{"$nulls":4},170]
[{"$nulls":4},171]
[{"$nulls":4},172]
[{"$nulls":4},173]
[{"$nulls":4},174]
[{"$nulls":4},175]
[{"$nulls":4},176]
[{"$nulls":4},177]
[{"$nulls":4},178]
[{"$nulls":4},179]
[{"$nulls":4},180]
[{"$nulls":4},181]
[{"$nulls":4},182]
[{"$nulls":4},183]
[{"$nulls":4},184]
[{"$nulls":4},185]
[{"$nulls":4},186]
[{"$nulls":4},187]
[{"$nulls":4},188]
[{"$nulls":4},189]
[{"$nulls":4},190]
[{"$nulls":4},191]
[{"$nulls":4},192]
[{"$nulls":4},193]
[{"$nulls":4},194]
[{"$nulls":4},195]
[{"$nulls":4},196]
[{"$nulls":4},197]
[{"$nulls":4},198]
[{"$nulls":4},199]
[{"$nulls":4},200]
[{"$nulls":4},201]
[{"$nulls":4},202]
[{"$nulls":4},203]
[{"$nulls":4},204]
[{"$nulls":4},205]
[{"$nulls":4},206]
[{"$nulls":4},207]
[{"$nulls":4},208]
[{"$nulls":4},209]
[{"$nulls":4},210]
[{"$nulls":4},211]
[{"$nulls":4},212]
[{"$nulls":4},213]
[{"$nulls":4},214]
[{"$nulls":4},215]
[{"$nulls":4},216]
[{"$nulls":4},217]
[{"$nulls":4},218]
[{"$nulls":4},219]
[{"$nulls":4},220]
[{"$nulls":4},221]
[{"$nulls":4},222]
[{"$nulls":4},223]
[{"$nulls":4},224]
[{"$nulls":4},225]
[{"$nulls":4},226]
[{"$nulls":4},227]
[{"$nulls":4},228]
[{"$nulls":4},229]
[{"$nulls":4},230]
[{"$nulls":4},231]
[{"$nulls":4},232]
[{"$nulls":4},233]
[{"$nulls":4},234]
[{"$nulls":4},235]
[{"$nulls":4},236]
[{"$nulls":4},237]
[{"$nulls":4},238]
[{"$nulls":4},239]
[{"$nulls":4},240]
[{"$nulls":4},241]
[{"$nulls":4},242]
[{"$nulls":4},243]
[{"$nulls":4},244]
[{"$nulls":4},245]
[{"$nulls":4},246]
[{"$nulls":4},247]
[{"$nulls":4},248]
[{"$nulls":4},249]
[{"$nulls":4},250]
[{"$nulls":4},251]
[{"$nulls":4},252]
[{"$nulls":4},253]
[{"$nulls":4},254]
[{"$nulls":4},255]
[{"$nulls":4},256]
[{"$nulls":4},257]
[{"$nulls":4},258]
[{"$nulls":4},259]
[{"$nulls":4},260]
[{"$nulls":4},261]
[{"$nulls":4},262]
[{"$nulls":4},263]
[{"$nulls":4},264]
[{"$nulls":4},265]
[{"$nulls":4},266]
[{"$nulls":4},267]
[{"$nulls":4},268]
[{"$nulls":4},269]
[{"$nulls":4},270]
[{"$nulls":4},271]
[{"$nulls":4},272]
[{"$nulls":4},273]
[{"$nulls":4},274]
[{"$nulls":4},275]
[{"$nulls":4},276]
[{"$nulls":4},277]
[{"$nulls":4},278]
[{"$nulls":4},279]
[{"$nulls":4},280]
[{"$nulls":4},281]
[{"$nulls":4},282]
[{"$nulls":4},283]
[{"$nulls":4},284]
[{"$nulls":4},285]
[{"$nulls":4},286]
[{"$nulls":4},287]
[{"$nulls":4},288]
[{"$nulls":4},289]
[{"$nulls":4},290]
[{"$nulls":4},291]
[{"$nulls":4},292]
[{"$nulls":4},293]
[{"$nulls":4},294]
[{"$nulls":4},295]
[{"$nulls":4},296]
[{"$nulls":4},297]
[{"$nulls":4},298]
[{"$nulls":4},299]
[{"$nulls":4},300]

{"sheet":"12 & Under","index":7,"n_rows":301,"n_cols":11,"rows_kept":301,"cut":false,"hidden":true,"merged":[]}
["Futurity","Der","Age Inct.","R/O","Draw","Rider Name","Horse Name","Time","Final Time","Placing","Money Earned"]
{"$rows_empty":31}
[{"$nulls":4},32]
[{"$nulls":4},33]
[{"$nulls":4},34]
[{"$nulls":4},35]
[{"$nulls":4},36]
[{"$nulls":4},37]
[{"$nulls":4},38]
[{"$nulls":4},39]
[{"$nulls":4},40]
[{"$nulls":4},41]
[{"$nulls":4},42]
[{"$nulls":4},43]
[{"$nulls":4},44]
[{"$nulls":4},45]
[{"$nulls":4},46]
[{"$nulls":4},47]
[{"$nulls":4},48]
[{"$nulls":4},49]
[{"$nulls":4},50]
[{"$nulls":4},51]
[{"$nulls":4},52]
[{"$nulls":4},53]
[{"$nulls":4},54]
[{"$nulls":4},55]
[{"$nulls":4},56]
[{"$nulls":4},57]
[{"$nulls":4},58]
[{"$nulls":4},59]
[{"$nulls":4},60]
[{"$nulls":4},61]
[{"$nulls":4},62]
[{"$nulls":4},63]
[{"$nulls":4},64]
[{"$nulls":4},65]
[{"$nulls":4},66]
[{"$nulls":4},67]
[{"$nulls":4},68]
[{"$nulls":4},69]
[{"$nulls":4},70]
[{"$nulls":4},71]
[{"$nulls":4},72]
[{"$nulls":4},73]
[{"$nulls":4},74]
[{"$nulls":4},75]
[{"$nulls":4},76]
[{"$nulls":4},77]
[{"$nulls":4},78]
[{"$nulls":4},79]
[{"$nulls":4},80]
[{"$nulls":4},81]
[{"$nulls":4},82]
[{"$nulls":4},83]
[{"$nulls":4},84]
[{"$nulls":4},85]
[{"$nulls":4},86]
[{"$nulls":4},87]
[{"$nulls":4},88]
[{"$nulls":4},89]
[{"$nulls":4},90]
[{"$nulls":4},91]
[{"$nulls":4},92]
[{"$nulls":4},93]
[{"$nulls":4},94]
[{"$nulls":4},95]
[{"$nulls":4},96]
[{"$nulls":4},97]
[{"$nulls":4},98]
[{"$nulls":4},99]
[{"$nulls":4},100]
[{"$nulls":4},101]
[{"$nulls":4},102]
[{"$nulls":4},103]
[{"$nulls":4},104]
[{"$nulls":4},105]
[{"$nulls":4},106]
[{"$nulls":4},107]
[{"$nulls":4},108]
[{"$nulls":4},109]
[{"$nulls":4},110]
[{"$nulls":4},111]
[{"$nulls":4},112]
[{"$nulls":4},113]
[{"$nulls":4},114]
[{"$nulls":4},115]
[{"$nulls":4},116]
[{"$nulls":4},117]
[{"$nulls":4},118]
[{"$nulls":4},119]
[{"$nulls":4},120]
[{"$nulls":4},121]
[{"$nulls":4},122]
[{"$nulls":4},123]
[{"$nulls":4},124]
[{"$nulls":4},125]
[{"$nulls":4},126]
[{"$nulls":4},127]
[{"$nulls":4},128]
[{"$nulls":4},129]
[{"$nulls":4},130]
[{"$nulls":4},131]
[{"$nulls":4},132]
[{"$nulls":4},133]
[{"$nulls":4},134]
[{"$nulls":4},135]
[{"$nulls":4},136]
[{"$nulls":4},137]
[{"$nulls":4},138]
[{"$nulls":4},139]
[{"$nulls":4},140]
[{"$nulls":4},141]
[{"$nulls":4},142]
[{"$nulls":4},143]
[{"$nulls":4},144]
[{"$nulls":4},145]
[{"$nulls":4},146]
[{"$nulls":4},147]
[{"$nulls":4},148]
[{"$nulls":4},149]
[{"$nulls":4},150]
[{"$nulls":4},151]
[{"$nulls":4},152]
[{"$nulls":4},153]
[{"$nulls":4},154]
[{"$nulls":4},155]
[{"$nulls":4},156]
[{"$nulls":4},157]
[{"$nulls":4},158]
[{"$nulls":4},159]
[{"$nulls":4},160]
[{"$nulls":4},161]
[{"$nulls":4},162]
[{"$nulls":4},163]
[{"$nulls":4},164]
[{"$nulls":4},165]
[{"$nulls":4},166]
[{"$nulls":4},167]
[{"$nulls":4},168]
[{"$nulls":4},169]
[{"$nulls":4},170]
[{"$nulls":4},171]
[{"$nulls":4},172]
[{"$nulls":4},173]
[{"$nulls":4},174]
[{"$nulls":4},175]
[{"$nulls":4},176]
[{"$nulls":4},177]
[{"$nulls":4},178]
[{"$nulls":4},179]
[{"$nulls":4},180]
[{"$nulls":4},181]
[{"$nulls":4},182]
[{"$nulls":4},183]
[{"$nulls":4},184]
[{"$nulls":4},185]
[{"$nulls":4},186]
[{"$nulls":4},187]
[{"$nulls":4},188]
[{"$nulls":4},189]
[{"$nulls":4},190]
[{"$nulls":4},191]
[{"$nulls":4},192]
[{"$nulls":4},193]
[{"$nulls":4},194]
[{"$nulls":4},195]
[{"$nulls":4},196]
[{"$nulls":4},197]
[{"$nulls":4},198]
[{"$nulls":4},199]
[{"$nulls":4},200]
[{"$nulls":4},201]
[{"$nulls":4},202]
[{"$nulls":4},203]
[{"$nulls":4},204]
[{"$nulls":4},205]
[{"$nulls":4},206]
[{"$nulls":4},207]
[{"$nulls":4},208]
[{"$nulls":4},209]
[{"$nulls":4},210]
[{"$nulls":4},211]
[{"$nulls":4},212]
[{"$nulls":4},213]
[{"$nulls":4},214]
[{"$nulls":4},215]
[{"$nulls":4},216]
[{"$nulls":4},217]
[{"$nulls":4},218]
[{"$nulls":4},219]
[{"$nulls":4},220]
[{"$nulls":4},221]
[{"$nulls":4},222]
[{"$nulls":4},223]
[{"$nulls":4},224]
[{"$nulls":4},225]
[{"$nulls":4},226]
[{"$nulls":4},227]
[{"$nulls":4},228]
[{"$nulls":4},229]
[{"$nulls":4},230]
[{"$nulls":4},231]
[{"$nulls":4},232]
[{"$nulls":4},233]
[{"$nulls":4},234]
[{"$nulls":4},235]
[{"$nulls":4},236]
[{"$nulls":4},237]
[{"$nulls":4},238]
[{"$nulls":4},239]
[{"$nulls":4},240]
[{"$nulls":4},241]
[{"$nulls":4},242]
[{"$nulls":4},243]
[{"$nulls":4},244]
[{"$nulls":4},245]
[{"$nulls":4},246]
[{"$nulls":4},247]
[{"$nulls":4},248]
[{"$nulls":4},249]
[{"$nulls":4},250]
[{"$nulls":4},251]
[{"$nulls":4},252]
[{"$nulls":4},253]
[{"$nulls":4},254]
[{"$nulls":4},255]
[{"$nulls":4},256]
[{"$nulls":4},257]
[{"$nulls":4},258]
[{"$nulls":4},259]
[{"$nulls":4},260]
[{"$nulls":4},261]
[{"$nulls":4},262]
[{"$nulls":4},263]
[{"$nulls":4},264]
[{"$nulls":4},265]
[{"$nulls":4},266]
[{"$nulls":4},267]
[{"$nulls":4},268]
[{"$nulls":4},269]
[{"$nulls":4},270]
[{"$nulls":4},271]
[{"$nulls":4},272]
[{"$nulls":4},273]
[{"$nulls":4},274]
[{"$nulls":4},275]
[{"$nulls":4},276]
[{"$nulls":4},277]
[{"$nulls":4},278]
[{"$nulls":4},279]
[{"$nulls":4},280]
[{"$nulls":4},281]
[{"$nulls":4},282]
[{"$nulls":4},283]
[{"$nulls":4},284]
[{"$nulls":4},285]
[{"$nulls":4},286]
[{"$nulls":4},287]
[{"$nulls":4},288]
[{"$nulls":4},289]
[{"$nulls":4},290]
[{"$nulls":4},291]
[{"$nulls":4},292]
[{"$nulls":4},293]
[{"$nulls":4},294]
[{"$nulls":4},295]
[{"$nulls":4},296]
[{"$nulls":4},297]
[{"$nulls":4},298]
[{"$nulls":4},299]
[{"$nulls":4},300]

{"sheet":"Future Champs","index":8,"n_rows":26,"n_cols":6,"rows_kept":26,"cut":false,"hidden":false,"merged":[[0,0,0,5]]}
["Future Champs"]
["Draw","Rider Name","Horse Name","Time","Placing","Money Earned"]
[1,"Hadley Donegan",null,23.611999999999998]
[2,"Peyton Smith","Tator",55.505000000000003]
[3,"Danley Donegan",null,54.749000000000002]
[4]
[5]
[6]
[7]
[8]
[9]
[10]
[10]
[11]
[12]
[13]
[14]
[15]
[16]
[17]
[18]
[19]
[20]
[21]
[22]
[23]

{"sheet":"BFA 2D Payout","index":9,"n_rows":52,"n_cols":6,"rows_kept":52,"cut":false,"hidden":true,"merged":[[51,0,51,4],[20,0,20,4],[28,0,28,4],[29,0,29,4],[39,0,39,4],[40,0,40,4],[25,3,26,4],[35,3,37,4],[46,3,49,4],[19,0,19,4],[0,0,0,4],[3,0,3,4],[4,0,4,4],[11,0,11,4],[12,0,12,4],[7,3,9,4],[16,3,17,4]]}
["BFA 2D Payout"]
["Entry Fee","# Entries","% Payback","Added $","  Total Payout","Each Go"]
[25,19,0.8,200,{"$f":"(A3*$C$3)*B3+D3","v":580},0.3]
[{"$nulls":5},{"$f":"$E$3*$F$3","v":174}]
["$5,000-7,500 Pays 5 Places         4 to 1D 1 to 2D"]
["Placings","1D",null,"2D"]
["1st",{"$f":"($F$4*$C$7)","v":57.42},0.33,{"$f":"$F$4*$E$7","v":12.180000000000001},7.0000000000000007E-2]
["2nd",{"$f":"$F$4*$C$8","v":46.980000000000004},0.27]
["3rd",{"$f":"$F$4*$C$9","v":34.800000000000004},0.2]
["4th",{"$f":"$F$4*$C$10","v":22.62},0.13]
["Totals",{"$f":"SUM(B7:B10)","v":161.82000000000002},null,{"$f":"SUM(D7:D10)","v":12.180000000000001},{"$f":"(C7+C8+C9+C10+E7+E8)","v":1}]
[{"$f":"B11+D11","v":174.00000000000003}]
["$7,501 - 10,000 Pays 6 Places        4 to 1D,  2 to 2D"]
["Placings","1D",null,"2D"]
["1st",{"$f":"$F$4*$C$15","v":50.459999999999994},0.28999999999999998,{"$f":"$F$4*$E$15","v":15.66},0.09]
["2nd",{"$f":"+$F$4*$C$16","v":41.76},0.24,{"$f":"F4*E16","v":8.7000000000000011},0.05]
["3rd",{"$f":"$F$4*$C$17","v":33.06},0.19]
["4th",{"$f":"$F$4*$C$18","v":24.360000000000003},0.14000000000000001]
["Totals",{"$f":"SUM(B15:B18)","v":149.64000000000001},null,{"$f":"D16+D15","v":24.36},{"$f":"SUM(C15+C16+C17+C18+E15+E16)","v":1}]
[{"$f":"D19+B19","v":174}]
["   $10,001 - $15,000 Payes 8 Places        5 to 1D, 3 to 2D"]
["Placings","1D",null,"2D"]
["1st",{"$f":"F4*C23","v":41.76},0.24,{"$f":"F4*E23","v":12.180000000000001},7.0000000000000007E-2]
["2nd",{"$f":"F4*C24","v":34.800000000000004},0.2,{"$f":"F4*E24","v":8.7000000000000011},0.05]
["3rd",{"$f":"F4*C25","v":29.580000000000002},0.17,{"$f":"F4*E25","v":6.96},0.04]
["4th",{"$f":"F4*C26","v":22.62},0.13]
["5th",{"$f":"F4*C27","v":17.400000000000002},0.1]
["Totals",{"$f":"SUM(B23:B27)","v":146.16},null,{"$f":"SUM(D23:D27)","v":27.840000000000003},{"$f":"C23+C24+C25+C26+C27+E23+E24+E25","v":1}]
[{"$f":"B28+D28","v":174}]
["$15,001 - $25,000 Payes 11 Places        7 to 1D, 4 to 2D"]
["Placings","1D",null,"2D"]
["1st",{"$f":"$F$4*C32","v":36.54},0.21,{"$f":"$F$4*E32","v":8.7000000000000011},0.05]
["2nd",{"$f":"$F$4*C33","v":31.32},0.18,{"$f":"$F$4*E33","v":6.96},0.04]
["3rd",26.099999999999998,0.15,5.22,0.03]
["4th",19.14,0.11,3.48,0.02]
["5th",13.92,0.08]
["6th",12.180000000000001,7.0000000000000007E-2]
["7th",10.44,0.06]
["Totals",{"$f":"SUM(B32:B38)","v":149.63999999999999},null,{"$f":"SUM(D32:D38)","v":24.36},{"$f":"C32+C33+C34+C35+C36+C37+C38+E32+E33+E34+E35","v":1.0000000000000002}]
[{"$f":"SUM(B39+D39)","v":174}]
["$25,001 - $35,000 Payes 12 Places          8 to 1D, 4 to 2D"]
["Placings","1D",null,"2D"]
["1st",{"$f":"$F$4*C43","v":33.06},0.19,{"$f":"$F$4*E43","v":8.7000000000000011},0.05]
["2nd",{"$f":"$F$4*C44","v":26.099999999999998},0.15,{"$f":"$F$4*E44","v":6.96},0.04]
["3rd",20.88,0.12,5.22,0.03]
["4th",17.400000000000002,0.1,3.48,0.02]
["5th",15.66,0.09]
["6th",13.92,0.08]
["7th",12.180000000000001,7.0000000000000007E-2]
["8th",10.44,0.06]
["Totals",{"$f":"SUM(B43:B50)","v":149.63999999999999},null,{"$f":"SUM(D43:D46)","v":24.36},{"$f":"C43+C44+C45+C46+C47+C48+C49+C50+E43+E44+E45+E46","v":1}]
[{"$f":"D51+B51","v":174}]

{"sheet":"2D Payout","index":10,"n_rows":76,"n_cols":5,"rows_kept":76,"cut":false,"hidden":false,"merged":[[35,0,35,4],[34,0,34,4],[28,3,28,4],[19,0,19,4],[26,0,26,4],[21,3,21,4],[13,0,13,4],[14,0,14,4],[20,0,20,4],[15,3,15,4],[27,0,27,4],[0,0,0,4],[8,0,8,4],[9,0,9,4],[3,0,3,4],[10,3,10,4],[5,3,6,3],[5,4,7,4],[36,3,36,4],[76,0,76,4],[43,0,43,4],[53,0,53,4],[65,0,65,4],[44,0,44,4],[54,0,54,4],[64,0,64,4],[45,3,45,4],[55,3,55,4],[66,3,66,4]]}
["2D Payout"]
["Entry Fee","# Entries","% Payback","Added $","  Total Payout"]
[50,11,0.8,null,{"$f":"(A3*$C$3)*B3+D3","v":440}]
[]
["% in each D",0.6,0.4,"Total % =",{"$f":"SUM(B5:C5)","v":1}]
[null,"1D","2D"]
[null,{"$f":"(($A$3*$B$3*$C$3*$B$5)+($D$3*$B$5))","v":264},{"$f":"(($A$3*$B$3*$C$3*$C$5)+($D$3*$C$5))","v":176}]
["Totals",{"$f":"SUM(B7)","v":264},{"$f":"SUM(C7)","v":176},{"$f":"SUM(B8:C8)","v":440}]
[]
["For 1-7 riders 1 place"]
["Placings","1D","2D"]
["1st",{"$f":"$B$7*$E$12","v":264},{"$f":"$C$7*$E$5","v":176},"è",1]
["Totals",{"$f":"SUM(B12:B12)","v":264},{"$f":"SUM(C12:C12)","v":176},{"$f":"SUM(B13:C13)","v":440},{"$f":"SUM(E12)","v":1}]
[]
["For 8-11 riders 2 places"]
["Placings","1D","2D"]
["1st",{"$f":"$B$7*$E$17","v":158.4},{"$f":"$C$7*$E$17","v":105.6},"è",0.6]
["2nd",{"$f":"$B$7*$E$18","v":105.60000000000001},{"$f":"$C$7*$E$18","v":70.400000000000006},"è",0.4]
["Totals",{"$f":"SUM(B17:B18)","v":264},{"$f":"SUM(C17:C18)","v":176},{"$f":"SUM(B19:C19)","v":440},{"$f":"SUM(E17:E18)","v":1}]
[]
["For 12-15 riders 3 places"]
["Placings","1D","2D"]
["1st",{"$f":"$B$7*$E$23","v":132},{"$f":"$C$7*$E$23","v":88},"è",0.5]
["2nd",{"$f":"$B$7*$E$24","v":79.2},{"$f":"$C$7*$E$24","v":52.8},"è",0.3]
["3rd",{"$f":"$B$7*$E$25","v":52.800000000000004},{"$f":"$C$7*$E$25","v":35.200000000000003},"è",0.2]
["Totals",{"$f":"SUM(B23:B25)","v":264},{"$f":"SUM(C23:C25)","v":176},{"$f":"SUM(B26:C26)","v":440},{"$f":"SUM(E23:E25)","v":1}]
[]
["For 16-19 riders 4 places"]
["Placings","1D","2D"]
["1st",{"$f":"$B$7*$E$30","v":105.60000000000001},{"$f":"$C$7*$E$30","v":70.400000000000006},"è",0.4]
["2nd",{"$f":"$B$7*$E$31","v":79.2},{"$f":"$C$7*$E$31","v":52.8},"è",0.3]
["3rd",{"$f":"$B$7*$E$32","v":52.800000000000004},{"$f":"$C$7*$E$32","v":35.200000000000003},"è",0.2]
["4th",{"$f":"$B$7*$E$33","v":26.400000000000002},{"$f":"$C$7*$E$33","v":17.600000000000001},"è",0.1]
["Totals",{"$f":"SUM(B30:B33)","v":264},{"$f":"SUM(C30:C33)","v":176},{"$f":"SUM(B34:C34)","v":440},{"$f":"SUM(E30:E33)","v":0.99999999999999989}]
[]
["For 20-23 riders 5 places"]
["Placings","1D","2D"]
["1st",{"$f":"$B$7*$E$38","v":79.2},{"$f":"$C$7*$E$38","v":52.8},"è",0.3]
["2nd",{"$f":"$B$7*$E$39","v":66},{"$f":"$C$7*$E$39","v":44},"è",0.25]
["3rd",{"$f":"$B$7*$E$40","v":52.800000000000004},{"$f":"$C$7*$E$40","v":35.200000000000003},"è",0.2]
["4th",{"$f":"$B$7*$E$41","v":39.6},{"$f":"$C$7*$E$41","v":26.4},"è",0.15]
["5th",{"$f":"$B$7*$E$42","v":26.400000000000002},{"$f":"$C$7*$E$42","v":17.600000000000001},"è",0.1]
["Totals",{"$f":"SUM(B38:B42)","v":264},{"$f":"SUM(C38:C42)","v":176},{"$f":"SUM(B43:C43)","v":440},{"$f":"SUM(E38:E42)","v":1}]
[]
["For 24-27 riders 6 places"]
["Placings","1D","2D"]
["1st",{"$f":"$B$7*$E$47","v":66},{"$f":"$C$7*$E$47","v":44},"è",0.25]
["2nd",{"$f":"$B$7*$E$48","v":52.800000000000004},{"$f":"$C$7*$E$48","v":35.200000000000003},"è",0.2]
["3rd",{"$f":"$B$7*$E$49","v":47.519999999999996},{"$f":"$C$7*$E$49","v":31.68},"è",0.18]
["4th",{"$f":"$B$7*$E$50","v":39.6},{"$f":"$C$7*$E$50","v":26.4},"è",0.15]
["5th",{"$f":"$B$7*$E$51","v":31.68},{"$f":"$C$7*$E$51","v":21.119999999999997},"è",0.12]
["6th",{"$f":"$B$7*$E$52","v":26.400000000000002},{"$f":"$C$7*$E$52","v":17.600000000000001},"è",0.1]
["Totals",{"$f":"SUM(B47:B52)","v":264},{"$f":"SUM(C47:C52)","v":176},{"$f":"SUM(B53:C53)","v":440},{"$f":"SUM(E47:E52)","v":1}]
[]
["For 28-31 riders 7 places"]
["Placings","1D","2D"]
["1st",{"$f":"$B$7*$E$57","v":58.08},{"$f":"$C$7*$E$57","v":38.72},"è",0.22]
["2nd",{"$f":"$B$7*$E$58","v":47.519999999999996},{"$f":"$C$7*$E$58","v":31.68},"è",0.18]
["3rd",{"$f":"$B$7*$E$59","v":42.24},{"$f":"$C$7*$E$59","v":28.16},"è",0.16]
["4th",{"$f":"$B$7*$E$60","v":36.96},{"$f":"$C$7*$E$60","v":24.64},"è",0.14000000000000001]
["5th",{"$f":"$B$7*$E$61","v":31.68},{"$f":"$C$7*$E$61","v":21.119999999999997},"è",0.12]
["6th",{"$f":"$B$7*$E$62","v":26.400000000000002},{"$f":"$C$7*$E$62","v":17.600000000000001},"è",0.1]
["7th",{"$f":"$B$7*$E$63","v":21.12},{"$f":"$C$7*$E$63","v":14.08},"è",0.08]
["Totals",{"$f":"SUM(B57:B63)","v":264},{"$f":"SUM(C57:C63)","v":176},{"$f":"SUM(B64:C64)","v":440},{"$f":"SUM(E57:E63)","v":1}]
[]
["For 32 or more riders 8 places"]
["Placings","1D","2D"]
["1st",{"$f":"$B$7*$E$68","v":60.720000000000006},{"$f":"$C$7*$E$68","v":40.480000000000004},"è",0.23]
["2nd",{"$f":"$B$7*$E$69","v":52.800000000000004},{"$f":"$C$7*$E$69","v":35.200000000000003},"è",0.2]
["3rd",{"$f":"$B$7*$E$70","v":44.88},{"$f":"$C$7*$E$70","v":29.92},"è",0.17]
["4th",{"$f":"$B$7*$E$71","v":36.96},{"$f":"$C$7*$E$71","v":24.64},"è",0.14000000000000001]
["5th",{"$f":"$B$7*$E$72","v":29.04},{"$f":"$C$7*$E$72","v":19.36},"è",0.11]
["6th",{"$f":"$B$7*$E$73","v":21.12},{"$f":"$C$7*$E$73","v":14.08},"è",0.08]
["7th",{"$f":"$B$7*$E$74","v":13.200000000000001},{"$f":"$C$7*$E$74","v":8.8000000000000007},"è",0.05]
["8th",{"$f":"$B$7*$E$75","v":5.28},{"$f":"$C$7*$E$75","v":3.52},"è",0.02]
["Totals",{"$f":"SUM(B68:B75)","v":264},{"$f":"SUM(C68:C75)","v":176.00000000000006},{"$f":"SUM(B76:C76)","v":440.00000000000006},{"$f":"SUM(E68:E75)","v":1}]

{"sheet":"3D Payout","index":11,"n_rows":76,"n_cols":6,"rows_kept":76,"cut":false,"hidden":true,"merged":[[20,0,20,5],[26,0,26,5],[65,0,65,5],[44,0,44,5],[54,0,54,5],[27,0,27,5],[35,0,35,5],[21,4,21,5],[55,4,55,5],[45,4,45,5],[36,4,36,5],[28,4,28,5],[34,0,34,5],[0,0,0,5],[3,0,3,5],[8,0,8,5],[9,0,9,5],[5,5,7,5],[5,4,6,4],[13,0,13,5],[19,0,19,5],[14,0,14,5],[15,4,15,5],[10,4,10,5],[76,0,76,5],[43,0,43,5],[53,0,53,5],[64,0,64,5],[66,4,66,5]]}
["3D Payout"]
["Entry Fee","# Entries","% Payback","$ From Entry","Added $","  Total Payout"]
[10,3,0.8,{"$f":"$A$3*$C$3*$B$3","v":24},null,{"$f":"$D$3+$E$3","v":24}]
[]
["% in each D",0.5,0.3,0.2,"Total % =",{"$f":"SUM(B5:D5)","v":1}]
[null,"1D","2D","3D"]
[null,{"$f":"(($A$3*$B$3*$C$3*$B$5)+($E$3*$B$5))","v":12},{"$f":"(($A$3*$B$3*$C$3*$C$5)+($E$3*$C$5))","v":7.1999999999999993},{"$f":"(($A$3*$B$3*$C$3*$D$5)+($E$3*$D$5))","v":4.8000000000000007}]
["Totals",{"$f":"SUM(B7)","v":12},{"$f":"SUM(C7)","v":7.1999999999999993},4.8000000000000007,{"$f":"SUM(B8:D8)","v":24}]
[]
["For 1-10 riders 1 place"]
["Placings","1D","2D","3D"]
["1st",{"$f":"$B$7*$F$12","v":12},{"$f":"$C$7*$F$12","v":7.1999999999999993},{"$f":"$D$7*$F$12","v":4.8000000000000007},"è",1]
["Totals",{"$f":"SUM(B12:B12)","v":12},{"$f":"SUM(C12:C12)","v":7.1999999999999993},{"$f":"SUM(D12:D12)","v":4.8000000000000007},{"$f":"SUM(B13:D13)","v":24},{"$f":"SUM(F12)","v":1}]
[]
["For 11-15 riders 2 places"]
["Placings","1D","2D","3D"]
["1st",{"$f":"$B$7*$F$17","v":7.1999999999999993},{"$f":"$C$7*$F$17","v":4.3199999999999994},{"$f":"$D$7*$F$17","v":2.8800000000000003},"è",0.6]
["2nd",{"$f":"$B$7*$F$18","v":4.8000000000000007},{"$f":"$C$7*$F$18","v":2.88},{"$f":"$D$7*$F$18","v":1.9200000000000004},"è",0.4]
["Totals",{"$f":"SUM(B17:B18)","v":12},{"$f":"SUM(C17:C18)","v":7.1999999999999993},{"$f":"SUM(D17:D18)","v":4.8000000000000007},{"$f":"SUM(B19:D19)","v":24},{"$f":"SUM(F17:F18)","v":1}]
[]
["For 16-30 riders 3 places"]
["Placings","1D","2D","3D"]
["1st",{"$f":"$B$7*$F$23","v":6},{"$f":"$C$7*$F$23","v":3.5999999999999996},{"$f":"$D$7*$F$23","v":2.4000000000000004},"è",0.5]
["2nd",{"$f":"$B$7*$F$24","v":3.5999999999999996},{"$f":"$C$7*$F$24","v":2.1599999999999997},{"$f":"$D$7*$F$24","v":1.4400000000000002},"è",0.3]
["3rd",{"$f":"$B$7*$F$25","v":2.4000000000000004},{"$f":"$C$7*$F$25","v":1.44},{"$f":"$D$7*$F$25","v":0.96000000000000019},"è",0.2]
["Totals",{"$f":"SUM(B23:B25)","v":12},{"$f":"SUM(C23:C25)","v":7.1999999999999993},{"$f":"SUM(D22:D25)","v":4.8000000000000007},{"$f":"SUM(B26:D26)","v":24},{"$f":"SUM(F23:F25)","v":1}]
[]
["For 31-60 riders 4 places"]
["Placings","1D","2D","3D"]
["1st",{"$f":"$B$7*$F$30","v":5.04},{"$f":"$C$7*$F$30","v":3.0239999999999996},{"$f":"$D$7*$F$30","v":2.016},"è",0.42]
["2nd",{"$f":"$B$7*$F$31","v":3.4799999999999995},{"$f":"$C$7*$F$31","v":2.0879999999999996},{"$f":"$D$7*$F$31","v":1.3920000000000001},"è",0.28999999999999998]
["3rd",{"$f":"$B$7*$F$32","v":2.2800000000000002},{"$f":"$C$7*$F$32","v":1.3679999999999999},{"$f":"$D$7*$F$32","v":0.91200000000000014},"è",0.19]
["4th",{"$f":"$B$7*$F$33","v":1.2000000000000002},{"$f":"$C$7*$F$33","v":0.72},{"$f":"$D$7*$F$33","v":0.48000000000000009},"è",0.1]
["Totals",{"$f":"SUM(B30:B33)","v":12},{"$f":"SUM(C30:C33)","v":7.1999999999999984},{"$f":"SUM(D30:D33)","v":4.8000000000000007},{"$f":"SUM(B34:D34)","v":24},{"$f":"SUM(F30:F33)","v":0.99999999999999989}]
[]
["For 61-90 riders 5 places"]
["Placings","1D","2D","3D"]
["1st",{"$f":"$B$7*$F$38","v":4.5600000000000005},{"$f":"$C$7*$F$38","v":2.7359999999999998},{"$f":"$D$7*$F$38","v":1.8240000000000003},"è",0.38]
["2nd",{"$f":"$B$7*$F$39","v":3.3600000000000003},{"$f":"$C$7*$F$39","v":2.016},{"$f":"$D$7*$F$39","v":1.3440000000000003},"è",0.28000000000000003]
["3rd",{"$f":"$B$7*$F$40","v":2.16},{"$f":"$C$7*$F$40","v":1.2959999999999998},{"$f":"$D$7*$F$40","v":0.8640000000000001},"è",0.18]
["4th",{"$f":"$B$7*$F$41","v":1.2000000000000002},{"$f":"$C$7*$F$41","v":0.72},{"$f":"$D$7*$F$41","v":0.48000000000000009},"è",0.1]
["5th",{"$f":"$B$7*$F$42","v":0.72},{"$f":"$C$7*$F$42","v":0.43199999999999994},{"$f":"$D$7*$F$42","v":0.28800000000000003},"è",0.06]
["Totals",{"$f":"SUM(B38:B42)","v":12.000000000000002},{"$f":"SUM(C38:C42)","v":7.1999999999999993},{"$f":"SUM(D38:D42)","v":4.8000000000000016},{"$f":"SUM(B43:D43)","v":24.000000000000004},{"$f":"SUM(F38:F42)","v":1}]
[]
["For 91-120 riders 6 places"]
["Placings","1D","2D","3D"]
["1st",{"$f":"$B$7*$F$47","v":4.32},{"$f":"$C$7*$F$47","v":2.5919999999999996},{"$f":"$D$7*$F$47","v":1.7280000000000002},"è",0.36]
["2nd",{"$f":"$B$7*$F$48","v":3.12},{"$f":"$C$7*$F$48","v":1.8719999999999999},{"$f":"$D$7*$F$48","v":1.2480000000000002},"è",0.26]
["3rd",{"$f":"$B$7*$F$49","v":1.92},{"$f":"$C$7*$F$49","v":1.1519999999999999},{"$f":"$D$7*$F$49","v":0.76800000000000013},"è",0.16]
["4th",{"$f":"$B$7*$F$50","v":1.2000000000000002},{"$f":"$C$7*$F$50","v":0.72},{"$f":"$D$7*$F$50","v":0.48000000000000009},"è",0.1]
["5th",{"$f":"$B$7*$F$51","v":0.84000000000000008},{"$f":"$C$7*$F$51","v":0.504},{"$f":"$D$7*$F$51","v":0.33600000000000008},"è",7.0000000000000007E-2]
["6th",{"$f":"$B$7*$F$52","v":0.60000000000000009},{"$f":"$C$7*$F$52","v":0.36},{"$f":"$D$7*$F$52","v":0.24000000000000005},"è",0.05]
["Totals",{"$f":"SUM(B47:B52)","v":11.999999999999998},{"$f":"SUM(C47:C52)","v":7.2},{"$f":"SUM(D47:D52)","v":4.8000000000000016},{"$f":"SUM(B53:D53)","v":24},{"$f":"SUM(F47:F52)","v":1}]
[]
["For 121-200 riders 7 places"]
["Placings","1D","2D","3D"]
["1st",{"$f":"$B$7*$F$57","v":3.12},{"$f":"$C$7*$F$57","v":1.8719999999999999},{"$f":"$D$7*$F$57","v":1.2480000000000002},"è",0.26]
["2nd",{"$f":"$B$7*$F$58","v":2.4000000000000004},{"$f":"$C$7*$F$58","v":1.44},{"$f":"$D$7*$F$58","v":0.96000000000000019},"è",0.2]
["3rd",{"$f":"$B$7*$F$59","v":1.7999999999999998},{"$f":"$C$7*$F$59","v":1.0799999999999998},{"$f":"$D$7*$F$59","v":0.72000000000000008},"è",0.15]
["4th",{"$f":"$B$7*$F$60","v":1.44},{"$f":"$C$7*$F$60","v":0.86399999999999988},{"$f":"$D$7*$F$60","v":0.57600000000000007},"è",0.12]
["5th",{"$f":"$B$7*$F$61","v":1.2000000000000002},{"$f":"$C$7*$F$61","v":0.72},{"$f":"$D$7*$F$61","v":0.48000000000000009},"è",0.1]
["6th",{"$f":"$B$7*$F$62","v":1.08},{"$f":"$C$7*$F$62","v":0.64799999999999991},{"$f":"$D$7*$F$62","v":0.43200000000000005},"è",0.09]
["7th",{"$f":"$B$7*$F$63","v":0.96},{"$f":"$C$7*$F$63","v":0.57599999999999996},{"$f":"$D$7*$F$63","v":0.38400000000000006},"è",0.08]
["Totals",{"$f":"SUM(B57:B63)","v":12},{"$f":"SUM(C57:C63)","v":7.1999999999999984},{"$f":"SUM(D57:D63)","v":4.8000000000000007},{"$f":"SUM(B64:D64)","v":24},{"$f":"SUM(F57:F63)","v":0.99999999999999989}]
[]
["For 201 or more riders 8 places"]
["Placings","1D","2D","3D"]
["1st",{"$f":"$B$7*0.24","v":2.88},{"$f":"$C$7*0.24","v":1.7279999999999998},{"$f":"$D$7*0.24","v":1.1520000000000001},"è",0.24]
["2nd",{"$f":"$B$7*0.18","v":2.16},{"$f":"$C$7*0.18","v":1.2959999999999998},{"$f":"$D$7*0.18","v":0.8640000000000001},"è",0.18]
["3rd",{"$f":"$B$7*0.15","v":1.7999999999999998},{"$f":"$C$7*0.15","v":1.0799999999999998},{"$f":"$D$7*0.15","v":0.72000000000000008},"è",0.15]
["4th",{"$f":"$B$7*0.12","v":1.44},{"$f":"$C$7*0.12","v":0.86399999999999988},{"$f":"$D$7*0.12","v":0.57600000000000007},"è",0.12]
["5th",{"$f":"$B$7*0.1","v":1.2000000000000002},{"$f":"$C$7*0.1","v":0.72},{"$f":"$D$7*0.1","v":0.48000000000000009},"è",0.1]
["6th",{"$f":"$B$7*0.08","v":0.96},{"$f":"$C$7*0.08","v":0.57599999999999996},{"$f":"$D$7*0.08","v":0.38400000000000006},"è",0.08]
["7th",{"$f":"$B$7*0.07","v":0.84000000000000008},{"$f":"$C$7*0.07","v":0.504},{"$f":"$D$7*0.07","v":0.33600000000000008},"è",7.0000000000000007E-2]
["8th",{"$f":"$B$7*0.06","v":0.72},{"$f":"$C$7*0.06","v":0.43199999999999994},{"$f":"$D$7*0.06","v":0.28800000000000003},"è",0.06]
["Totals",{"$f":"SUM(B68:B75)","v":12.000000000000002},{"$f":"SUM(C68:C75)","v":7.1999999999999993},{"$f":"SUM(D68:D75)","v":4.8000000000000007},{"$f":"SUM(B76:D76)","v":24.000000000000004},{"$f":"SUM(F68:F75)","v":1}]

{"sheet":"4D Payout BBR","index":12,"n_rows":172,"n_cols":7,"rows_kept":172,"cut":false,"hidden":true,"merged":[[139,0,139,6],[140,5,140,6],[79,0,79,6],[80,0,80,6],[81,5,81,6],[96,0,96,6],[97,5,97,6],[95,0,95,6],[114,0,114,6],[115,0,115,6],[55,5,55,6],[65,0,65,6],[66,0,66,6],[116,5,116,6],[138,0,138,6],[0,0,0,6],[3,0,3,6],[5,5,6,5],[5,6,7,6],[8,0,8,6],[9,0,9,6],[10,5,10,6],[13,0,13,6],[14,0,14,6],[20,0,20,6],[172,0,172,5],[21,5,21,6],[15,5,15,6],[27,0,27,6],[45,5,45,6],[54,0,54,6],[28,5,28,6],[35,0,35,6],[36,5,36,6],[44,0,44,6],[19,0,19,6],[67,5,67,6],[53,0,53,6],[43,0,43,6],[34,0,34,6],[26,0,26,6]]}
["4D Payout BBR"]
["Entry Fee","# Entries","% Payback","$ From Entry","Added $","Total Payout"]
[40,200,0.8,{"$f":"$A$3*$C$3*$B$3","v":6400},1100,{"$f":"($A$3*$C$3)*$B$3+$E$3","v":7500}]
[]
["% in each D",0.35,0.3,0.2,0.15,"Total % Payout",{"$f":"SUM(B5:E5)","v":0.99999999999999989}]
[null,"1D","2D","3D","4D"]
[null,{"$f":"(($A$3*$B$3*$C$3*0.35)+($E$3/4))","v":2515},{"$f":"(($A$3*$B$3*$C$3*0.3)+($E$3/4))","v":2195},{"$f":"(($A$3*$B$3*$C$3*0.2)+($E$3/4))","v":1555},{"$f":"(($A$3*$B$3*$C$3*0.15)+($E$3/4))","v":1235}]
["Totals",{"$f":"SUM(B7)","v":2515},{"$f":"SUM(C7)","v":2195},1555,1235,{"$f":"SUM(B8:E8)","v":7500}]
[]
["For 1-16 riders 1 place"]
["Placings","1D","2D","3D","4D"]
["1st",{"$f":"$B$7*$G$12","v":2515},{"$f":"$C$7*$G$12","v":2195},{"$f":"$D$7*$G$12","v":1555},{"$f":"$E$7*$G$12","v":1235},"è",1]
["Totals",{"$f":"SUM(B12:B12)","v":2515},{"$f":"SUM(C12:C12)","v":2195},{"$f":"SUM(D12:D12)","v":1555},{"$f":"SUM(E12:E12)","v":1235},{"$f":"SUM(B13:E13)","v":7500},{"$f":"SUM(G12)","v":1}]
[]
["For 17-33 riders 2 places"]
["Placings","1D","2D","3D","4D"]
["1st",{"$f":"$B$7*$G$17","v":1509},{"$f":"$C$7*$G$17","v":1317},{"$f":"$D$7*$G$17","v":933},{"$f":"$E$7*$G$17","v":741},"è",0.6]
["2nd",{"$f":"$B$7*$G$18","v":1006},{"$f":"$C$7*$G$18","v":878},{"$f":"$D$7*$G$18","v":622},{"$f":"$E$7*$G$18","v":494},"è",0.4]
["Totals",{"$f":"SUM(B17:B18)","v":2515},{"$f":"SUM(C17:C18)","v":2195},{"$f":"SUM(D17:D18)","v":1555},{"$f":"SUM(E17:E18)","v":1235},{"$f":"SUM(B19:E19)","v":7500},{"$f":"SUM(G17:G18)","v":1}]
[]
["For 34-66 riders 3 places"]
["Placings","1D","2D","3D","4D"]
["1st",{"$f":"$B$7*$G$23","v":1257.5},{"$f":"$C$7*$G$23","v":1097.5},{"$f":"$D$7*$G$23","v":777.5},{"$f":"$E$7*$G$23","v":617.5},"è",0.5]
["2nd",{"$f":"$B$7*$G$24","v":754.5},{"$f":"$C$7*$G$24","v":658.5},{"$f":"$D$7*$G$24","v":466.5},{"$f":"$E$7*$G$24","v":370.5},"è",0.3]
["3rd",{"$f":"$B$7*$G$25","v":503},{"$f":"$C$7*$G$25","v":439},{"$f":"$D$7*$G$25","v":311},{"$f":"$E$7*$G$25","v":247},"è",0.2]
["Totals",{"$f":"SUM(B23:B25)","v":2515},{"$f":"SUM(C23:C25)","v":2195},{"$f":"SUM(D23:D25)","v":1555},{"$f":"SUM(E23:E25)","v":1235},{"$f":"SUM(B26:E26)","v":7500},{"$f":"SUM(G23:G25)","v":1}]
[]
["For 97-95 riders 4 places"]
["Placings","1D","2D","3D","4D"]
["1st",{"$f":"$B$7*$G$30","v":1006},{"$f":"$C$7*$G$30","v":878},{"$f":"$D$7*$G$30","v":622},{"$f":"$E$7*$G$30","v":494},"è",0.4]
["2nd",{"$f":"$B$7*$G$31","v":754.5},{"$f":"$C$7*$G$31","v":658.5},{"$f":"$D$7*$G$31","v":466.5},{"$f":"$E$7*$G$31","v":370.5},"è",0.3]
["3rd",{"$f":"$B$7*$G$32","v":503},{"$f":"$C$7*$G$32","v":439},{"$f":"$D$7*$G$32","v":311},{"$f":"$E$7*$G$32","v":247},"è",0.2]
["4th",{"$f":"$B$7*$G$33","v":251.5},{"$f":"$C$7*$G$33","v":219.5},{"$f":"$D$7*$G$33","v":155.5},{"$f":"$E$7*$G$33","v":123.5},"è",0.1]
["Totals",{"$f":"SUM(B30:B33)","v":2515},{"$f":"SUM(C30:C33)","v":2195},{"$f":"SUM(D30:D33)","v":1555},{"$f":"SUM(E30:E33)","v":1235},{"$f":"SUM(B34:E34)","v":7500},{"$f":"SUM(G30:G33)","v":0.99999999999999989}]
[]
["For 96-133 riders 5 places"]
["Placings","1D","2D","3D","4D"]
["1st",{"$f":"$B$7*$G$38","v":829.95},{"$f":"$C$7*$G$38","v":724.35},{"$f":"$D$7*G38","v":513.15},{"$f":"$E$7*$G$38","v":407.55},"è",0.33]
["2nd",{"$f":"$B$7*$G$39","v":679.05000000000007},{"$f":"$C$7*$G$39","v":592.65000000000009},{"$f":"$D$7*$G$39","v":419.85},{"$f":"$E$7*$G$39","v":333.45000000000005},"è",0.27]
["3rd",{"$f":"$B$7*$G$40","v":503},{"$f":"$C$7*$G$40","v":439},{"$f":"$D$7*$G$40","v":311},{"$f":"$E$7*$G$40","v":247},"è",0.2]
["4th",{"$f":"$B$7*$G$41","v":326.95},{"$f":"$C$7*$G$41","v":285.35000000000002},{"$f":"$D$7*$G$41","v":202.15},{"$f":"$E$7*$G$41","v":160.55000000000001},"è",0.13]
["5th",{"$f":"$B$7*$G$42","v":176.05},{"$f":"$C$7*$G$42","v":153.65},{"$f":"$D$7*$G$42","v":108.85000000000001},{"$f":"$E$7*$G$42","v":86.45},"è",7.0000000000000007E-2]
["Totals",{"$f":"SUM(B38:B42)","v":2515},{"$f":"SUM(C38:C42)","v":2195},{"$f":"SUM(D38:D42)","v":1555},{"$f":"SUM(E38:E42)","v":1235},{"$f":"SUM(B43:E43)","v":7500},{"$f":"SUM(G38:G42)","v":1}]
[]
["For 134-166 riders 6 places"]
["Placings","1D","2D","3D","4D"]
["1st",{"$f":"$B$7*$G$47","v":729.34999999999991},{"$f":"$C$7*$G$47","v":636.54999999999995},{"$f":"$D$7*$G$47","v":450.95},{"$f":"$E$7*$G$47","v":358.15},"è",0.28999999999999998]
["2nd",{"$f":"$B$7*$G$48","v":603.6},{"$f":"$C$7*$G$48","v":526.79999999999995},{"$f":"$D$7*$G$48","v":373.2},{"$f":"$E$7*$G$48","v":296.39999999999998},"è",0.24]
["3rd",{"$f":"$B$7*$G$49","v":477.85},{"$f":"$C$7*$G$49","v":417.05},{"$f":"$D$7*$G$49","v":295.45},{"$f":"$E$7*$G$49","v":234.65},"è",0.19]
["4th",{"$f":"$B$7*$G$50","v":352.1},{"$f":"$C$7*$G$50","v":307.3},{"$f":"$D$7*$G$50","v":217.70000000000002},{"$f":"$E$7*$G$50","v":172.9},"è",0.14000000000000001]
["5th",{"$f":"$B$7*$G$51","v":226.35},{"$f":"$C$7*$G$51","v":197.54999999999998},{"$f":"$D$7*$G$51","v":139.94999999999999},{"$f":"$E$7*$G$51","v":111.14999999999999},"è",0.09]
["6th",{"$f":"$B$7*$G$52","v":125.75},{"$f":"$C$7*$G$52","v":109.75},{"$f":"$D$7*$G$52","v":77.75},{"$f":"$E$7*$G$52","v":61.75},"è",0.05]
["Totals",{"$f":"SUM(B47:B52)","v":2514.9999999999995},{"$f":"SUM(C47:C52)","v":2195},{"$f":"SUM(D47:D52)","v":1555},{"$f":"SUM(E47:E52)","v":1235},{"$f":"SUM(B53:E53)","v":7500},{"$f":"SUM(G47:G52)","v":1}]
[]
["For 167-222 riders 8 places"]
["Placings","1D","2D","3D","4D"]
["1st",{"$f":"$B$7*$G$57","v":603.6},{"$f":"$C$7*$G$57","v":526.79999999999995},{"$f":"$D$7*$G$57","v":373.2},{"$f":"$E$7*$G$57","v":296.39999999999998},"è",0.24]
["2nd",{"$f":"$B$7*$G$58","v":503},{"$f":"$C$7*$G$58","v":439},{"$f":"$D$7*$G$58","v":311},{"$f":"$E$7*$G$58","v":247},"è",0.2]
["3rd",{"$f":"$B$7*$G$59","v":427.55},{"$f":"$C$7*$G$59","v":373.15000000000003},{"$f":"$D$7*$G$59","v":264.35000000000002},{"$f":"$E$7*$G$59","v":209.95000000000002},"è",0.17]
["4th",{"$f":"$B$7*$G$60","v":326.95},{"$f":"$C$7*$G$60","v":285.35000000000002},{"$f":"$D$7*$G$60","v":202.15},{"$f":"$E$7*$G$60","v":160.55000000000001},"è",0.13]
["5th",{"$f":"$B$7*$G$61","v":251.5},{"$f":"$C$7*$G$61","v":219.5},{"$f":"$D$7*$G$61","v":155.5},{"$f":"$E$7*$G$61","v":123.5},"è",0.1]
["6th",{"$f":"$B$7*$G$62","v":176.05},{"$f":"$C$7*$G$62","v":153.65},{"$f":"$D$7*$G$62","v":108.85000000000001},{"$f":"$E$7*$G$62","v":86.45},"è",7.0000000000000007E-2]
["7th",{"$f":"$B$7*$G$63","v":125.75},{"$f":"$C$7*$G$63","v":109.75},{"$f":"$D$7*$G$63","v":77.75},{"$f":"$E$7*$G$63","v":61.75},"è",0.05]
["8th",{"$f":"$B$7*$G$64","v":100.60000000000001},{"$f":"$C$7*$G$64","v":87.8},{"$f":"$D$7*$G$64","v":62.2},{"$f":"$E$7*$G$64","v":49.4},"è",0.04]
["Totals",{"$f":"SUM(B57:B64)","v":2515},{"$f":"SUM(C57:C64)","v":2195.0000000000005},{"$f":"SUM(D57:D64)","v":1555},{"$f":"SUM(E57:E64)","v":1235.0000000000002},{"$f":"SUM(B65:E65)","v":7500},{"$f":"SUM(G57:G64)","v":1}]
[]
["For 223-333 riders 10 places"]
["Placings","1D","2D","3D","4D"]
["1st",{"$f":"$B$7*$G$69","v":528.15},{"$f":"$C$7*$G$69","v":460.95},{"$f":"$D$7*$G$69","v":326.55},{"$f":"$E$7*$G$69","v":259.34999999999997},"è",0.21]
["2nd",{"$f":"$B$7*$G$70","v":452.7},{"$f":"$C$7*$G$70","v":395.09999999999997},{"$f":"$D$7*$G$70","v":279.89999999999998},{"$f":"$E$7*$G$70","v":222.29999999999998},"è",0.18]
["3rd",{"$f":"$B$7*$G$71","v":377.25},{"$f":"$C$7*$G$71","v":329.25},{"$f":"$D$7*$G$71","v":233.25},{"$f":"$E$7*$G$71","v":185.25},"è",0.15]
["4th",{"$f":"$B$7*$G$72","v":301.8},{"$f":"$C$7*$G$72","v":263.39999999999998},{"$f":"$D$7*$G$72","v":186.6},{"$f":"$E$7*$G$72","v":148.19999999999999},"è",0.12]
["5th",{"$f":"$B$7*$G$73","v":226.35},{"$f":"$C$7*$G$73","v":197.54999999999998},{"$f":"$D$7*$G$73","v":139.94999999999999},{"$f":"$E$7*$G$73","v":111.14999999999999},"è",0.09]
["6th",{"$f":"$B$7*$G$74","v":176.05},{"$f":"$C$7*$G$74","v":153.65},{"$f":"$D$7*$G$74","v":108.85000000000001},{"$f":"$E$7*$G$74","v":86.45},"è",7.0000000000000007E-2]
["7th",{"$f":"$B$7*$G$75","v":150.9},{"$f":"$C$7*$G$75","v":131.69999999999999},{"$f":"$D$7*$G$75","v":93.3},{"$f":"$E$7*$G$75","v":74.099999999999994},"è",0.06]
["8th",{"$f":"$B$7*$G$76","v":125.75},{"$f":"$C$7*$G$76","v":109.75},{"$f":"$D$7*$G$76","v":77.75},{"$f":"$E$7*$G$76","v":61.75},"è",0.05]
["9th",{"$f":"$B$7*$G$77","v":100.60000000000001},{"$f":"$C$7*$G$77","v":87.8},{"$f":"$D$7*$G$77","v":62.2},{"$f":"$E$7*$G$77","v":49.4},"è",0.04]
["10th",{"$f":"$B$7*$G$78","v":75.45},{"$f":"$C$7*$G$78","v":65.849999999999994},{"$f":"$D$7*$G$78","v":46.65},{"$f":"$E$7*$G$78","v":37.049999999999997},"è",0.03]
["Totals",{"$f":"SUM(B69:B78)","v":2514.9999999999995},{"$f":"SUM(C69:C78)","v":2195},{"$f":"SUM(D69:D78)","v":1555},{"$f":"SUM(E69:E78)","v":1235},{"$f":"B79+C79+D79+E79","v":7500},{"$f":"SUM(G69:G78)","v":1.0000000000000002}]
[]
["For 334-500 riders 12 places"]
["Placings","1D","2D","3D","4D"]
["1st",{"$f":"$B$7*$G$83","v":477.85},{"$f":"$C$7*$G$83","v":417.05},{"$f":"$D$7*$G$83","v":295.45},{"$f":"$E$7*$G$83","v":234.65},"è",0.19]
["2nd",{"$f":"$B$7*$G$84","v":377.25},{"$f":"$C$7*$G$84","v":329.25},{"$f":"$D$7*$G$84","v":233.25},{"$f":"$E$7*$G$84","v":185.25},"è",0.15]
["3rd",{"$f":"$B$7*$G$85","v":301.8},{"$f":"$C$7*$G$85","v":263.39999999999998},{"$f":"$D$7*$G$85","v":186.6},{"$f":"$E$7*$G$85","v":148.19999999999999},"è",0.12]
["4th",{"$f":"$B$7*$G$86","v":251.5},{"$f":"$C$7*$G$86","v":219.5},{"$f":"$D$7*$G$86","v":155.5},{"$f":"$E$7*$G$86","v":123.5},"è",0.1]
["5th",{"$f":"$B$7*$G$87","v":226.35},{"$f":"$C$7*$G$87","v":197.54999999999998},{"$f":"$D$7*$G$87","v":139.94999999999999},{"$f":"$E$7*$G$87","v":111.14999999999999},"è",0.09]
["6th",{"$f":"$B$7*$G$88","v":201.20000000000002},{"$f":"$C$7*$G$88","v":175.6},{"$f":"$D$7*$G$88","v":124.4},{"$f":"$E$7*$G$88","v":98.8},"è",0.08]
["7th",{"$f":"$B$7*$G$89","v":176.05},{"$f":"$C$7*$G$89","v":153.65},{"$f":"$D$7*$G$89","v":108.85000000000001},{"$f":"$E$7*$G$89","v":86.45},"è",7.0000000000000007E-2]
["8th",{"$f":"$B$7*$G$90","v":150.9},{"$f":"$C$7*$G$90","v":131.69999999999999},{"$f":"$D$7*$G$90","v":93.3},{"$f":"$E$7*$G$90","v":74.099999999999994},"è",0.06]
["9th",{"$f":"$B$7*$G$91","v":125.75},{"$f":"$C$7*$G$91","v":109.75},{"$f":"$D$7*$G$91","v":77.75},{"$f":"$E$7*$G$91","v":61.75},"è",0.05]
["10th",{"$f":"$B$7*$G$92","v":100.60000000000001},{"$f":"$C$7*$G$92","v":87.8},{"$f":"$D$7*$G$92","v":62.2},{"$f":"$E$7*$G$92","v":49.4},"è",0.04]
["11th",{"$f":"$B$7*$G$93","v":75.45},{"$f":"$C$7*$G$93","v":65.849999999999994},{"$f":"$D$7*$G$93","v":46.65},{"$f":"$E$7*$G$93","v":37.049999999999997},"è",0.03]
["12th",{"$f":"$B$7*$G$94","v":50.300000000000004},{"$f":"$C$7*$G$94","v":43.9},{"$f":"$D$7*$G$94","v":31.1},{"$f":"$E$7*$G$94","v":24.7},"è",0.02]
["Totals",{"$f":"SUM(B83:B94)","v":2515},{"$f":"SUM(C83:C94)","v":2195},1555,1235,{"$f":"B95+C95+D95+E95","v":7500},{"$f":"SUM(G83:G94)","v":1}]
[]
["For 501-750 riders 15 places"]
["Placings","1D","2D","3D","4D"]
["1st",{"$f":"$B$7*$G$99","v":452.7},{"$f":"$C$7*$G$99","v":395.09999999999997},{"$f":"$D$7*$G$99","v":279.89999999999998},{"$f":"$E$7*$G$99","v":222.29999999999998},"è",0.18]
["2nd",{"$f":"$B$7*$G$100","v":377.25},{"$f":"$C$7*$G$100","v":329.25},{"$f":"$D$7*$G$100","v":233.25},{"$f":"$E$7*$G$100","v":185.25},"è",0.15]
["3rd",{"$f":"$B$7*$G$101","v":301.8},{"$f":"$C$7*$G$101","v":263.39999999999998},{"$f":"$D$7*$G$101","v":186.6},{"$f":"$E$7*$G$101","v":148.19999999999999},"è",0.12]
["4th",{"$f":"$B$7*$G$102","v":251.5},{"$f":"$C$7*$G$102","v":219.5},{"$f":"$D$7*$G$102","v":155.5},{"$f":"$E$7*$G$102","v":123.5},"è",0.1]
["5th",{"$f":"$B$7*$G$103","v":213.77500000000001},{"$f":"$C$7*$G$103","v":186.57500000000002},{"$f":"$D$7*$G$103","v":132.17500000000001},{"$f":"$E$7*$G$103","v":104.97500000000001},"è",8.5000000000000006E-2]
["6th",{"$f":"$B$7*$G$104","v":176.05},{"$f":"$C$7*$G$104","v":153.65},{"$f":"$D$7*$G$104","v":108.85000000000001},{"$f":"$E$7*$G$104","v":86.45},"è",7.0000000000000007E-2]
["7th",{"$f":"$B$7*$G$105","v":150.9},{"$f":"$C$7*$G$105","v":131.69999999999999},{"$f":"$D$7*$G$105","v":93.3},{"$f":"$E$7*$G$105","v":74.099999999999994},"è",0.06]
["8th",{"$f":"$B$7*$G$106","v":125.75},{"$f":"$C$7*$G$106","v":109.75},{"$f":"$D$7*$G$106","v":77.75},{"$f":"$E$7*$G$106","v":61.75},"è",0.05]
["9th",{"$f":"$B$7*$G$107","v":106.8875},{"$f":"$C$7*$G$107","v":93.287500000000009},{"$f":"$D$7*$G$107","v":66.087500000000006},{"$f":"$E$7*$G$107","v":52.487500000000004},"è",4.2500000000000003E-2]
["10th",{"$f":"$B$7*$G$108","v":88.025000000000006},{"$f":"$C$7*$G$108","v":76.825000000000003},{"$f":"$D$7*$G$108","v":54.425000000000004},{"$f":"$E$7*$G$108","v":43.225000000000001},"è",3.5000000000000003E-2]
["11th",{"$f":"$B$7*$G$109","v":75.45},{"$f":"$C$7*$G$109","v":65.849999999999994},{"$f":"$D$7*$G$109","v":46.65},{"$f":"$E$7*$G$109","v":37.049999999999997},"è",0.03]
["12th",{"$f":"$B$7*$G$110","v":62.875},{"$f":"$C$7*$G$110","v":54.875},{"$f":"$D$7*$G$110","v":38.875},{"$f":"$E$7*$G$110","v":30.875},"è",2.5000000000000001E-2]
["13th",{"$f":"$B$7*$G$111","v":50.300000000000004},{"$f":"$C$7*$G$111","v":43.9},{"$f":"$D$7*$G$111","v":31.1},{"$f":"$E$7*$G$111","v":24.7},"è",0.02]
["14th",{"$f":"$B$7*$G$112","v":44.012500000000003},{"$f":"$C$7*$G$112","v":38.412500000000001},{"$f":"$D$7*$G$112","v":27.212500000000002},{"$f":"$E$7*$G$112","v":21.612500000000001},"è",1.7500000000000002E-2]
["15th",{"$f":"$B$7*$G$113","v":37.725000000000001},{"$f":"$C$7*$G$113","v":32.924999999999997},{"$f":"$D$7*$G$113","v":23.324999999999999},{"$f":"$E$7*$G$113","v":18.524999999999999},"è",1.4999999999999999E-2]
["Totals",{"$f":"SUM(B99:B113)","v":2515},{"$f":"SUM(C99:C113)","v":2195},1555,1235,{"$f":"B114+C114+D114+E114","v":7500},{"$f":"SUM(G99:G113)","v":1}]
[]
["For 751-1200 riders 20 places"]
["Placings","1D","2D","3D","4D"]
["1st",{"$f":"$B$7*$G$118","v":352.1},{"$f":"$C$7*$G$118","v":307.3},{"$f":"$D$7*$G$118","v":217.70000000000002},{"$f":"$E$7*$G$118","v":172.9},"è",0.14000000000000001]
["2nd",{"$f":"$B$7*$G$119","v":276.64999999999998},{"$f":"$C$7*$G$119","v":241.45},{"$f":"$D$7*$G$119","v":171.05},{"$f":"$E$7*$G$119","v":135.85},"è",0.11]
["3rd",{"$f":"$B$7*$G$120","v":226.35},{"$f":"$C$7*$G$120","v":197.54999999999998},{"$f":"$D$7*$G$120","v":139.94999999999999},{"$f":"$E$7*$G$120","v":111.14999999999999},"è",0.09]
["4th",{"$f":"$B$7*$G$121","v":193.655},{"$f":"$C$7*$G$121","v":169.01499999999999},{"$f":"$D$7*$G$121","v":119.735},{"$f":"$E$7*$G$121","v":95.094999999999999},"è",7.6999999999999999E-2]
["5th",{"$f":"$B$7*$G$122","v":176.05},{"$f":"$C$7*$G$122","v":153.65},{"$f":"$D$7*$G$122","v":108.85000000000001},{"$f":"$E$7*$G$122","v":86.45},"è",7.0000000000000007E-2]
["6th",{"$f":"$B$7*$G$123","v":163.47499999999999},{"$f":"$C$7*$G$123","v":142.67500000000001},{"$f":"$D$7*$G$123","v":101.075},{"$f":"$E$7*$G$123","v":80.275000000000006},"è",6.5000000000000002E-2]
["7th",{"$f":"$B$7*$G$124","v":150.9},{"$f":"$C$7*$G$124","v":131.69999999999999},{"$f":"$D$7*$G$124","v":93.3},{"$f":"$E$7*$G$124","v":74.099999999999994},"è",0.06]
["8th",{"$f":"$B$7*$G$125","v":138.32499999999999},{"$f":"$C$7*$G$125","v":120.72499999999999},{"$f":"$D$7*$G$125","v":85.525000000000006},{"$f":"$E$7*$G$125","v":67.924999999999997},"è",5.5E-2]
["9th",{"$f":"$B$7*$G$126","v":125.75},{"$f":"$C$7*$G$126","v":109.75},{"$f":"$D$7*$G$126","v":77.75},{"$f":"$E$7*$G$126","v":61.75},"è",0.05]
["10th",{"$f":"$B$7*$G$127","v":113.175},{"$f":"$C$7*$G$127","v":98.774999999999991},{"$f":"$D$7*$G$127","v":69.974999999999994},{"$f":"$E$7*$G$127","v":55.574999999999996},"è",4.4999999999999998E-2]
["11th",{"$f":"$B$7*$G$128","v":100.60000000000001},{"$f":"$C$7*$G$128","v":87.8},{"$f":"$D$7*$G$128","v":62.2},{"$f":"$E$7*$G$128","v":49.4},"è",0.04]
["12th",{"$f":"$B$7*$G$129","v":93.054999999999993},{"$f":"$C$7*$G$129","v":81.214999999999989},{"$f":"$D$7*$G$129","v":57.534999999999997},{"$f":"$E$7*$G$129","v":45.695},"è",3.6999999999999998E-2]
["13th",{"$f":"$B$7*$G$130","v":82.995000000000005},{"$f":"$C$7*$G$130","v":72.435000000000002},{"$f":"$D$7*$G$130","v":51.315000000000005},{"$f":"$E$7*$G$130","v":40.755000000000003},"è",3.3000000000000002E-2]
["14th",{"$f":"$B$7*$G$131","v":72.935000000000002},{"$f":"$C$7*$G$131","v":63.655000000000001},{"$f":"$D$7*$G$131","v":45.094999999999999},{"$f":"$E$7*$G$131","v":35.815000000000005},"è",2.9000000000000001E-2]
["15th",{"$f":"$B$7*$G$132","v":62.875},{"$f":"$C$7*$G$132","v":54.875},{"$f":"$D$7*$G$132","v":38.875},{"$f":"$E$7*$G$132","v":30.875},"è",2.5000000000000001E-2]
["16th",{"$f":"$B$7*$G$133","v":52.815000000000005},{"$f":"$C$7*$G$133","v":46.095000000000006},{"$f":"$D$7*$G$133","v":32.655000000000001},{"$f":"$E$7*$G$133","v":25.935000000000002},"è",2.1000000000000001E-2]
["17th",{"$f":"$B$7*$G$134","v":42.755000000000003},{"$f":"$C$7*$G$134","v":37.315000000000005},{"$f":"$D$7*$G$134","v":26.435000000000002},{"$f":"$E$7*$G$134","v":20.995000000000001},"è",1.7000000000000001E-2]
["18th",{"$f":"$B$7*$G$135","v":35.21},{"$f":"$C$7*$G$135","v":30.73},{"$f":"$D$7*$G$135","v":21.77},{"$f":"$E$7*$G$135","v":17.29},"è",1.4E-2]
["19th",{"$f":"$B$7*$G$136","v":30.18},{"$f":"$C$7*$G$136","v":26.34},{"$f":"$D$7*$G$136","v":18.66},{"$f":"$E$7*$G$136","v":14.82},"è",1.2E-2]
["20th",{"$f":"$B$7*$G$137","v":25.150000000000002},{"$f":"$C$7*$G$137","v":21.95},{"$f":"$D$7*$G$137","v":15.55},{"$f":"$E$7*$G$137","v":12.35},"è",0.01]
["Totals",{"$f":"SUM(B118:B137)","v":2515},{"$f":"SUM(C118:C137)","v":2194.9999999999995},1555.0000000000002,1234.9999999999998,{"$f":"B138+C138+D138+E138","v":7500},{"$f":"SUM(G118:G137)","v":1.0000000000000004}]
[]
["For 1201 or More riders 30 places"]
["Placings","1D","2D","3D","4D"]
["1st",{"$f":"$B$7*$G$142","v":301.8},{"$f":"$C$7*$G$142","v":263.39999999999998},{"$f":"$D$7*$G$142","v":186.6},{"$f":"$E$7*$G$142","v":148.19999999999999},"è",0.12]
["2nd",{"$f":"$B$7*$G$143","v":238.92500000000001},{"$f":"$C$7*$G$143","v":208.52500000000001},{"$f":"$D$7*$G$143","v":147.72499999999999},{"$f":"$E$7*$G$143","v":117.325},"è",9.5000000000000001E-2]
["3rd",{"$f":"$B$7*$G$144","v":183.595},{"$f":"$C$7*$G$144","v":160.23499999999999},{"$f":"$D$7*$G$144","v":113.51499999999999},{"$f":"$E$7*$G$144","v":90.155000000000001},"è",7.2999999999999995E-2]
["4th",{"$f":"$B$7*$G$145","v":155.93},{"$f":"$C$7*$G$145","v":136.09},{"$f":"$D$7*$G$145","v":96.41},{"$f":"$E$7*$G$145","v":76.569999999999993},"è",6.2E-2]
["5th",{"$f":"$B$7*$G$146","v":125.75},{"$f":"$C$7*$G$146","v":109.75},{"$f":"$D$7*$G$146","v":77.75},{"$f":"$E$7*$G$146","v":61.75},"è",0.05]
["6th",{"$f":"$B$7*$G$147","v":113.175},{"$f":"$C$7*$G$147","v":98.774999999999991},{"$f":"$D$7*$G$147","v":69.974999999999994},{"$f":"$E$7*$G$147","v":55.574999999999996},"è",4.4999999999999998E-2]
["7th",{"$f":"$B$7*$G$148","v":108.145},{"$f":"$C$7*$G$148","v":94.384999999999991},{"$f":"$D$7*$G$148","v":66.864999999999995},{"$f":"$E$7*$G$148","v":53.104999999999997},"è",4.2999999999999997E-2]
["8th",{"$f":"$B$7*$G$149","v":100.60000000000001},{"$f":"$C$7*$G$149","v":87.8},{"$f":"$D$7*$G$149","v":62.2},{"$f":"$E$7*$G$149","v":49.4},"è",0.04]
["9th",{"$f":"$B$7*$G$150","v":93.054999999999993},{"$f":"$C$7*$G$150","v":81.214999999999989},{"$f":"$D$7*$G$150","v":57.534999999999997},{"$f":"$E$7*$G$150","v":45.695},"è",3.6999999999999998E-2]
["10th",{"$f":"$B$7*$G$151","v":88.025000000000006},{"$f":"$C$7*$G$151","v":76.825000000000003},{"$f":"$D$7*$G$151","v":54.425000000000004},{"$f":"$E$7*$G$151","v":43.225000000000001},"è",3.5000000000000003E-2]
["11th",{"$f":"$B$7*$G$152","v":82.995000000000005},{"$f":"$C$7*$G$152","v":72.435000000000002},{"$f":"$D$7*$G$152","v":51.315000000000005},{"$f":"$E$7*$G$152","v":40.755000000000003},"è",3.3000000000000002E-2]
["12th",{"$f":"$B$7*$G$153","v":77.965000000000003},{"$f":"$C$7*$G$153","v":68.045000000000002},{"$f":"$D$7*$G$153","v":48.204999999999998},{"$f":"$E$7*$G$153","v":38.284999999999997},"è",3.1E-2]
["13th",{"$f":"$B$7*$G$154","v":72.935000000000002},{"$f":"$C$7*$G$154","v":63.655000000000001},{"$f":"$D$7*$G$154","v":45.094999999999999},{"$f":"$E$7*$G$154","v":35.815000000000005},"è",2.9000000000000001E-2]
["14th",{"$f":"$B$7*$G$155","v":67.905000000000001},{"$f":"$C$7*$G$155","v":59.265000000000001},{"$f":"$D$7*$G$155","v":41.984999999999999},{"$f":"$E$7*$G$155","v":33.344999999999999},"è",2.7E-2]
["15th",{"$f":"$B$7*$G$156","v":62.875},{"$f":"$C$7*$G$156","v":54.875},{"$f":"$D$7*$G$156","v":38.875},{"$f":"$E$7*$G$156","v":30.875},"è",2.5000000000000001E-2]
["16th",{"$f":"$B$7*$G$157","v":60.36},{"$f":"$C$7*$G$157","v":52.68},{"$f":"$D$7*$G$157","v":37.32},{"$f":"$E$7*$G$157","v":29.64},"è",2.4E-2]
["17th",{"$f":"$B$7*$G$158","v":57.844999999999999},{"$f":"$C$7*$G$158","v":50.484999999999999},{"$f":"$D$7*$G$158","v":35.765000000000001},{"$f":"$E$7*$G$158","v":28.405000000000001},"è",2.3E-2]
["18th",{"$f":"$B$7*$G$159","v":55.33},{"$f":"$C$7*$G$159","v":48.29},{"$f":"$D$7*$G$159","v":34.21},{"$f":"$E$7*$G$159","v":27.169999999999998},"è",2.1999999999999999E-2]
["19th",{"$f":"$B$7*$G$160","v":52.815000000000005},{"$f":"$C$7*$G$160","v":46.095000000000006},{"$f":"$D$7*$G$160","v":32.655000000000001},{"$f":"$E$7*$G$160","v":25.935000000000002},"è",2.1000000000000001E-2]
["20th",{"$f":"$B$7*$G$161","v":50.300000000000004},{"$f":"$C$7*$G$161","v":43.9},{"$f":"$D$7*$G$161","v":31.1},{"$f":"$E$7*$G$161","v":24.7},"è",0.02]
["21st",{"$f":"$B$7*$G$162","v":47.784999999999997},{"$f":"$C$7*$G$162","v":41.704999999999998},{"$f":"$D$7*$G$162","v":29.544999999999998},{"$f":"$E$7*$G$162","v":23.465},"è",1.9E-2]
["22nd",{"$f":"$B$7*$G$163","v":45.269999999999996},{"$f":"$C$7*$G$163","v":39.51},{"$f":"$D$7*$G$163","v":27.99},{"$f":"$E$7*$G$163","v":22.229999999999997},"è",1.7999999999999999E-2]
["23rd",{"$f":"$B$7*$G$164","v":42.755000000000003},{"$f":"$C$7*$G$164","v":37.315000000000005},{"$f":"$D$7*$G$164","v":26.435000000000002},{"$f":"$E$7*$G$164","v":20.995000000000001},"è",1.7000000000000001E-2]
["24th",{"$f":"$B$7*$G$165","v":40.24},{"$f":"$C$7*$G$165","v":35.119999999999997},{"$f":"$D$7*$G$165","v":24.88},{"$f":"$E$7*$G$165","v":19.760000000000002},"è",1.6E-2]
["25th",{"$f":"$B$7*$G$166","v":37.725000000000001},{"$f":"$C$7*$G$166","v":32.924999999999997},{"$f":"$D$7*$G$166","v":23.324999999999999},{"$f":"$E$7*$G$166","v":18.524999999999999},"è",1.4999999999999999E-2]
["26th",{"$f":"$B$7*$G$167","v":35.21},{"$f":"$C$7*$G$167","v":30.73},{"$f":"$D$7*$G$167","v":21.77},{"$f":"$E$7*$G$167","v":17.29},"è",1.4E-2]
["27th",{"$f":"$B$7*$G$168","v":32.695},{"$f":"$C$7*$G$168","v":28.535},{"$f":"$D$7*$G$168","v":20.215},{"$f":"$E$7*$G$168","v":16.055},"è",1.2999999999999999E-2]
["28th",{"$f":"$B$7*$G$169","v":30.18},{"$f":"$C$7*$G$169","v":26.34},{"$f":"$D$7*$G$169","v":18.66},{"$f":"$E$7*$G$169","v":14.82},"è",1.2E-2]
["29th",{"$f":"$B$7*$G$170","v":27.664999999999999},{"$f":"$C$7*$G$170","v":24.145},{"$f":"$D$7*$G$170","v":17.105},{"$f":"$E$7*$G$170","v":13.584999999999999},"è",1.0999999999999999E-2]
["30th",{"$f":"$B$7*$G$171","v":25.150000000000002},{"$f":"$C$7*$G$171","v":21.95},{"$f":"$D$7*$G$171","v":15.55},{"$f":"$E$7*$G$171","v":12.35},"è",0.01]
["Totals",{"$f":"SUM(B142:B171)","v":2514.9999999999995},{"$f":"SUM(C142:C171)","v":2194.9999999999995},{"$f":"SUM(D142:D171)","v":1555},{"$f":"SUM(E142:E171)","v":1234.9999999999998},{"$f":"B172+C172+D172+E172","v":7499.9999999999991},{"$f":"SUM(G142:G171)","v":1.0000000000000002}]

{"sheet":"5D Payout BBR","index":13,"n_rows":172,"n_cols":8,"rows_kept":172,"cut":false,"hidden":false,"merged":[[139,0,139,7],[80,0,80,7],[95,0,95,7],[96,0,96,7],[81,6,81,7],[97,6,97,7],[116,6,116,7],[114,0,114,7],[115,0,115,7],[65,0,65,7],[66,0,66,7],[79,0,79,7],[67,6,67,7],[138,0,138,7],[44,0,44,7],[45,6,45,7],[53,0,53,7],[54,0,54,7],[55,6,55,7],[0,0,0,7],[3,0,3,7],[8,0,8,7],[9,0,9,7],[5,6,6,6],[10,6,10,7],[13,0,13,7],[14,0,14,7],[140,6,140,7],[5,7,7,7],[15,6,15,7],[19,0,19,7],[20,0,20,7],[21,6,21,7],[26,0,26,7],[27,0,27,7],[28,6,28,7],[34,0,34,7],[35,0,35,7],[36,6,36,7],[43,0,43,7]]}
["5D Payout BBR"]
["Entry Fee","# Entries","% Payback","$ From Entry","Added $","Total Payout","Total $ Held"]
[100,4,0.8,{"$f":"$A$3*$C$3*$B$3","v":320},null,{"$f":"($A$3*$C$3)*$B$3+$E$3","v":320},{"$f":"$A$3*(100%-$C$3)*$B$3","v":79.999999999999986}]
[]
["% in each D",0.3,0.25,0.2,0.15,0.1,"Total % Payout",{"$f":"SUM(B5:F5)","v":1}]
[null,"1D","2D","3D","4D","5D"]
[null,{"$f":"(($A$3*$B$3*$C$3*$B$5)+($E$3*$B$5))","v":96},{"$f":"(($A$3*$B$3*$C$3*$C$5)+($E$3*$C$5))","v":80},{"$f":"(($A$3*$B$3*$C$3*$D$5)+($E$3*$D$5))","v":64},{"$f":"(($A$3*$B$3*$C$3*$E$5)+($E$3*$E$5))","v":48},{"$f":"(($A$3*$B$3*$C$3*$F$5)+($E$3*$F$5))","v":32}]
["Totals",{"$f":"SUM(B7)","v":96},{"$f":"SUM(C7)","v":80},64,48,32,{"$f":"SUM(B8:F8)","v":320}]
[]
["For 1-25 riders 1 place"]
["Placings","1D","2D","3D","4D","5D"]
["1st",{"$f":"$B$7*$H$12","v":96},{"$f":"$C$7*$H$12","v":80},{"$f":"$D$7*$H$12","v":64},{"$f":"$E$7*$H$12","v":48},{"$f":"$F$7*$H$12","v":32},"è",1]
["Totals",{"$f":"SUM(B12:B12)","v":96},{"$f":"SUM(C12:C12)","v":80},{"$f":"SUM(D12:D12)","v":64},{"$f":"SUM(E12:E12)","v":48},{"$f":"SUM(F12)","v":32},{"$f":"SUM(B13:F13)","v":320},{"$f":"SUM(H12)","v":1}]
[]
["For 26-50 riders 2 places"]
["Placings","1D","2D","3D","4D","5D"]
["1st",{"$f":"$B$7*$H$17","v":57.599999999999994},{"$f":"$C$7*$H$17","v":48},{"$f":"$D$7*$H$17","v":38.4},{"$f":"$E$7*$H$17","v":28.799999999999997},{"$f":"$F$7*$H$17","v":19.2},"è",0.6]
["2nd",{"$f":"$B$7*$H$18","v":38.400000000000006},{"$f":"$C$7*$H$18","v":32},{"$f":"$D$7*$H$18","v":25.6},{"$f":"$E$7*$H$18","v":19.200000000000003},{"$f":"$F$7*$H$18","v":12.8},"è",0.4]
["Totals",{"$f":"SUM(B17:B18)","v":96},{"$f":"SUM(C17:C18)","v":80},{"$f":"SUM(D17:D18)","v":64},{"$f":"SUM(E17:E18)","v":48},{"$f":"SUM(F17:F18)","v":32},{"$f":"SUM(B19:F19)","v":320},{"$f":"SUM(H17:H18)","v":1}]
[]
["For 51-100 riders 3 places"]
["Placings","1D","2D","3D","4D","5D"]
["1st",{"$f":"$B$7*$H$23","v":48},{"$f":"$C$7*$H$23","v":40},{"$f":"$D$7*$H$23","v":32},{"$f":"$E$7*$H$23","v":24},{"$f":"$F$7*$H$23","v":16},"è",0.5]
["2nd",{"$f":"$B$7*$H$24","v":28.799999999999997},{"$f":"$C$7*$H$24","v":24},{"$f":"$D$7*$H$24","v":19.2},{"$f":"$E$7*$H$24","v":14.399999999999999},{"$f":"$F$7*$H$24","v":9.6},"è",0.3]
["3rd",{"$f":"$B$7*$H$25","v":19.200000000000003},{"$f":"$C$7*$H$25","v":16},{"$f":"$D$7*$H$25","v":12.8},{"$f":"$E$7*$H$25","v":9.6000000000000014},{"$f":"$F$7*$H$25","v":6.4},"è",0.2]
["Totals",{"$f":"SUM(B23:B25)","v":96},{"$f":"SUM(C23:C25)","v":80},{"$f":"SUM(D23:D25)","v":64},{"$f":"SUM(E23:E25)","v":48},{"$f":"SUM(F23:F25)","v":32},{"$f":"SUM(B26:F26)","v":320},{"$f":"SUM(H23:H25)","v":1}]
[]
["For 101-143 riders 4 places"]
["Placings","1D","2D","3D","4D","5D"]
["1st",{"$f":"$B$7*$H$30","v":38.400000000000006},{"$f":"$C$7*$H$30","v":32},{"$f":"$D$7*$H$30","v":25.6},{"$f":"$E$7*$H$30","v":19.200000000000003},{"$f":"$F$7*$H$30","v":12.8},"è",0.4]
["2nd",{"$f":"$B$7*$H$31","v":28.799999999999997},{"$f":"$C$7*$H$31","v":24},{"$f":"$D$7*$H$31","v":19.2},{"$f":"$E$7*$H$31","v":14.399999999999999},{"$f":"$F$7*$H$31","v":9.6},"è",0.3]
["3rd",{"$f":"$B$7*$H$32","v":19.200000000000003},{"$f":"$C$7*$H$32","v":16},{"$f":"$D$7*$H$32","v":12.8},{"$f":"$E$7*$H$32","v":9.6000000000000014},{"$f":"$F$7*$H$32","v":6.4},"è",0.2]
["4th",{"$f":"$B$7*$H$33","v":9.6000000000000014},{"$f":"$C$7*$H$33","v":8},{"$f":"$D$7*$H$33","v":6.4},{"$f":"$E$7*$H$33","v":4.8000000000000007},{"$f":"$F$7*$H$33","v":3.2},"è",0.1]
["Totals",{"$f":"SUM(B30:B33)","v":96},{"$f":"SUM(C30:C33)","v":80},{"$f":"SUM(D30:D33)","v":63.999999999999993},{"$f":"SUM(E30:E33)","v":48},{"$f":"SUM(F30:F33)","v":31.999999999999996},{"$f":"SUM(B34:F34)","v":320},{"$f":"SUM(H30:H33)","v":0.99999999999999989}]
[]
["For 144-200 riders 5 places"]
["Placings","1D","2D","3D","4D","5D"]
["1st",{"$f":"$B$7*$H$38","v":31.68},{"$f":"$C$7*$H$38","v":26.400000000000002},709.5,{"$f":"$E$7*$H$38","v":15.84},{"$f":"$F$7*$H$38","v":10.56},"è",0.33]
["2nd",{"$f":"$B$7*$H$39","v":25.92},{"$f":"$C$7*$H$39","v":21.6},580.5,{"$f":"$E$7*$H$39","v":12.96},{"$f":"$F$7*$H$39","v":8.64},"è",0.27]
["3rd",{"$f":"$B$7*$H$40","v":19.200000000000003},{"$f":"$C$7*$H$40","v":16},430,{"$f":"$E$7*$H$40","v":9.6000000000000014},{"$f":"$F$7*$H$40","v":6.4},"è",0.2]
["4th",{"$f":"$B$7*$H$41","v":12.48},{"$f":"$C$7*$H$41","v":10.4},279.5,{"$f":"$E$7*$H$41","v":6.24},{"$f":"$F$7*$H$41","v":4.16},"è",0.13]
["5th",{"$f":"$B$7*$H$42","v":6.7200000000000006},{"$f":"$C$7*$H$42","v":5.6000000000000005},150.50000000000003,{"$f":"$E$7*$H$42","v":3.3600000000000003},{"$f":"$F$7*$H$42","v":2.2400000000000002},"è",7.0000000000000007E-2]
["Totals",{"$f":"SUM(B38:B42)","v":96.000000000000014},{"$f":"SUM(C38:C42)","v":80},{"$f":"SUM(D38:D42)","v":2150},{"$f":"SUM(E38:E42)","v":48.000000000000007},{"$f":"SUM(F38:F42)","v":32},{"$f":"SUM(B43:F43)","v":2406},{"$f":"SUM(H38:H42)","v":1}]
[]
["For 201-250 riders 6 places"]
["Placings","1D","2D","3D","4D","5D"]
["1st",{"$f":"$B$7*$H$47","v":27.839999999999996},{"$f":"$C$7*$H$47","v":23.2},{"$f":"$D$7*$H$47","v":18.559999999999999},{"$f":"$E$7*$H$47","v":13.919999999999998},{"$f":"$F$7*$H$47","v":9.2799999999999994},"è",0.28999999999999998]
["2nd",{"$f":"$B$7*$H$48","v":23.04},{"$f":"$C$7*$H$48","v":19.2},{"$f":"$D$7*$H$48","v":15.36},{"$f":"$E$7*$H$48","v":11.52},{"$f":"$F$7*$H$48","v":7.68},"è",0.24]
["3rd",{"$f":"$B$7*$H$49","v":18.240000000000002},{"$f":"$C$7*$H$49","v":15.2},{"$f":"$D$7*$H$49","v":12.16},{"$f":"$E$7*$H$49","v":9.120000000000001},{"$f":"$F$7*$H$49","v":6.08},"è",0.19]
["4th",{"$f":"$B$7*$H$50","v":13.440000000000001},{"$f":"$C$7*$H$50","v":11.200000000000001},{"$f":"$D$7*$H$50","v":8.9600000000000009},{"$f":"$E$7*$H$50","v":6.7200000000000006},{"$f":"$F$7*$H$50","v":4.4800000000000004},"è",0.14000000000000001]
["5th",{"$f":"$B$7*$H$51","v":8.64},{"$f":"$C$7*$H$51","v":7.1999999999999993},{"$f":"$D$7*$H$51","v":5.76},{"$f":"$E$7*$H$51","v":4.32},{"$f":"$F$7*$H$51","v":2.88},"è",0.09]
["6th",{"$f":"$B$7*$H$52","v":4.8000000000000007},{"$f":"$C$7*$H$52","v":4},{"$f":"$D$7*$H$52","v":3.2},{"$f":"$E$7*$H$52","v":2.4000000000000004},{"$f":"$F$7*$H$52","v":1.6},"è",0.05]
["Totals",{"$f":"SUM(B47:B52)","v":96},{"$f":"SUM(C47:C52)","v":80},{"$f":"SUM(D47:D52)","v":64},{"$f":"SUM(E47:E52)","v":48},{"$f":"SUM(F47:F52)","v":32},{"$f":"SUM(B53:F53)","v":320},{"$f":"SUM(H47:H52)","v":1}]
[]
["For 251-333 riders 8 places"]
["Placings","1D","2D","3D","4D","5D"]
["1st",{"$f":"$B$7*$H$57","v":23.04},{"$f":"$C$7*$H$57","v":19.2},{"$f":"$D$7*$H$57","v":15.36},{"$f":"$E$7*$H$57","v":11.52},{"$f":"$F$7*$H$57","v":7.68},"è",0.24]
["2nd",{"$f":"$B$7*$H$58","v":19.200000000000003},{"$f":"$C$7*$H$58","v":16},{"$f":"$D$7*$H$58","v":12.8},{"$f":"$E$7*$H$58","v":9.6000000000000014},{"$f":"$F$7*$H$58","v":6.4},"è",0.2]
["3rd",{"$f":"$B$7*$H$59","v":16.32},{"$f":"$C$7*$H$59","v":13.600000000000001},{"$f":"$D$7*$H$59","v":10.88},{"$f":"$E$7*$H$59","v":8.16},{"$f":"$F$7*$H$59","v":5.44},"è",0.17]
["4th",{"$f":"$B$7*$H$60","v":12.48},{"$f":"$C$7*$H$60","v":10.4},{"$f":"$D$7*$H$60","v":8.32},{"$f":"$E$7*$H$60","v":6.24},{"$f":"$F$7*$H$60","v":4.16},"è",0.13]
["5th",{"$f":"$B$7*$H$61","v":9.6000000000000014},{"$f":"$C$7*$H$61","v":8},{"$f":"$D$7*$H$61","v":6.4},{"$f":"$E$7*$H$61","v":4.8000000000000007},{"$f":"$F$7*$H$61","v":3.2},"è",0.1]
["6th",{"$f":"$B$7*$H$62","v":6.7200000000000006},{"$f":"$C$7*$H$62","v":5.6000000000000005},{"$f":"$D$7*$H$62","v":4.4800000000000004},{"$f":"$E$7*$H$62","v":3.3600000000000003},{"$f":"$F$7*$H$62","v":2.2400000000000002},"è",7.0000000000000007E-2]
["7th",{"$f":"$B$7*$H$63","v":4.8000000000000007},{"$f":"$C$7*$H$63","v":4},{"$f":"$D$7*$H$63","v":3.2},{"$f":"$E$7*$H$63","v":2.4000000000000004},{"$f":"$F$7*$H$63","v":1.6},"è",0.05]
["8th",{"$f":"$B$7*$H$64","v":3.84},{"$f":"$C$7*$H$64","v":3.2},{"$f":"$D$7*$H$64","v":2.56},{"$f":"$E$7*$H$64","v":1.92},{"$f":"$F$7*$H$64","v":1.28},"è",0.04]
["Totals",{"$f":"SUM(B57:B64)","v":96.000000000000014},{"$f":"SUM(C57:C64)","v":80},{"$f":"SUM(D57:D64)","v":64},{"$f":"SUM(E57:E64)","v":48.000000000000007},{"$f":"SUM(F57:F64)","v":32},{"$f":"SUM(B65:F65)","v":320},{"$f":"SUM(H57:H64)","v":1}]
[]
["For 334-500 riders 10 places"]
["Placings","1D","2D","3D","4D","5D"]
["1st",{"$f":"$B$7*$H$69","v":20.16},{"$f":"$C$7*$H$69","v":16.8},{"$f":"$D$7*$H$69","v":13.44},{"$f":"$E$7*$H$69","v":10.08},{"$f":"$F$7*$H$69","v":6.72},"è",0.21]
["2nd",{"$f":"$B$7*$H$70","v":17.28},{"$f":"$C$7*$H$70","v":14.399999999999999},{"$f":"$D$7*$H$70","v":11.52},{"$f":"$E$7*$H$70","v":8.64},{"$f":"$F$7*$H$70","v":5.76},"è",0.18]
["3rd",{"$f":"$B$7*$H$71","v":14.399999999999999},{"$f":"$C$7*$H$71","v":12},{"$f":"$D$7*$H$71","v":9.6},{"$f":"$E$7*$H$71","v":7.1999999999999993},{"$f":"$F$7*$H$71","v":4.8},"è",0.15]
["4th",{"$f":"$B$7*$H$72","v":11.52},{"$f":"$C$7*$H$72","v":9.6},{"$f":"$D$7*$H$72","v":7.68},{"$f":"$E$7*$H$72","v":5.76},{"$f":"$F$7*$H$72","v":3.84},"è",0.12]
["5th",{"$f":"$B$7*$H$73","v":8.64},{"$f":"$C$7*$H$73","v":7.1999999999999993},{"$f":"$D$7*$H$73","v":5.76},{"$f":"$E$7*$H$73","v":4.32},{"$f":"$F$7*$H$73","v":2.88},"è",0.09]
["6th",{"$f":"$B$7*$H$74","v":6.7200000000000006},{"$f":"$C$7*$H$74","v":5.6000000000000005},{"$f":"$D$7*$H$74","v":4.4800000000000004},{"$f":"$E$7*$H$74","v":3.3600000000000003},{"$f":"$F$7*$H$74","v":2.2400000000000002},"è",7.0000000000000007E-2]
["7th",{"$f":"$B$7*$H$75","v":5.76},{"$f":"$C$7*$H$75","v":4.8},{"$f":"$D$7*$H$75","v":3.84},{"$f":"$E$7*$H$75","v":2.88},{"$f":"$F$7*$H$75","v":1.92},"è",0.06]
["8th",{"$f":"$B$7*$H$76","v":4.8000000000000007},{"$f":"$C$7*$H$76","v":4},{"$f":"$D$7*$H$76","v":3.2},{"$f":"$E$7*$H$76","v":2.4000000000000004},{"$f":"$F$7*$H$76","v":1.6},"è",0.05]
["9th",{"$f":"$B$7*$H$77","v":3.84},{"$f":"$C$7*$H$77","v":3.2},{"$f":"$D$7*$H$77","v":2.56},{"$f":"$E$7*$H$77","v":1.92},{"$f":"$F$7*$H$77","v":1.28},"è",0.04]
["10th",{"$f":"$B$7*$H$78","v":2.88},{"$f":"$C$7*$H$78","v":2.4},{"$f":"$D$7*$H$78","v":1.92},{"$f":"$E$7*$H$78","v":1.44},{"$f":"$F$7*$H$78","v":0.96},"è",0.03]
["Totals",{"$f":"SUM(B69:B78)","v":96},{"$f":"SUM(C69:C78)","v":80},64.000000000000014,48,32.000000000000007,{"$f":"SUM(B79:F79)","v":320},{"$f":"SUM(H69:H78)","v":1.0000000000000002}]
[]
["For 501-666 riders 12 places"]
["Placings","1D","2D","3D","4D","5D"]
["1st",{"$f":"$B$7*$H$83","v":18.240000000000002},{"$f":"$C$7*$H$83","v":15.2},{"$f":"$D$7*$H$83","v":12.16},{"$f":"$E$7*$H$83","v":9.120000000000001},{"$f":"$F$7*$H$83","v":6.08},"è",0.19]
["2nd",{"$f":"$B$7*$H$84","v":14.399999999999999},{"$f":"$C$7*$H$84","v":12},{"$f":"$D$7*$H$84","v":9.6},{"$f":"$E$7*$H$84","v":7.1999999999999993},{"$f":"$F$7*$H$84","v":4.8},"è",0.15]
["3rd",{"$f":"$B$7*$H$85","v":11.52},{"$f":"$C$7*$H$85","v":9.6},{"$f":"$D$7*$H$85","v":7.68},{"$f":"$E$7*$H$85","v":5.76},{"$f":"$F$7*$H$85","v":3.84},"è",0.12]
["4th",{"$f":"$B$7*$H$86","v":9.6000000000000014},{"$f":"$C$7*$H$86","v":8},{"$f":"$D$7*$H$86","v":6.4},{"$f":"$E$7*$H$86","v":4.8000000000000007},{"$f":"$F$7*$H$86","v":3.2},"è",0.1]
["5th",{"$f":"$B$7*$H$87","v":8.64},{"$f":"$C$7*$H$87","v":7.1999999999999993},{"$f":"$D$7*$H$87","v":5.76},{"$f":"$E$7*$H$87","v":4.32},{"$f":"$F$7*$H$87","v":2.88},"è",0.09]
["6th",{"$f":"$B$7*$H$88","v":7.68},{"$f":"$C$7*$H$88","v":6.4},{"$f":"$D$7*$H$88","v":5.12},{"$f":"$E$7*$H$88","v":3.84},{"$f":"$F$7*$H$88","v":2.56},"è",0.08]
["7th",{"$f":"$B$7*$H$89","v":6.7200000000000006},{"$f":"$C$7*$H$89","v":5.6000000000000005},{"$f":"$D$7*$H$89","v":4.4800000000000004},{"$f":"$E$7*$H$89","v":3.3600000000000003},{"$f":"$F$7*$H$89","v":2.2400000000000002},"è",7.0000000000000007E-2]
["8th",{"$f":"$B$7*$H$90","v":5.76},{"$f":"$C$7*$H$90","v":4.8},{"$f":"$D$7*$H$90","v":3.84},{"$f":"$E$7*$H$90","v":2.88},{"$f":"$F$7*$H$90","v":1.92},"è",0.06]
["9th",{"$f":"$B$7*$H$91","v":4.8000000000000007},{"$f":"$C$7*$H$91","v":4},{"$f":"$D$7*$H$91","v":3.2},{"$f":"$E$7*$H$91","v":2.4000000000000004},{"$f":"$F$7*$H$91","v":1.6},"è",0.05]
["10th",{"$f":"$B$7*$H$92","v":3.84},{"$f":"$C$7*$H$92","v":3.2},{"$f":"$D$7*$H$92","v":2.56},{"$f":"$E$7*$H$92","v":1.92},{"$f":"$F$7*$H$92","v":1.28},"è",0.04]
["11th",{"$f":"$B$7*$H$93","v":2.88},{"$f":"$C$7*$H$93","v":2.4},{"$f":"$D$7*$H$93","v":1.92},{"$f":"$E$7*$H$93","v":1.44},{"$f":"$F$7*$H$93","v":0.96},"è",0.03]
["12th",{"$f":"$B$7*$H$94","v":1.92},{"$f":"$C$7*$H$94","v":1.6},{"$f":"$D$7*$H$94","v":1.28},{"$f":"$E$7*$H$94","v":0.96},{"$f":"$F$7*$H$94","v":0.64},"è",0.02]
["Totals",{"$f":"SUM(B83:B94)","v":96},{"$f":"SUM(C83:C94)","v":80},{"$f":"SUM(D83:D94)","v":64},{"$f":"SUM(E83:E94)","v":48},{"$f":"SUM(F83:F94)","v":32},{"$f":"SUM(B95:F95)","v":320},{"$f":"SUM(H83:H94)","v":1}]
[]
["For 667-1000 riders 15 places"]
["Placings","1D","2D","3D","4D","5D"]
["1st",{"$f":"$B$7*$H$99","v":17.28},{"$f":"$C$7*$H$99","v":14.399999999999999},{"$f":"$D$7*$H$99","v":11.52},{"$f":"$E$7*$H$99","v":8.64},{"$f":"$F$7*$H$99","v":5.76},"è",0.18]
["2nd",{"$f":"$B$7*$H$100","v":14.399999999999999},{"$f":"$C$7*$H$100","v":12},{"$f":"$D$7*$H$100","v":9.6},{"$f":"$E$7*$H$100","v":7.1999999999999993},{"$f":"$F$7*$H$100","v":4.8},"è",0.15]
["3rd",{"$f":"$B$7*$H$101","v":11.52},{"$f":"$C$7*$H$101","v":9.6},{"$f":"$D$7*$H$101","v":7.68},{"$f":"$E$7*$H$101","v":5.76},{"$f":"$F$7*$H$101","v":3.84},"è",0.12]
["4th",{"$f":"$B$7*$H$102","v":9.6000000000000014},{"$f":"$C$7*$H$102","v":8},{"$f":"$D$7*$H$102","v":6.4},{"$f":"$E$7*$H$102","v":4.8000000000000007},{"$f":"$F$7*$H$102","v":3.2},"è",0.1]
["5th",{"$f":"$B$7*$H$103","v":8.16},{"$f":"$C$7*$H$103","v":6.8000000000000007},{"$f":"$D$7*$H$103","v":5.44},{"$f":"$E$7*$H$103","v":4.08},{"$f":"$F$7*$H$103","v":2.72},"è",8.5000000000000006E-2]
["6th",{"$f":"$B$7*$H$104","v":6.7200000000000006},{"$f":"$C$7*$H$104","v":5.6000000000000005},{"$f":"$D$7*$H$104","v":4.4800000000000004},{"$f":"$E$7*$H$104","v":3.3600000000000003},{"$f":"$F$7*$H$104","v":2.2400000000000002},"è",7.0000000000000007E-2]
["7th",{"$f":"$B$7*$H$105","v":5.76},{"$f":"$C$7*$H$105","v":4.8},{"$f":"$D$7*$H$105","v":3.84},{"$f":"$E$7*$H$105","v":2.88},{"$f":"$F$7*$H$105","v":1.92},"è",0.06]
["8th",{"$f":"$B$7*$H$106","v":4.8000000000000007},{"$f":"$C$7*$H$106","v":4},{"$f":"$D$7*$H$106","v":3.2},{"$f":"$E$7*$H$106","v":2.4000000000000004},{"$f":"$F$7*$H$106","v":1.6},"è",0.05]
["9th",{"$f":"$B$7*$H$107","v":4.08},{"$f":"$C$7*$H$107","v":3.4000000000000004},{"$f":"$D$7*$H$107","v":2.72},{"$f":"$E$7*$H$107","v":2.04},{"$f":"$F$7*$H$107","v":1.36},"è",4.2500000000000003E-2]
["10th",{"$f":"$B$7*$H$108","v":3.3600000000000003},{"$f":"$C$7*$H$108","v":2.8000000000000003},{"$f":"$D$7*$H$108","v":2.2400000000000002},{"$f":"$E$7*$H$108","v":1.6800000000000002},{"$f":"$F$7*$H$108","v":1.1200000000000001},"è",3.5000000000000003E-2]
["11th",{"$f":"$B$7*$H$109","v":2.88},{"$f":"$C$7*$H$109","v":2.4},{"$f":"$D$7*$H$109","v":1.92},{"$f":"$E$7*$H$109","v":1.44},{"$f":"$F$7*$H$109","v":0.96},"è",0.03]
["12th",{"$f":"$B$7*$H$110","v":2.4000000000000004},{"$f":"$C$7*$H$110","v":2},{"$f":"$D$7*$H$110","v":1.6},{"$f":"$E$7*$H$110","v":1.2000000000000002},{"$f":"$F$7*$H$110","v":0.8},"è",2.5000000000000001E-2]
["13th",{"$f":"$B$7*$H$111","v":1.92},{"$f":"$C$7*$H$111","v":1.6},{"$f":"$D$7*$H$111","v":1.28},{"$f":"$E$7*$H$111","v":0.96},{"$f":"$F$7*$H$111","v":0.64},"è",0.02]
["14th",{"$f":"$B$7*$H$112","v":1.6800000000000002},{"$f":"$C$7*$H$112","v":1.4000000000000001},{"$f":"$D$7*$H$112","v":1.1200000000000001},{"$f":"$E$7*$H$112","v":0.84000000000000008},{"$f":"$F$7*$H$112","v":0.56000000000000005},"è",1.7500000000000002E-2]
["15th",{"$f":"$B$7*$H$113","v":1.44},{"$f":"$C$7*$H$113","v":1.2},{"$f":"$D$7*$H$113","v":0.96},{"$f":"$E$7*$H$113","v":0.72},{"$f":"$F$7*$H$113","v":0.48},"è",1.4999999999999999E-2]
["Totals",{"$f":"SUM(B99:B113)","v":96.000000000000014},{"$f":"SUM(C99:C113)","v":80},{"$f":"SUM(D99:D113)","v":64},{"$f":"SUM(E99:E113)","v":48.000000000000007},{"$f":"SUM(F99:F113)","v":32},{"$f":"SUM(B114:F114)","v":320},{"$f":"SUM(H99:H113)","v":1}]
[]
["For 1001-1500 riders 20 places"]
["Placings","1D","2D","3D","4D","5D"]
["1st",{"$f":"$B$7*$H$118","v":13.440000000000001},{"$f":"$C$7*$H$118","v":11.200000000000001},{"$f":"$D$7*$H$118","v":8.9600000000000009},{"$f":"$E$7*$H$118","v":6.7200000000000006},{"$f":"$F$7*$H$118","v":4.4800000000000004},"è",0.14000000000000001]
["2nd",{"$f":"$B$7*$H$119","v":10.56},{"$f":"$C$7*$H$119","v":8.8000000000000007},{"$f":"$D$7*$H$119","v":7.04},{"$f":"$E$7*$H$119","v":5.28},{"$f":"$F$7*$H$119","v":3.52},"è",0.11]
["3rd",{"$f":"$B$7*$H$120","v":8.64},{"$f":"$C$7*$H$120","v":7.1999999999999993},{"$f":"$D$7*$H$120","v":5.76},{"$f":"$E$7*$H$120","v":4.32},{"$f":"$F$7*$H$120","v":2.88},"è",0.09]
["4th",{"$f":"$B$7*$H$121","v":7.3919999999999995},{"$f":"$C$7*$H$121","v":6.16},{"$f":"$D$7*$H$121","v":4.9279999999999999},{"$f":"$E$7*$H$121","v":3.6959999999999997},{"$f":"$F$7*$H$121","v":2.464},"è",7.6999999999999999E-2]
["5th",{"$f":"$B$7*$H$122","v":6.7200000000000006},{"$f":"$C$7*$H$122","v":5.6000000000000005},{"$f":"$D$7*$H$122","v":4.4800000000000004},{"$f":"$E$7*$H$122","v":3.3600000000000003},{"$f":"$F$7*$H$122","v":2.2400000000000002},"è",7.0000000000000007E-2]
["6th",{"$f":"$B$7*$H$123","v":6.24},{"$f":"$C$7*$H$123","v":5.2},{"$f":"$D$7*$H$123","v":4.16},{"$f":"$E$7*$H$123","v":3.12},{"$f":"$F$7*$H$123","v":2.08},"è",6.5000000000000002E-2]
["7th",{"$f":"$B$7*$H$124","v":5.76},{"$f":"$C$7*$H$124","v":4.8},{"$f":"$D$7*$H$124","v":3.84},{"$f":"$E$7*$H$124","v":2.88},{"$f":"$F$7*$H$124","v":1.92},"è",0.06]
["8th",{"$f":"$B$7*$H$125","v":5.28},{"$f":"$C$7*$H$125","v":4.4000000000000004},{"$f":"$D$7*$H$125","v":3.52},{"$f":"$E$7*$H$125","v":2.64},{"$f":"$F$7*$H$125","v":1.76},"è",5.5E-2]
["9th",{"$f":"$B$7*$H$126","v":4.8000000000000007},{"$f":"$C$7*$H$126","v":4},{"$f":"$D$7*$H$126","v":3.2},{"$f":"$E$7*$H$126","v":2.4000000000000004},{"$f":"$F$7*$H$126","v":1.6},"è",0.05]
["10th",{"$f":"$B$7*$H$127","v":4.32},{"$f":"$C$7*$H$127","v":3.5999999999999996},{"$f":"$D$7*$H$127","v":2.88},{"$f":"$E$7*$H$127","v":2.16},{"$f":"$F$7*$H$127","v":1.44},"è",4.4999999999999998E-2]
["11th",{"$f":"$B$7*$H$128","v":3.84},{"$f":"$C$7*$H$128","v":3.2},{"$f":"$D$7*$H$128","v":2.56},{"$f":"$E$7*$H$128","v":1.92},{"$f":"$F$7*$H$128","v":1.28},"è",0.04]
["12th",{"$f":"$B$7*$H$129","v":3.5519999999999996},{"$f":"$C$7*$H$129","v":2.96},{"$f":"$D$7*$H$129","v":2.3679999999999999},{"$f":"$E$7*$H$129","v":1.7759999999999998},{"$f":"$F$7*$H$129","v":1.1839999999999999},"è",3.6999999999999998E-2]
["13th",{"$f":"$B$7*$H$130","v":3.1680000000000001},{"$f":"$C$7*$H$130","v":2.64},{"$f":"$D$7*$H$130","v":2.1120000000000001},{"$f":"$E$7*$H$130","v":1.5840000000000001},{"$f":"$F$7*$H$130","v":1.056},"è",3.3000000000000002E-2]
["14th",{"$f":"$B$7*$H$131","v":2.7840000000000003},{"$f":"$C$7*$H$131","v":2.3200000000000003},{"$f":"$D$7*$H$131","v":1.8560000000000001},{"$f":"$E$7*$H$131","v":1.3920000000000001},{"$f":"$F$7*$H$131","v":0.92800000000000005},"è",2.9000000000000001E-2]
["15th",{"$f":"$B$7*$H$132","v":2.4000000000000004},{"$f":"$C$7*$H$132","v":2},{"$f":"$D$7*$H$132","v":1.6},{"$f":"$E$7*$H$132","v":1.2000000000000002},{"$f":"$F$7*$H$132","v":0.8},"è",2.5000000000000001E-2]
["16th",{"$f":"$B$7*$H$133","v":2.016},{"$f":"$C$7*$H$133","v":1.6800000000000002},{"$f":"$D$7*$H$133","v":1.3440000000000001},{"$f":"$E$7*$H$133","v":1.008},{"$f":"$F$7*$H$133","v":0.67200000000000004},"è",2.1000000000000001E-2]
["17th",{"$f":"$B$7*$H$134","v":1.6320000000000001},{"$f":"$C$7*$H$134","v":1.36},{"$f":"$D$7*$H$134","v":1.0880000000000001},{"$f":"$E$7*$H$134","v":0.81600000000000006},{"$f":"$F$7*$H$134","v":0.54400000000000004},"è",1.7000000000000001E-2]
["18th",{"$f":"$B$7*$H$135","v":1.3440000000000001},{"$f":"$C$7*$H$135","v":1.1200000000000001},{"$f":"$D$7*$H$135","v":0.89600000000000002},{"$f":"$E$7*$H$135","v":0.67200000000000004},{"$f":"$F$7*$H$135","v":0.44800000000000001},"è",1.4E-2]
["19th",{"$f":"$B$7*$H$136","v":1.1520000000000001},{"$f":"$C$7*$H$136","v":0.96},{"$f":"$D$7*$H$136","v":0.76800000000000002},{"$f":"$E$7*$H$136","v":0.57600000000000007},{"$f":"$F$7*$H$136","v":0.38400000000000001},"è",1.2E-2]
["20th",{"$f":"$B$7*$H$137","v":0.96},{"$f":"$C$7*$H$137","v":0.8},{"$f":"$D$7*$H$137","v":0.64},{"$f":"$E$7*$H$137","v":0.48},{"$f":"$F$7*$H$137","v":0.32},"è",0.01]
["Totals",{"$f":"SUM(B118:B137)","v":96},{"$f":"SUM(C118:C137)","v":79.999999999999986},64.000000000000028,48,32.000000000000014,{"$f":"SUM(B138:F138)","v":320},{"$f":"SUM(H118:H137)","v":1.0000000000000004}]
[]
["For 1501 or More riders 30 places"]
["Placings","1D","2D","3D","4D","5D"]
["1st",{"$f":"$B$7*$H142","v":11.52},{"$f":"$C$7*$H142","v":9.6},{"$f":"$D$7*$H142","v":7.68},{"$f":"$E$7*$H142","v":5.76},{"$f":"$F$7*$H142","v":3.84},"è",0.12]
["2nd",{"$f":"$B$7*$H143","v":9.120000000000001},7.6,6.08,4.5600000000000005,3.04,"è",9.5000000000000001E-2]
["3rd",{"$f":"$B$7*$H144","v":7.0079999999999991},5.84,4.6719999999999997,3.5039999999999996,2.3359999999999999,"è",7.2999999999999995E-2]
["4th",{"$f":"$B$7*$H145","v":5.952},4.96,3.968,2.976,1.984,"è",6.2E-2]
["5th",4.8000000000000007,4,3.2,2.4000000000000004,1.6,"è",0.05]
["6th",4.32,3.5999999999999996,2.88,2.16,1.44,"è",4.4999999999999998E-2]
["7th",4.1280000000000001,3.4399999999999995,2.7519999999999998,2.0640000000000001,1.3759999999999999,"è",4.2999999999999997E-2]
["8th",3.84,3.2,2.56,1.92,1.28,"è",0.04]
["9th",3.5519999999999996,2.96,2.3679999999999999,1.7759999999999998,1.1839999999999999,"è",3.6999999999999998E-2]
["10th",3.3600000000000003,2.8000000000000003,2.2400000000000002,1.6800000000000002,1.1200000000000001,"è",3.5000000000000003E-2]
["11th",3.1680000000000001,2.64,2.1120000000000001,1.5840000000000001,1.056,"è",3.3000000000000002E-2]
["12th",2.976,2.48,1.984,1.488,0.99199999999999999,"è",3.1E-2]
["13th",2.7840000000000003,2.3200000000000003,1.8560000000000001,1.3920000000000001,0.92800000000000005,"è",2.9000000000000001E-2]
["14th",2.5920000000000001,2.16,1.728,1.296,0.86399999999999999,"è",2.7E-2]
["15th",2.4000000000000004,2,1.6,1.2000000000000002,0.8,"è",2.5000000000000001E-2]
["16th",2.3040000000000003,1.92,1.536,1.1520000000000001,0.76800000000000002,"è",2.4E-2]
["17th",2.2080000000000002,1.8399999999999999,1.472,1.1040000000000001,0.73599999999999999,"è",2.3E-2]
["18th",2.1120000000000001,1.7599999999999998,1.4079999999999999,1.056,0.70399999999999996,"è",2.1999999999999999E-2]
["19th",2.016,1.6800000000000002,1.3440000000000001,1.008,0.67200000000000004,"è",2.1000000000000001E-2]
["20th",1.92,1.6,1.28,0.96,0.64,"è",0.02]
["21st",1.8239999999999998,1.52,1.216,0.91199999999999992,0.60799999999999998,"è",1.9E-2]
["22nd",1.7279999999999998,1.44,1.1519999999999999,0.86399999999999988,0.57599999999999996,"è",1.7999999999999999E-2]
["23rd",1.6320000000000001,1.36,1.0880000000000001,0.81600000000000006,0.54400000000000004,"è",1.7000000000000001E-2]
["24th",1.536,1.28,1.024,0.76800000000000002,0.51200000000000001,"è",1.6E-2]
["25th",1.44,1.2,0.96,0.72,0.48,"è",1.4999999999999999E-2]
["26th",1.3440000000000001,1.1200000000000001,0.89600000000000002,0.67200000000000004,0.44800000000000001,"è",1.4E-2]
["27th",1.248,1.04,0.83199999999999996,0.624,0.41599999999999998,"è",1.2999999999999999E-2]
["28th",1.1520000000000001,0.96,0.76800000000000002,0.57600000000000007,0.38400000000000001,"è",1.2E-2]
["29th",1.056,0.87999999999999989,0.70399999999999996,0.52800000000000002,0.35199999999999998,"è",1.0999999999999999E-2]
["30th",0.96,0.8,0.64,0.48,0.32,"è",0.01]
["Totals",{"$f":"SUM(B142:B171)","v":96},{"$f":"SUM(C142:C171)","v":80},64.000000000000014,48,32.000000000000007,{"$f":"SUM(B172:F172)","v":320},{"$f":"SUM(H142:H171)","v":1.0000000000000002}]

{"sheet":"DON'T TOUCH","index":14,"n_rows":6,"n_cols":5,"rows_kept":6,"cut":false,"hidden":true,"merged":[]}
[]
["Yes",null,"S",5,"X"]
[null,null,"A",10]
[null,null,"Y",15]
[null,null,"P","BP"]
[null,null,null,"SCR"]